All Cities on a Map by Letter - S - Statistics

General Stats
  • This quiz has been taken 21 times
  • The average score is 272 of 5492
Answers on the Map
Answers color-coded by a green-red scale on the quiz's map according to % correct below.
 
Answer Stats
Country City population City % Correct
Mali 41386 San
100%
United States 3364862 San Francisco
100%
Mexico 89122 San Francisco
100%
Philippines 80760 San Francisco
100%
Argentina 62001 San Francisco
100%
Philippines 59236 San Francisco
100%
El Salvador 21049 San Francisco
100%
Costa Rica 20209 San Francisco
100%
Guatemala 16787 San Francisco
100%
Honduras 14559 San Francisco
100%
Honduras 9017 San Francisco
100%
Japan 32849
100%
Norway 24898 Sand
88%
Philippines 14992 Santa
88%
Australia 4840600 Sydney
88%
Chile 7171000 Santiago
81%
Dominican Republic 1343423 Santiago
81%
Philippines 148580 Santiago
81%
Brazil 49360 Santiago
81%
Mexico 46784 Santiago
81%
Panama 45955 Santiago
81%
Philippines 28657 Santiago
81%
Philippines 19471 Santiago
81%
Costa Rica 12189 Santiago
81%
Peru 10449 Santiago
81%
Spain 99536 Santiago de Compostela
81%
Philippines 54637 Sara
81%
Sweden 995574 Stockholm
81%
India 18212 Sāhna
75%
Yemen 2545000 Sanaa
75%
India 26007 Sāndi
75%
United States 3057778 San Diego
75%
Venezuela 187215 San Diego
75%
Colombia 18531 San Diego
75%
United States 94723 Sandy
75%
United States 12738 Sandy
75%
United Kingdom 12172 Sandy
75%
United States 11746 Sandy
75%
Japan 93671 Sanjō
75%
United States 1771563 San Jose
75%
Philippines 153267 San Jose
75%
Philippines 150917 San Jose
75%
Philippines 79868 San Jose
75%
Philippines 65140 San Jose
75%
Philippines 43973 San Jose
75%
Philippines 26375 San Jose
75%
Philippines 21956 San Jose
75%
Philippines 17641 San Jose
75%
Philippines 150000 San Jose
75%
Costa Rica 1543000 San José
75%
Uruguay 36743 San José
75%
Colombia 25433 San José
75%
Colombia 23279 San José
75%
Puerto Rico 1809800 San Juan
75%
Argentina 471389 San Juan
75%
Dominican Republic 132177 San Juan
75%
Philippines 126347 San Juan
75%
Philippines 114068 San Juan
75%
Trinidad and Tobago 53588 San Juan
75%
Philippines 40507 San Juan
75%
United States 35674 San Juan
75%
Philippines 26674 San Juan
75%
Costa Rica 25978 San Juan
75%
Philippines 16363 San Juan
75%
Philippines 14912 San Juan
75%
Honduras 13405 San Juan
75%
Philippines 10688 San Juan
75%
United States 311639 Santa Ana
75%
El Salvador 277264 Santa Ana
75%
Philippines 203598 Santa Ana
75%
Philippines 61537 Santa Ana
75%
Venezuela 36925 Santa Ana
75%
Philippines 35688 Santa Ana
75%
Venezuela 33435 Santa Ana
75%
Colombia 25938 Santa Ana
75%
Guatemala 24380 Santa Ana
75%
Philippines 22581 Santa Ana
75%
Honduras 16009 Santa Ana
75%
Costa Rica 13186 Santa Ana
75%
Mexico 12372 Santa Ana
75%
Honduras 11777 Santa Ana
75%
Venezuela 9636 Santa Ana
75%
Syria 13020 Shīn
75%
United States 12085 St. Peter
75%
India 28306 Sāho
69%
Russia 5597763 Saint Petersburg
69%
Morocco 945101 Sale
69%
United Kingdom 134022 Sale
69%
Australia 13673 Sale
69%
Benin 12006 Sam
69%
United Kingdom 855569 Southampton
69%
United States 69002 Southampton
69%
United States 10320 Southampton
69%
United States 8555 Southampton
69%
United States 58200 St. Peters
69%
Turkey 100613 Sur
69%
Oman 120000 Şūr
69%
Canada 69895 Saint John
63%
India 9148 Sansa
63%
Dominican Republic 1128678 Santo Domingo
63%
Philippines 61092 Santo Domingo
63%
Cuba 46984 Santo Domingo
63%
Costa Rica 40072 Santo Domingo
63%
Philippines 37765 Santo Domingo
63%
Philippines 29041 Santo Domingo
63%
Nicaragua 12182 Santo Domingo
63%
Colombia 10759 Santo Domingo
63%
Brazil 23086000 São Paulo
63%
Liechtenstein 6039 Schaan
63%
Korea, South 23016000 Seoul
63%
United States 21639 St. John
63%
Canada 185565 St. John's
63%
United States 307762 St. Paul
63%
United States 260646 St. Petersburg
63%
Germany 2787724 Stuttgart
63%
Indonesia 552118 Surakarta
63%
India 50000 Sāha
56%
Grenada 33734 Saint George’s
56%
Canada 32935 Saint-Georges
56%
French Guiana 2742 Saint-Georges
56%
Antigua and Barbuda 22219 Saint John’s
56%
Sweden 12289 Sala
56%
Slovakia 21183 Šaľa
56%
Senegal 26945 Sali
56%
Algeria 13138 Sali
56%
Spain 33904 Salt
56%
Spain 38282 Sama
56%
Jordan 18659 Şammā
56%
United States 2069843 San Antonio
56%
Chile 86239 San Antonio
56%
Philippines 83060 San Antonio
56%
Philippines 70134 San Antonio
56%
Paraguay 69976 San Antonio
56%
Philippines 37450 San Antonio
56%
Philippines 35891 San Antonio
56%
Colombia 14400 San Antonio
56%
Colombia 12364 San Antonio
56%
Costa Rica 9942 San Antonio
56%
Philippines 8882 San Antonio
56%
El Salvador 1538525 San Salvador
56%
Mexico 28637 San Salvador
56%
Argentina 12733 San Salvador
56%
United States 3555253 Seattle
56%
Spain 1100000 Sevilla
56%
Colombia 41153 Sevilla
56%
Philippines 11376 Sevilla
56%
Bulgaria 1404116 Sofia
56%
United States 147347 St. George
56%
Fiji 88271 Suva
56%
United States 407625 Syracuse
56%
United States 34009 Syracuse
56%
India 693236 Salem
50%
United States 272331 Salem
50%
United States 44241 Salem
50%
United States 30646 Salem
50%
United States 25477 Salem
50%
United States 11805 Salem
50%
United States 9893 Salem
50%
Brazil 2417678 Salvador
50%
Cuba 45773 Salvador
50%
Austria 155021 Salzburg
50%
Argentina 169947 San Luis
50%
Cuba 88496 San Luis
50%
Guatemala 77395 San Luis
50%
Philippines 58551 San Luis
50%
Dominican Republic 56933 San Luis
50%
Philippines 36172 San Luis
50%
United States 35998 San Luis
50%
Philippines 35196 San Luis
50%
Cuba 33039 San Luis
50%
Philippines 29824 San Luis
50%
Spain 538000 Santa Cruz
50%
United States 165263 Santa Cruz
50%
Philippines 126735 Santa Cruz
50%
Philippines 123574 Santa Cruz
50%
Philippines 101125 Santa Cruz
50%
Philippines 63839 Santa Cruz
50%
Costa Rica 55104 Santa Cruz
50%
Philippines 54692 Santa Cruz
50%
Portugal 43005 Santa Cruz
50%
Philippines 42417 Santa Cruz
50%
Philippines 41366 Santa Cruz
50%
Brazil 37313 Santa Cruz
50%
Chile 34914 Santa Cruz
50%
Venezuela 29773 Santa Cruz
50%
Ecuador 11262 Santa Cruz
50%
Philippines 39000 Santa Cruz
50%
Philippines 289820 Santa Maria
50%
Brazil 243611 Santa Maria
50%
United States 144857 Santa Maria
50%
Philippines 57526 Santa Maria
50%
Philippines 34511 Santa Maria
50%
Philippines 34220 Santa Maria
50%
Philippines 30006 Santa Maria
50%
Philippines 25758 Santa Maria
50%
Brazil 9934 Santa Maria
50%
Argentina 26929 Santa María
50%
Chile 14452 Santa María
50%
El Salvador 10731 Santa María
50%
Colombia 10215 Santa María
50%
Argentina 9526 Santa María
50%
United Kingdom 518090 Sheffield
50%
United States 9334 Sheffield
50%
Sudan 259000 Singa
50%
Singapore 5983000 Singapore
50%
United States 207795 Sioux Falls
50%
Turkey 111789 Soma
50%
Japan 34645 Sōma
50%
United Kingdom 91703 Southport
50%
Australia 31908 Southport
50%
United States 9330 Southport
50%
United States 67103 Spring
50%
United States 28449 Spring
50%
United States 438889 Springfield
50%
United States 289041 Springfield
50%
United States 156240 Springfield
50%
United States 84309 Springfield
50%
United States 61642 Springfield
50%
United States 30894 Springfield
50%
United States 24952 Springfield
50%
United States 20866 Springfield
50%
United States 18985 Springfield
50%
United States 16984 Springfield
50%
Canada 16142 Springfield
50%
United States 9088 Springfield
50%
Pakistan 36468 Surab
50%
Indonesia 6556000 Surabaya
50%
India 6538000 Sūrat
50%
United States 1962998 Sacramento
44%
Brazil 26670 Sacramento
44%
France 19352 Saint-Lô
44%
Senegal 154555 Saint-Louis
44%
France 22530 Saint-Louis
44%
United States 221774 San Bernardino
44%
Paraguay 20491 San Bernardino
44%
Guatemala 17110 San Bernardino
44%
United States 194950 Santa Barbara
44%
Philippines 92187 Santa Barbara
44%
Philippines 67630 Santa Barbara
44%
Guatemala 44809 Santa Bárbara
44%
Honduras 41736 Santa Bárbara
44%
Brazil 30466 Santa Bárbara
44%
Guatemala 27708 Santa Bárbara
44%
Colombia 21413 Santa Bárbara
44%
Chile 13405 Santa Bárbara
44%
Mexico 10721 Santa Bárbara
44%
Venezuela 9809 Santa Bárbara
44%
Argentina 405683 Santa Fe
44%
United States 94032 Santa Fe
44%
Philippines 34471 Santa Fe
44%
Philippines 22102 Santa Fe
44%
Philippines 18276 Santa Fe
44%
Philippines 17802 Santa Fe
44%
United States 12828 Santa Fe
44%
Brazil 11378 Santa Fé
44%
Spain 15269 Santafé
44%
Philippines 414812 Santa Rosa
44%
United States 299986 Santa Rosa
44%
Argentina 102880 Santa Rosa
44%
Brazil 77519 Santa Rosa
44%
Philippines 75649 Santa Rosa
44%
Ecuador 56842 Santa Rosa
44%
Colombia 24694 Santa Rosa
44%
Paraguay 20306 Santa Rosa
44%
Argentina 15818 Santa Rosa
44%
Brazil 9792 Santa Rosa
44%
Brazil 1037775 São Luís
44%
Japan 1959313 Sapporo
44%
Belgium 10378 Spa
44%
United States 2127843 St. Louis
44%
France 291709 Strasbourg
44%
Bolivia 300000 Sucre
44%
Colombia 22480 Sucre
44%
Colombia 8880 Sucre
44%
United States 17231 Swansea
44%
United States 14603 Swansea
44%
Poland 396168 Szczecin
44%
United States 1169033 Salt Lake City
38%
India 403316 Salt Lake City
38%
United States 265529 Santa Clarita
38%
Sao Tome and Principe 71868 São Tomé
38%
Brazil 9972 São Tomé
38%
Bosnia and Herzegovina 244000 Sarajevo
38%
China 24073000 Shanghai
38%
China 7964000 Shenyang
38%
China 17619000 Shenzhen
38%
United States 278269 Shreveport
38%
North Macedonia 422540 Skopje
38%
United Kingdom 15314 Stanley
38%
Canada 8981 Stanley
38%
Falkland Islands (Islas Malvinas) 2213 Stanley
38%
United States 13231 Star
38%
United Kingdom 37610 Stirling
38%
United States 416005 Stockton
38%
Japan 28489 Sue
38%
Egypt 516959 Suez
38%
India 15711 Sāhar
31%
Canada 13134 Sainte-Marie
31%
United States 46432 Salina
31%
United States 32945 Salina
31%
United States 172995 Salinas
31%
Brazil 41699 Salinas
31%
Brazil 40178 Salinas
31%
Ecuador 35066 Salinas
31%
Uruguay 8626 Salinas
31%
Russia 1156659 Samara
31%
Iraq 140400 Sāmarrā’
31%
Philippines 8704 San Sebastian
31%
Guatemala 30724 San Sebastián
31%
El Salvador 14411 San Sebastián
31%
Colombia 9806 San Sebastián
31%
Puerto Rico 9309 San Sebastián
31%
Spain 94969 San Sebastián de los Reyes
31%
Cuba 247436 Santa Clara
31%
United States 129239 Santa Clara
31%
United States 10623 Santa Clara
31%
Portugal 9929 Santa Clara
31%
Italy 15350 Sava
31%
United States 316446 Savannah
31%
Ghana 22739 Seva
31%
Ukraine 547820 Sevastopol
31%
Iran 15290 Shāl
31%
China 4312192 Shantou
31%
Russia 4717 Shira
31%
United States 112823 Sioux City
31%
Russia 444989 Sochi
31%
United States 275725 South Bend
31%
United States 19903 Sparta
31%
United States 9921 Sparta
31%
United States 31251 Sterling
31%
United States 14670 Sterling
31%
United States 13273 Sterling
31%
United States 76484 St. Joseph
31%
Philippines 39091 Sual
31%
France 12909 Saint-André
25%
Morocco 20857 Saka
25%
Japan 12611 Saka
25%
Guatemala 71478 Salamá
25%
Philippines 91344 Salaman
25%
United Kingdom 103886 Salford
25%
United States 80352 Salisbury
25%
United Kingdom 45477 Salisbury
25%
United States 35730 Salisbury
25%
United States 13605 Salisbury
25%
United States 13388 Salisbury
25%
United States 11487 Salisbury
25%
United States 9217 Salisbury
25%
Argentina 535303 Salta
25%
Uzbekistan 513572 Samarkand
25%
United States 99507 San Angelo
25%
Philippines 132650 San Carlos
25%
Venezuela 83957 San Carlos
25%
Nicaragua 37461 San Carlos
25%
United States 29797 San Carlos
25%
Colombia 28597 San Carlos
25%
Uruguay 27471 San Carlos
25%
Colombia 14480 San Carlos
25%
Bolivia 6353 San Carlos
25%
Mexico 772828 San Luis Potosí
25%
El Salvador 290612 San Miguel
25%
Philippines 172073 San Miguel
25%
Argentina 157532 San Miguel
25%
Philippines 41809 San Miguel
25%
Philippines 30115 San Miguel
25%
Philippines 25356 San Miguel
25%
Philippines 19838 San Miguel
25%
Philippines 19753 San Miguel
25%
Philippines 18599 San Miguel
25%
Philippines 16424 San Miguel
25%
Philippines 15680 San Miguel
25%
Ecuador 8806 San Miguel
25%
Argentina 605767 San Miguel de Tucumán
25%
Philippines 285348 San Pablo
25%
Guatemala 52217 San Pablo
25%
Colombia 36341 San Pablo
25%
United States 31771 San Pablo
25%
Costa Rica 27671 San Pablo
25%
Philippines 26648 San Pablo
25%
Philippines 26320 San Pablo
25%
Colombia 12929 San Pablo
25%
Chile 10162 San Pablo
25%
Philippines 326001 San Pedro
25%
Argentina 75616 San Pedro
25%
Argentina 58430 San Pedro
25%
Mexico 49490 San Pedro
25%
Costa Rica 23977 San Pedro
25%
Colombia 18128 San Pedro
25%
Colombia 18029 San Pedro
25%
Belize 11767 San Pedro
25%
Chile 9726 San Pedro
25%
Côte d’Ivoire 390654 San-Pédro
25%
United States 91535 Santa Monica
25%
Philippines 9423 Santa Monica
25%
Turkmenistan 9585 Sarahs
25%
Philippines 25186 Sarrat
25%
Canada 266141 Saskatoon
25%
United States 375462 Scranton
25%
United States 9770 Sedona
25%
Germany 26767 Selm
25%
United States 24586 Selma
25%
United States 17442 Selma
25%
United States 11302 Selma
25%
Kazakhstan 6412 Shar
25%
United States 21868 Shelby
25%
United States 8706 Shelby
25%
India 12375 Sher
25%
United Kingdom 71715 Shrewsbury
25%
United States 38440 Shrewsbury
25%
Serbia 34188 Šid
25%
Italy 52812 Siena
25%
Ireland 19199 Sligo
25%
Croatia 160577 Split
25%
United States 458988 Spokane
25%
Sri Lanka 115826 Sri Jayewardenepura Kotte
25%
United States 99936 St. Augustine
25%
Norway 146011 Stavanger
25%
United States 19267 St. Michael
25%
United Kingdom 245000 Stoke-on-Trent
25%
Norway 11657 Stokke
25%
India 26142 Suār
25%
Colombia 19690 Suárez
25%
Canada 568322 Surrey
25%
United Kingdom 58880 Sutton
25%
United States 9383 Sutton
25%
China 5324476 Suzhou
25%
China 4330000 Suzhou
25%
Germany 183509 Saarbrücken
19%
India 14714 Sāhit
19%
United Kingdom 82146 Saint Albans
19%
United Kingdom 17580 Saint Andrews
19%
Grenada 12486 Saint David’s
19%
Canada 17347 Sainte-Catherine
19%
United Kingdom 183248 Saint Helens
19%
Italy 127186 Salerno
19%
United States 63510 San Clemente
19%
Chile 43269 San Clemente
19%
Philippines 13181 San Clemente
19%
United States 34099 San Dimas
19%
United States 48039 San Luis Obispo
19%
Costa Rica 163745 San Marcos
19%
United States 94078 San Marcos
19%
United States 74469 San Marcos
19%
El Salvador 74221 San Marcos
19%
Colombia 59976 San Marcos
19%
Guatemala 49115 San Marcos
19%
Nicaragua 29019 San Marcos
19%
Honduras 19978 San Marcos
19%
Mexico 12000 San Marcos
19%
Costa Rica 9993 San Marcos
19%
United States 12279 San Marino
19%
San Marino 4040 San Marino
19%
India 8748 Sānrha
19%
Mexico 16203 Santa Anita
19%
Brazil 80439 Santana
19%
Brazil 37035 Santana
19%
Brazil 24755 Santana
19%
Sao Tome and Principe 10290 Santana
19%
Romania 12460 Sântana
19%
Spain 174101 Santander
19%
Philippines 18527 Santander
19%
Brazil 418608 Santos
19%
United States 56218 Sarasota
19%
Russia 838042 Saratov
19%
Canada 72051 Sault Ste. Marie
19%
United States 13373 Sault Ste. Marie
19%
United Kingdom 50135 Scarborough
19%
United States 22747 Scarborough
19%
Trinidad and Tobago 17537 Scarborough
19%
United States 17370 Scott
19%
United States 242169 Scottsdale
19%
Australia 1979 Scottsdale
19%
United States 118398 Seaside
19%
United States 25759 Sebastian
19%
Burkina Faso 11298 Sebba
19%
United States 21536 Seymour
19%
United States 15914 Seymour
19%
Australia 6569 Seymour
19%
Tunisia 341999 Sfax
19%
Ireland 9222 Shannon
19%
China 613000 Shenzhou
19%
United States 19035 Sheridan
19%
United States 73984 Sherman
19%
Iran 1565572 Shīrāz
19%
Philippines 81689 Siasi
19%
United States 82129 Silver Spring
19%
United States 20165 Silver Spring
19%
United States 56285 Smyrna
19%
United States 55066 Smyrna
19%
United States 13031 Smyrna
19%
Philippines 25073 Soccorro
19%
Colombia 676014 Soledad
19%
United States 24476 Soledad
19%
Japan 35674 Sōsa
19%
Tunisia 314071 Sousse
19%
United Kingdom 160257 Southend
19%
United States 76025 Southfield
19%
United States 91836 South Gate
19%
United States 29551 Southgate
19%
United Kingdom 14454 Southgate
19%
United States 31044 Southlake
19%
United States 26277 South Salt Lake
19%
United States 109106 Sparks
19%
United Kingdom 70592 Stafford
19%
United States 29375 Stafford
19%
United States 17279 Stafford
19%
United States 10637 St. Albans
19%
United States 20953 St. Andrews
19%
Canada 11913 St. Andrews
19%
United States 71048 St. Charles
19%
United States 32733 St. Charles
19%
United States 133473 Sterling Heights
19%
United Kingdom 89663 Stevenage
19%
United States 9318 St. Francis
19%
United States 14152 St. Helens
19%
United States 13680 St. James
19%
United Kingdom 294773 Stockport
19%
United Kingdom 17275 Stone
19%
United States 96638 Suffolk
19%
United Kingdom 277417 Sunderland
19%
Peru 28286 Supe
19%
United States 149519 Surprise
19%
United States 117412 Saginaw
13%
United States 24467 Saginaw
13%
India 11522 Sahri
13%
France 172569 Saint-Étienne
13%
United Kingdom 16934 Saint Ives
13%
United Kingdom 10748 Saint Ives
13%
Haiti 160181 Saint-Marc
13%
Japan 1325843 Saitama
13%
Japan 98292 Saku
13%
Oman 331949 Şalālah
13%
Mexico 327169 Salamanca
13%
Spain 144866 Salamanca
13%
Chile 25326 Salamanca
13%
Samoa 600 Saleaula
13%
United States 14457 Salida
13%
Finland 51056 Salo
13%
Italy 10417 Salò
13%
Turkey 1356079 Samsun
13%
Guatemala 54189 San Benito
13%
United States 24677 San Benito
13%
Bolivia 13562 San Benito
13%
United States 42612 San Bruno
13%
Venezuela 282830 San Cristóbal
13%
Dominican Republic 232769 San Cristóbal
13%
Mexico 183509 San Cristóbal
13%
Cuba 29119 San Cristóbal
13%
Argentina 14389 San Cristóbal
13%
Norway 9904 Sande
13%
Germany 8699 Sande
13%
United States 107198 Sandy Springs
13%
Japan 22529 Sanga
13%
United States 38764 San Gabriel
13%
Philippines 18943 San Gabriel
13%
Mexico 16548 San Gabriel
13%
Ecuador 14497 San Gabriel
13%
United States 88531 San Leandro
13%
Nicaragua 12975 San Lucas
13%
Philippines 273306 San Mateo
13%
United States 103555 San Mateo
13%
Philippines 66663 San Mateo
13%
Venezuela 38062 San Mateo
13%
Venezuela 12905 San Mateo
13%
Guatemala 8946 San Mateo
13%
Honduras 719064 San Pedro Sula
13%
Argentina 215020 San Rafael
13%
Philippines 103097 San Rafael
13%
United States 60604 San Rafael
13%
Costa Rica 45965 San Rafael
13%
Mexico 29277 San Rafael
13%
Philippines 17795 San Rafael
13%
Honduras 13410 San Rafael
13%
Colombia 12578 San Rafael
13%
Bolivia 5000 San Rafael
13%
United States 85734 San Ramon
13%
Chile 94906 San Ramón
13%
Costa Rica 80566 San Ramón
13%
Nicaragua 30682 San Ramón
13%
Peru 14708 San Ramón
13%
Bolivia 5385 San Ramón
13%
Italy 52787 San Remo
13%
Colombia 515556 Santa Marta
13%
Brazil 331937 Santarém
13%
Portugal 62200 Santarém
13%
United States 59485 Santee
13%
United States 30335 Saratoga
13%
Italy 121021 Sassari
13%
Italy 40736 Sassuolo
13%
Germany 14727 Selb
13%
United Kingdom 17274 Selby
13%
India 21668 Senda
13%
Japan 1061177 Sendai
13%
France 9265 Séné
13%
United States 58041 Severn
13%
Canada 13477 Severn
13%
United Arab Emirates 1247749 Sharjah
13%
United Kingdom 18245 Shaw
13%
United States 68175 Shawnee
13%
United States 31511 Shawnee
13%
United States 73268 Sheboygan
13%
United Kingdom 21817 Sheldon
13%
United States 32915 Sherwood
13%
United States 20227 Sherwood
13%
Japan 45834 Shima
13%
Japan 33090 Shima
13%
Lithuania 104300 Šiauliai
13%
Mali 26633 Sibi
13%
United States 9574 Silver City
13%
United States 10445 Silverton
13%
Italy 17161 Sìnnai
13%
Turkey 365274 Sivas
13%
United Kingdom 21127 Skegness
13%
Norway 29307 Ski
13%
United Kingdom 15369 Skipton
13%
United States 66427 Skokie
13%
Russia 312896 Smolensk
13%
Philippines 41585 Socorro
13%
Brazil 40122 Socorro
13%
United States 36237 Socorro
13%
Colombia 31115 Socorro
13%
Philippines 25942 Socorro
13%
United States 8540 Socorro
13%
Cuba 10000 Sola
13%
Vanuatu 1200 Sola
13%
Croatia 23926 Solin
13%
United States 21275 Somers
13%
United States 23851 Somerset
13%
United States 18246 Somerset
13%
United States 12108 Somerset
13%
United States 80549 Somerville
13%
United States 12958 Somerville
13%
Australia 11336 Somerville
13%
India 150000 Soro
13%
Denmark 8271 Sorø
13%
Italy 15407 Sorrento
13%
United States 11926 South Miami
13%
United States 17563 South Ogden
13%
United States 26780 South Portland
13%
United States 64487 South San Francisco
13%
United Kingdom 75337 South Shields
13%
South Africa 1271628 Soweto
13%
United States 210388 Spartanburg
13%
United States 12551 Spearfish
13%
United States 105460 Spokane Valley
13%
United States 135806 Stamford
13%
United Kingdom 20742 Stamford
13%
Italy 12917 Statte
13%
Russia 450680 Stavropol
13%
Netherlands 24875 Stein
13%
Czechia 8609 Štětí
13%
United States 48818 Stillwater
13%
United States 19323 Stillwater
13%
United States 9228 Stillwater
13%
United States 17491 St. Matthews
13%
Canada 45732 St. Thomas
13%
United States 18058 Stuart
13%
Canada 166004 Sudbury
13%
United Kingdom 23912 Sudbury
13%
United States 19067 Sudbury
13%
United Kingdom 14950 Sudbury
13%
United States 109735 Sugar Land
13%
United States 21004 Sulphur
13%
Ukraine 256474 Sumy
13%
United States 153455 Sunnyvale
13%
United States 96633 Sunrise
13%
Colombia 12302 Susa
13%
Azerbaijan 4446 Şuşa
13%
Germany 10366 Süßen
13%
United States 11795 Sussex
13%
United Kingdom 222193 Swindon
13%
Germany 29121 Saalfeld
6%
Finland 8847 Saarijärvi
6%
Germany 34893 Saarlouis
6%
Germany 13347 Saarwellingen
6%
Brazil 115352 Sabará
6%
Morocco 15552 Sabbah
6%
South Africa 9148 Sabie
6%
Azerbaijan 30866 Sabirabad
6%
United States 20636 Saco
6%
Spain 17140 Sada
6%
Mayotte 11156 Sada
6%
Pakistan 34495 Sadda
6%
Mali 16066 Safo
6%
Japan 232359 Saga
6%
Azerbaijan 22116 Sahil
6%
United States 35012 Sahuarita
6%
United Kingdom 20985 Saint Austell
6%
France 29859 Saint-Cloud
6%
Reunion 319141 Saint-Denis
6%
France 115237 Saint-Denis
6%
France 11239 Saint-Jean
6%
Canada 100859 Saint-Jérôme
6%
France 14411 Saint-Maurice
6%
Saint Pierre and Miquelon 5223 Saint-Pierre
6%
Brazil 10887 Sairé
6%
Japan 19902 Sakae
6%
Thailand 16591 Sa Kaeo
6%
Madagascar 31183 Sakaraha
6%
Congo (Kinshasa) 17151 Sake
6%
Nigeria 388225 Saki
6%
Thailand 76000 Sakon Nakhon
6%
Ukraine 25146 Saky
6%
India 8649 Salar
6%
India 42594 Sālār
6%
Belarus 97818 Salihorsk
6%
United Kingdom 12640 Saltcoats
6%
Mexico 864431 Saltillo
6%
Brazil 134319 Salto
6%
Uruguay 104028 Salto
6%
Germany 105039 Salzgitter
6%
India 21006 Sāmba
6%
Madagascar 84039 Sambava
6%
Tanzania 34322 Same
6%
Timor-Leste 2100 Same
6%
Mali 12820 Samé
6%
United States 66375 Sammamish
6%
Greece 12506 Sámos
6%
Thailand 31887 Samut Prakan
6%
Thailand 60103 Samut Sakhon
6%
Thailand 25623 Samut Songkhram
6%
Philippines 24115 San Agustin
6%
Philippines 22096 San Agustin
6%
Colombia 34120 San Agustín
6%
Indonesia 32831 Sanana
6%
India 41530 Sānand
6%
Philippines 133727 San Andres
6%
Philippines 38480 San Andres
6%
Philippines 37454 San Andres
6%
Colombia 71946 San Andrés
6%
Guatemala 35465 San Andrés
6%
United States 12711 San Anselmo
6%
Argentina 112887 San Carlos de Bariloche
6%
Cuba 138504 Sancti Spíritus
6%
United States 24748 Sandusky
6%
United States 20422 Sandwich
6%
United States 10123 San Elizario
6%
Philippines 354666 San Fernando
6%
Venezuela 165135 San Fernando
6%
Argentina 163240 San Fernando
6%
Philippines 125640 San Fernando
6%
Spain 93645 San Fernando
6%
Trinidad and Tobago 82997 San Fernando
6%
Philippines 72224 San Fernando
6%
Philippines 63045 San Fernando
6%
Chile 58367 San Fernando
6%
Philippines 38626 San Fernando
6%
Mexico 29171 San Fernando
6%
Philippines 24171 San Fernando
6%
United States 23716 San Fernando
6%
Philippines 21600 San Fernando
6%
Mexico 11867 San Fernando
6%
Colombia 9776 San Fernando
6%
Colombia 9776 San Fernando
6%
Nicaragua 8549 San Fernando
6%
United States 62292 Sanford
6%
United States 30833 Sanford
6%
United States 22095 Sanford
6%
Afghanistan 20000 Sangīn
6%
Peru 127523 San Ignacio
6%
Paraguay 50468 San Ignacio
6%
Belize 26151 San Ignacio
6%
El Salvador 16000 San Ignacio
6%
Costa Rica 9016 San Ignacio
6%
Honduras 8796 San Ignacio
6%
United States 54756 San Jacinto
6%
Philippines 44351 San Jacinto
6%
Philippines 29686 San Jacinto
6%
Colombia 21644 San Jacinto
6%
Guatemala 13381 San Jacinto
6%
Philippines 52617 San Joaquin
6%
Chile 94492 San Joaquín
6%
Paraguay 16593 San Juan Bautista
6%
Guatemala 9404 San Juan Bautista
6%
Switzerland 78213 Sankt Gallen
6%
Paraguay 287977 San Lorenzo
6%
Argentina 196568 San Lorenzo
6%
Argentina 47626 San Lorenzo
6%
Honduras 41297 San Lorenzo
6%
United States 29453 San Lorenzo
6%
Nicaragua 23666 San Lorenzo
6%
Colombia 20403 San Lorenzo
6%
Guatemala 14085 San Lorenzo
6%
Guatemala 13930 San Lorenzo
6%
Puerto Rico 9381 San Lorenzo
6%
El Salvador 9194 San Lorenzo
6%
Bolivia 3000 San Lorenzo
6%
Malta 2117 Sannat
6%
Japan 114842 Sano
6%
Mali 22284 Sanso
6%
Benin 10784 Sanson
6%
Bolivia 3151676 Santa Cruz de la Sierra
6%
United States 19310 Santa Fe Springs
6%
Philippines 25966 Santa Lucia
6%
Venezuela 112357 Santa Lucía
6%
Cuba 53408 Santa Lucía
6%
Uruguay 16742 Santa Lucía
6%
Argentina 11589 Santa Lucía
6%
Colombia 11584 Santa Lucía
6%
United States 105231 San Tan Valley
6%
Brazil 20622 Santa Teresa
6%
Nicaragua 16891 Santa Teresa
6%
Brazil 13174 Santa Teresa
6%
Cuba 444851 Santiago de Cuba
6%
Argentina 911506 Santiago del Estero
6%
Philippines 14166 Santol
6%
El Salvador 53213 San Vicente
6%
Argentina 44529 San Vicente
6%
Philippines 33507 San Vicente
6%
Costa Rica 30998 San Vicente
6%
Colombia 18051 San Vicente
6%
Philippines 13118 San Vicente
6%
Philippines 12579 San Vicente
6%
Ecuador 10404 San Vicente
6%
Ecuador 9819 San Vicente
6%
Brazil 11026 São Félix
6%
Brazil 21312 São João
6%
Brazil 11886 São João
6%
Brazil 173559 São José
6%
Iran 42057 Sarāb
6%
United States 16304 Saraland
6%
United States 75599 Saratoga Springs
6%
United States 44070 Saratoga Springs
6%
Turkey 50766 Saray
6%
Turkey 19471 Saray
6%
Azerbaijan 10693 Saray
6%
Iran 309000 Sārī
6%
Iran 271467 Sartā
6%
India 14054 Sāsan
6%
Thailand 21498 Satun
6%
Rwanda 30941 Save
6%
Benin 31444 Savé
6%
Finland 31842 Savonlinna
6%
Spain 10172 Sax
6%
United States 76780 Schaumburg
6%
United States 68521 Schenectady
6%
United States 43128 Schertz
6%
Italy 38580 Schio
6%
Germany 25904 Schleswig
6%
United States 16755 Schofield Barracks
6%
Germany 41380 Schwabach
6%
Germany 30239 Schwandorf
6%
Germany 55067 Schweinfurt
6%
Germany 98733 Schwerin
6%
Switzerland 15181 Schwyz
6%
United Kingdom 79977 Scunthorpe
6%
United Kingdom 23864 Seaford
6%
United States 15884 Seaford
6%
United States 24868 Seal Beach
6%
Brazil 18620 Seara
6%
United States 23115 Searcy
6%
United States 21437 Secaucus
6%
South Africa 40198 Secunda
6%
France 16727 Sedan
6%
United States 31789 Seguin
6%
Finland 66271 Seinäjoki
6%
Korea, South 204088 Sejong
6%
Georgia 21596 Senaki
6%
Slovakia 20116 Senec
6%
United States 8910 Seneca
6%
France 27275 Sens
6%
Serbia 20302 Senta
6%
Japan 14878 Sera
6%
India 39341 Seram
6%
Slovakia 15737 Sered’
6%
Gambia, The 382096 Serekunda
6%
Brazil 321181 Serra
6%
Greece 58400 Sérres
6%
Portugal 10000 Setúbal
6%
United States 45002 Shakopee
6%
China 2041231 Shangzhou
6%
United Kingdom 9120 Shanklin
6%
Russia 8000 Sharya
6%
United States 18259 Shenandoah
6%
China 48121 Shenze
6%
United States 14351 Shepherdsville
6%
Australia 32067 Shepparton
6%
China 80773 Shiji
6%
China 37402 Shiji
6%
China 4098243 Shijiazhuang
6%
United Kingdom 10049 Shildon
6%
Ethiopia 95491 Shirē
6%
India 17530 Shirva
6%
Iran 82689 Shīrvān
6%
India 8756 Shiu
6%
United States 59280 Shoreline
6%
United States 11913 Show Low
6%
Kazakhstan 35000 Shū
6%
Croatia 42599 Šibenik
6%
Romania 134308 Sibiu
6%
Turkey 11000 Side
6%
Mali 13877 Sido
6%
Lebanon 163554 Sidon
6%
Germany 42025 Siegburg
6%
Germany 102114 Siegen
6%
United States 45203 Sierra Vista
6%
Finland 21290 Siilinjärvi
6%
Turkey 160340 Siirt
6%
United States 18096 Siloam Springs
6%
Ukraine 332317 Simferopol
6%
United States 126503 Simi Valley
6%
United States 25125 Simpsonville
6%
Germany 65504 Sindelfingen
6%
Thailand 17843 Sing Buri
6%
Germany 49518 Singen
6%
Brazil 74831 Sinop
6%
Turkey 57404 Sinop
6%
Belgium 40672 Sint-Truiden
6%
Switzerland 34708 Sion
6%
Finland 22595 Sipoo
6%
Finland 15278 Sippola
6%
India 80000 Sīra
6%
Italy 116244 Siracusa
6%
Peru 14639 Sisa
6%
Spain 32405 Sitges
6%
Netherlands 37085 Sittard
6%
United Kingdom 54392 Sittingbourne
6%
Ukraine 10875 Siversk
6%
United Kingdom 38813 Skelmersdale
6%
Czechia 16740 Slaný
6%
United States 94220 Slidell
6%
United Kingdom 119070 Slough
6%
Poland 16495 Słubice
6%
Poland 87660 Słupsk
6%
United Kingdom 48180 Smethwick
6%
United States 22075 Smithfield
6%
United States 14033 Smithfield
6%
United States 11798 Smithfield
6%
United States 8729 Smithfield
6%
United States 115988 Smithtown
6%
Madagascar 15000 Soalala
6%
Finland 8126 Sodankylä
6%
Japan 8786 Soeda
6%
Norway 11260 Søgne
6%
Japan 69428 Sōja
6%
Japan 251390 Sōka
6%
Russia 34298 Sokol
6%
Mali 23338 Sokolo
6%
Czechia 22155 Sokolov
6%
India 39256 Solan
6%
Philippines 65287 Solano
6%
Colombia 25546 Solano
6%
Moldova 5883 Şoldăneşti
6%
United Kingdom 206674 Solihull
6%
Germany 161545 Solingen
6%
United States 23970 Solon
6%
China 19500 Solon
6%
Italy 17537 Sona
6%
Germany 21183 Sondershausen
6%
Thailand 61758 Songkhla
6%
Vietnam 106052 Sơn La
6%
Germany 23435 Sonneberg
6%
Brazil 14516 Sonora
6%
Italy 24884 Sora
6%
Moldova 22196 Soroca
6%
India 26722 Soron
6%
Finland 10274 Sotkamo
6%
Brazil 67259 Sousa
6%
United States 9714 South Amboy
6%
United States 55531 Southaven
6%
United Kingdom 18960 Southbourne
6%
United States 20488 South Burlington
6%
United States 13322 South Daytona
6%
United States 19413 South El Monte
6%
United States 68161 South Hill
6%
United States 16017 South Houston
6%
United States 80331 South Jordan
6%
United States 21319 South Lake Tahoe
6%
United States 16007 South River
6%
United States 9407 Southside
6%
United States 13871 South Sioux City
6%
United States 20633 South St. Paul
6%
United States 34322 Spanaway
6%
United States 43632 Spanish Fork
6%
Jamaica 131056 Spanish Town
6%
United States 11961 Spencer
6%
United States 11393 Spencer
6%
Germany 51203 Speyer
6%
United States 87388 Springdale
6%
United States 15672 Springdale
6%
United States 10983 Springdale
6%
United States 188743 Spring Hill
6%
United States 69298 Spring Hill
6%
United States 8691 Spring Hill
6%
South Africa 121610 Springs
6%
United States 9489 Springs
6%
United States 219913 Spring Valley
6%
United States 32995 Spring Valley
6%
United States 32215 Spring Valley
6%
United States 35474 Springville
6%
Germany 48708 Stade
6%
United States 17958 Stanford
6%
United States 12865 St. Ann
6%
Switzerland 8393 Stans
6%
United States 9516 St. Anthony
6%
United States 38639 Stanton
6%
United States 25611 Starkville
6%
Germany 23940 Starnberg
6%
United States 79803 State College
6%
United States 495747 Staten Island
6%
United States 33705 Statesboro
6%
United States 116347 St. Cloud
6%
United States 61963 St. Cloud
6%
United States 13341 Steamboat Springs
6%
Moldova 7078 Ştefan Vodă
6%
Canada 17806 Steinbach
6%
Germany 10255 Steinen
6%
Germany 35456 Steinfurt
6%
Germany 11596 Stelle
6%
South Africa 77476 Stellenbosch
6%
Czechia 13264 Šternberk
6%
United States 25497 Stevens Point
6%
United Kingdom 9230 Stevenston
6%
Austria 38034 Steyr
6%
United States 18805 St. Marys
6%
United States 12612 St. Marys
6%
United States 35475 Stockbridge
6%
United Kingdom 82729 Stockton-on-Tees
6%
United States 59917 Stonecrest
6%
United Kingdom 11170 Stonehaven
6%
United States 11275 Storm Lake
6%
United Kingdom 13507 Strabane
6%
Czechia 22522 Strakonice
6%
Germany 59450 Stralsund
6%
United Kingdom 10320 Stranraer
6%
Moldova 18376 Straşeni
6%
United Kingdom 51387 Stratford
6%
Canada 33232 Stratford
6%
Canada 10927 Stratford
6%
New Zealand 5740 Stratford
6%
United Kingdom 30495 Stratford-upon-Avon
6%
Germany 49775 Straubing
6%
Slovenia 1945 Straža
6%
United States 9409 St. Stephens
6%
United States 11077 Sturgis
6%
United States 25285 Sugar Hill
6%
Germany 36986 Suhl
6%
Switzerland 10424 Suhr
6%
Honduras 17509 Sulaco
6%
United States 14732 Sullivan
6%
United States 16185 Sulphur Springs
6%
India 16116 Sultānābād
6%
Germany 16353 Sulzbach
6%
Faroe Islands 300 Sumba
6%
Brazil 17166 Sumé
6%
United States 51262 Summerville
6%
United States 22512 Summit
6%
United States 10896 Summit
6%
United States 8885 Summit
6%
United States 10674 Sumner
6%
Czechia 24969 Šumperk
6%
United States 68914 Sumter
6%
United States 38018 Sun City
6%
Sweden 99825 Sundsvall
6%
United States 17085 Sunland Park
6%
United States 199099 Sunrise Manor
6%
United States 22697 Sun Valley
6%
United States 26550 Superior
6%
United States 13136 Superior
6%
Thailand 26656 Suphan Buri
6%
Thailand 132040 Surat Thani
6%
Libya 76788 Surt
6%
United States 14992 Susanville
6%
Czechia 10783 Sušice
6%
United Kingdom 96475 Sutton Coldfield
6%
Japan 48972 Suwa
6%
Poland 68752 Suwałki
6%
Japan 12879 Suzu
6%
Japan 195250 Suzuka
6%
Czechia 16108 Svitavy
6%
United States 13302 Sweden
6%
Ireland 36924 Swords
6%
United States 12388 Sylacauga
6%
Bangladesh 479837 Sylhet
6%
Russia 10008 Sylva
6%
Poland 22389 Szczytno
6%
Hungary 157930 Szeged
6%
Hungary 96024 Székesfehérvár
6%
Hungary 147920 Szombathely
6%
Jordan 169434 Saḩāb
0%
Morocco 91903 Sa’ada
0%
India 11138 Saādatpur Aguāni
0%
Iran 17131 Sa‘ādat Shahr
0%
Egypt 20568 Şā al Ḩajar
0%
Austria 16700 Saalfelden am Steinernen Meer
0%
Finland 11710 Sääminki
0%
Canada 117735 Saanich
0%
Azerbaijan 17900 Saatlı
0%
Argentina 19715 Saavedra
0%
Morocco 28736 Sabaa Aiyoun
0%
Serbia 105432 Šabac
0%
Spain 222177 Sabadell
0%
Japan 68666 Sabae
0%
Iraq 254000 Sab‘ al Būr
0%
India 40333 Sabalgarh
0%
Costa Rica 10984 Sabalito
0%
India 18810 Sabalpur
0%
Dominican Republic 16272 Sabana de La Mar
0%
Colombia 22512 Sabana de Torres
0%
Puerto Rico 9476 Sabana Grande
0%
Colombia 33437 Sabanagrande
0%
Dominican Republic 31096 Sabana Grande de Boyá
0%
Dominican Republic 15466 Sabana Grande de Palenque
0%
Dominican Republic 13348 Sabana Iglesia
0%
Colombia 100049 Sabanalarga
0%
Colombia 84410 Sabanalarga
0%
Dominican Republic 11300 Sabana Yegua
0%
Colombia 82375 Sabaneta
0%
Dominican Republic 34540 Sabaneta
0%
Dominican Republic 10545 Sabaneta de Yásica
0%
Indonesia 38077 Sabang
0%
India 13224 Sābang
0%
Philippines 9621 Sabangan
0%
Panama 19052 Sabanitas
0%
Turkey 8843 Şabanözü
0%
Romania 9511 Săbăoani
0%
Niger 111490 Sabara Bangou
0%
Italy 19434 Sabaudia
0%
Brazil 8822 Sabáudia
0%
Pakistan 27915 Sabaur
0%
India 12030 Sabaur
0%
Bolivia 573 Sabaya
0%
Iran 53971 Şabbāshahr
0%
India 12200 Sabbavaram
0%
Libya 116016 Sabhā
0%
Spain 9592 Sabiñánigo
0%
Mexico 64811 Sabinas
0%
Brazil 14240 Sabinópolis
0%
Slovakia 12349 Sabinov
0%
Philippines 11588 Sablan
0%
Philippines 92598 Sablayan
0%
France 12194 Sablé-sur-Sarthe
0%
India 10607 Sabnima
0%
Brazil 13854 Saboeiro
0%
Madagascar 16471 Sabotsy
0%
Burkina Faso 15060 Sabou
0%
Colombia 12372 Saboyá
0%
Algeria 28555 Sabra
0%
Libya 102038 Şabrātah
0%
Portugal 12544 Sabugal
0%
Azerbaijan 22344 Sabunçu
0%
Saudi Arabia 228375 Şabyā
0%
Iran 243700 Sabzevār
0%
Bolivia 172466 Sacaba
0%
El Salvador 12299 Sacacoyo
0%
Guatemala 55398 Sacapulas
0%
Portugal 18469 Sacavém
0%
Romania 30920 Săcele
0%
India 45000 Sachīn
0%
Korea, South 113335 Sa-ch’on
0%
United States 29075 Sachse
0%
Italy 19864 Sacile
0%
Liberia 12117 Saclepea
0%
Romania 10720 Săcueni
0%
India 31737 Sadābād
0%
Madagascar 17000 Sadabe
0%
Yemen 51870 Şa‘dah
0%
India 12000 Sadalgi
0%
Thailand 21086 Sadao
0%
India 47960 Sadāseopet
0%
Pakistan 189876 Saddiqabad
0%
United States 14349 Saddle Brook
0%
United States 12616 Saddlebrooke
0%
Vietnam 214610 Sa Đéc
0%
India 14501 Sadhoa
0%
Mali 39305 Sadiola
0%
India 9418 Sādiqpur Maraul
0%
Japan 54304 Sado
0%
Burma 10496 Sadon
0%
Ukraine 14321 Sadovoye
0%
Kyrgyzstan 8606 Sadovoye
0%
India 19600 Sādpur
0%
India 27394 Sādri
0%
Denmark 8836 Sæby
0%
Egypt 28261 Safājā
0%
Iran 26933 Şafāshahr
0%
Pakistan 40000 Safdarabad
0%
Pakistan 40000 Safdarabad
0%
United States 17040 Safety Harbor
0%
Sweden 8991 Säffle
0%
United States 10217 Safford
0%
United Kingdom 15504 Saffron Walden
0%
Morocco 323888 Safi
0%
Malta 2126 Safi
0%
India 34729 Safidon
0%
India 25688 Safīpur
0%
Syria 32213 Şāfītā
0%
Russia 37055 Safonovo
0%
Samoa 1270 Safotu
0%
Samoa 1000 Safotulafai
0%
Turkey 52999 Safranbolu
0%
Morocco 20984 Safsaf
0%
Philippines 11510 Sagada
0%
Japan 39854 Sagae
0%
Burma 69917 Sagaing
0%
Mali 15464 Sagala
0%
Japan 722973 Sagamihara
0%
India 54550 Sāgar
0%
India 13879 Sāgar
0%
Japan 25656 Sagara
0%
Georgia 10871 Sagarejo
0%
India 8512 Sāgarpur
0%
Russia 10 Sagastyr
0%
India 41490 Sagauli
0%
Philippines 148894 Sagay
0%
Philippines 12826 Sagay
0%
Philippines 24335 Sagbayan
0%
India 12893 Saghar Sultānpur
0%
Philippines 36841 Sagnay
0%
Benin 12160 Sagon
0%
Chile 17569 Sagrada Familia
0%
Cuba 44872 Sagua de Tánamo
0%
Cuba 53077 Sagua la Grande
0%
Philippines 17137 Saguday
0%
Canada 144723 Saguenay
0%
Philippines 26712 Saguiaran
0%
Spain 71377 Sagunto
0%
Ethiopia 9960 Sagurē
0%
India 30993 Sāgwāra
0%
Colombia 90487 Sahagún
0%
Madagascar 14885 Sahakevo
0%
Madagascar 14000 Sahalanona
0%
Madagascar 21000 Sahamadio
0%
Madagascar 17000 Sahamadio
0%
Madagascar 15850 Sahambala
0%
Madagascar 10000 Sahanivotry-Manandona
0%
India 9022 Sāhāpur
0%
India 705478 Sahāranpur
0%
India 9954 Saharbani
0%
Madagascar 12000 Saharefo
0%
India 156540 Saharsa
0%
India 11775 Sahasmal
0%
Madagascar 24877 Sahasoa
0%
India 24463 Sahaspur
0%
India 66204 Sahaswān
0%
Madagascar 16334 Sahatavy
0%
Madagascar 10000 Sahatona-Tamboharivo
0%
Madagascar 9000 Sahatsiho-Ambohimanjaka
0%
Madagascar 13000 Sahavalanina-Antenina
0%
Madagascar 28000 Sahavato
0%
Madagascar 15000 Sahave
0%
India 24457 Sahāwar
0%
Azerbaijan 2283 Şahbuz
0%
Morocco 18258 Sahel
0%
India 111954 Sāhibganj
0%
India 25128 Sāhibpur Kamāl
0%
India 10094 Sahidganj
0%
Pakistan 247706 Sahiwal
0%
India 25091 Sahjanwa
0%
Tunisia 21533 Sahline
0%
India 10878 Sahoria Subhai
0%
India 15273 Sāhpur
0%
India 11245 Sahsaul
0%
India 12012 Sahtāh
0%
Mexico 78477 Sahuayo de Morelos
0%
India 10688 Sahuli
0%
India 10519 Sahuria
0%
Thailand 14137 Sai Buri
0%
Algeria 128413 Saïda
0%
India 8614 Saidābād
0%
India 10444 Saidapet
0%
Iran 8626 Sa‘īdī
0%
Morocco 10514 Saidia
0%
India 9427 Saidoke
0%
Bangladesh 127104 Saidpur
0%
India 24338 Saidpur
0%
India 15008 Saidpur
0%
Pakistan 12000 Saidpur
0%
Bangladesh 200000 Saidpur
0%
India 41734 Saidpur Dabra
0%
Pakistan 65000 Saidu Sharif
0%
India 35500 Saiha
0%
Japan 106016 Saijō
0%
Japan 25184 Saikaichō-kobagō
0%
Japan 66497 Saiki
0%
Hong Kong 11927 Sai Kung Tuk
0%
India 176682 Sāila
0%
India 14372 Sailāna
0%
Thailand 23316 Sai Mai
0%
Turkey 13621 Saimbeyli
0%
Thailand 8918 Sai Ngam
0%
India 10397 Sāīnkhera
0%
Iran 11083 Şā’īn Qal‘eh
0%
United Kingdom 8591 Saint Agnes
0%
Canada 13322 Saint-Amable
0%
France 16042 Saint-Amand-les-Eaux
0%
France 9690 Saint-Amand-Montrond
0%
France 12786 Saint-André-de-Cubzac
0%
France 12695 Saint-André-les-Vergers
0%
United Kingdom 27630 Saint Annes on the Sea
0%
Jamaica 13671 Saint Ann’s Bay
0%
Haiti 32906 Saintard
0%
Canada 19907 Saint-Augustin-de-Desmaures
0%
France 12173 Saint-Avé
0%
France 15075 Saint-Avertin
0%
France 14828 Saint-Avold
0%
France 9496 Saint-Barthélemy-d’Anjou
0%
Canada 17053 Saint-Basile-le-Grand
0%
Reunion 35310 Saint-Benoît
0%
Philippines 28414 Saint Bernard
0%
France 14645 Saint-Brevin-les-Pins
0%
France 15209 Saint-Brice-sous-Forêt
0%
France 44607 Saint-Brieuc
0%
Canada 26273 Saint-Bruno-de-Montarville
0%
United Kingdom 13369 Saint Budeaux
0%
France 8669 Saint-Chamas
0%
France 35586 Saint-Chamond
0%
Canada 15285 Saint-Charles-Borromée
0%
France 8556 Saint-Claude
0%
Canada 17740 Saint-Colomban
0%
Canada 29954 Saint-Constant
0%
France 11995 Saint-Cyprien
0%
France 20451 Saint-Cyr-l’École
0%
France 16766 Saint-Cyr-sur-Loire
0%
France 11668 Saint-Cyr-sur-Mer
0%
France 19324 Saint-Dié-des-Vosges
0%
France 22811 Saint-Dizier
0%
France 9650 Saint-Doulchard
0%
Canada 12137 Sainte-Adèle
0%
Canada 12136 Sainte-Agathe-des-Monts
0%
Canada 15221 Sainte-Anne-des-Plaines
0%
France 21893 Sainte-Foy-lès-Lyon
0%
France 35714 Sainte-Geneviève-des-Bois
0%
France 17930 Saint-Égrève
0%
Canada 30045 Sainte-Julie
0%
Canada 9331 Sainte-Julienne
0%
France 16227 Sainte-Luce-sur-Loire
0%
Canada 19797 Sainte-Marthe-sur-le-Lac
0%
France 14394 Sainte-Maxime
0%
France 25312 Saintes
0%
France 10457 Sainte-Savine
0%
Canada 13375 Sainte-Sophie
0%
France 11673 Saint-Estève
0%
Haiti 21617 Sainte-Suzanne
0%
Canada 26533 Sainte-Thérèse
0%
France 28653 Saint-Étienne-du-Rouvray
0%
Canada 45276 Saint-Eustache
0%
France 14516 Saint-Fargeau
0%
Canada 10278 Saint-Félicien
0%
France 19549 Saint-Fons
0%
France 11869 Saint-Gaudens
0%
France 10530 Saint-Gély-du-Fesc
0%
France 21329 Saint-Genis-Laval
0%
France 14584 Saint-Genis-Pouilly
0%
France 40806 Saint-Germain-en-Laye
0%
France 11577 Saint-Germain-lès-Arpajon
0%
Belgium 23335 Saint-Ghislain
0%
France 14427 Saint-Gilles
0%
France 21297 Saint-Gratien
0%
France 9992 Saint-Grégoire
0%
South Africa 11529 Saint Helena Bay
0%
Jersey 33522 Saint Helier
0%
France 50561 Saint-Herblain
0%
India 44601 Sainthia
0%
France 12923 Saint-Hilaire-de-Riez
0%
Canada 57239 Saint-Hyacinthe
0%
France 13593 Saint-Jacques-de-la-Lande
0%
France 22088 Saint-Jean-de-Braye
0%
France 16608 Saint-Jean-de-la-Ruelle
0%
France 14690 Saint-Jean-de-Luz
0%
France 8809 Saint-Jean-de-Monts
0%
France 13300 Saint-Jean-de-Védas
0%
France 9702 Saint-Jean-d’Illac
0%
France 9534 Saint-Jean-le-Blanc
0%
Canada 97873 Saint-Jean-sur-Richelieu
0%
France 15925 Saint-Julien-en-Genevois
0%
France 11382 Saint-Junien
0%
Canada 22761 Saint-Lambert
0%
France 9941 Saint-Laurent-de-la-Salanque
0%
French Guiana 24287 Saint-Laurent-du-Maroni
0%
France 31645 Saint-Laurent-du-Var
0%
Canada 22354 Saint-Lazare
0%
France 16047 Saint-Leu-la-Forêt
0%
Canada 24030 Saint-Lin--Laurentides
0%
France 10057 Saint-Loubès
0%
Haiti 69592 Saint-Louis du Nord
0%
Haiti 59042 Saint-Louis du Sud
0%
France 9776 Saint-Lys
0%
France 47255 Saint-Malo
0%
France 21223 Saint-Mandé
0%
France 11036 Saint-Martin-Boulogne
0%
France 13962 Saint-Martin-de-Crau
0%
France 38022 Saint-Martin-d’Hères
0%
France 76010 Saint-Maur-des-Fossés
0%
France 10100 Saint-Max
0%
France 17691 Saint-Maximin-la-Sainte-Baume
0%
France 32749 Saint-Médard-en-Jalles
0%
Haiti 95216 Saint-Michel de l’Atalaye
0%
France 21536 Saint-Michel-sur-Orge
0%
France 73111 Saint-Nazaire
0%
United Kingdom 31165 Saint Neots
0%
Belgium 24251 Saint-Nicolas
0%
France 14358 Saint-Omer
0%
France 14229 Saint-Orens-de-Gameville
0%
France 53041 Saint-Ouen
0%
France 25614 Saint-Ouen-l’Aumône
0%
France 14114 Saint-Paul-lès-Dax
0%
Malta 32042 Saint Paul’s Bay
0%
France 8776 Saint-Paul-Trois-Châteaux
0%
Guernsey 18958 Saint Peter Port
0%
France 9392 Saint-Philbert-de-Grand-Lieu
0%
France 15698 Saint-Pierre-des-Corps
0%
France 9996 Saint-Pierre-du-Mont
0%
France 12071 Saint-Pierre-du-Perray
0%
France 20479 Saint-Pol-sur-Mer
0%
France 49193 Saint-Priest
0%
France 52995 Saint-Quentin
0%
France 15419 Saint-Rambert
0%
France 36632 Saint-Raphaël
0%
Canada 9615 Saint-Raymond
0%
France 9547 Saint-Rémy-de-Provence
0%
Guernsey 8966 Saint Sampson
0%
France 11121 Saint-Saulve
0%
Canada 9881 Saint-Sauveur
0%
France 28373 Saint-Sébastien-sur-Loire
0%
France 14963 Saint-Servan-sur-Mer
0%
France 9674 Saint-Sulpice-la-Pointe
0%
France 8508 Saint-Vallier
0%
Belgium 9682 Saint-Vith
0%
Canada 9618 Saint-Zotique
0%
Japan 28618 Saito
0%
Hong Kong 12985 Sai Wan Ho
0%
India 12247 Saiyān
0%
Hungary 11251 Sajószentpéter
0%
Benin 15111 Sakabansi
0%
India 8851 Sakaddi
0%
Japan 100829 Sakado
0%
Japan 824408 Sakai
0%
Japan 87945 Sakai
0%
Japan 24035 Sakai
0%
Japan 50577 Sakaidechō
0%
Japan 32012 Sakaiminato
0%
Saudi Arabia 241669 Sakākā
0%
Japan 13967 Sakaki
0%
India 16447 Sakardih
0%
Turkey 281489 Sakarya
0%
Japan 99235 Sakata
0%
Japan 12170 Sakawa
0%
Benin 114207 Sakété
0%
Egypt 14733 Sakhā
0%
Bangladesh 23429 Sakhipur
0%
India 12939 Sākhmohan
0%
Israel 31100 Sakhnīn
0%
India 8553 Sakhua
0%
Lithuania 5440 Šakiai
0%
Jordan 11586 Sākib
0%
Tunisia 125204 Sakiet ed Daier
0%
Tunisia 100000 Sakiet ez Zit
0%
India 11039 Sakkamapatti
0%
India 23352 Sakleshpur
0%
Madagascar 13000 Sakoabe
0%
Mali 18282 Sakouéba
0%
Pakistan 72040 Sakrand
0%
India 18002 Sakri
0%
United States 10727 Saks
0%
India 11961 Saksohāra
0%
India 30100 Saktī
0%
India 13123 Saktipur
0%
Zimbabwe 50000 Sakubva
0%
Japan 10042 Sakuho
0%
Japan 173740 Sakura
0%
Japan 44777 Sakura
0%
Japan 38677 Sakuragawa
0%
Japan 54346 Sakurai
0%
Canada 42787 Salaberry-de-Valleyfield
0%
Italy 12237 Sala Consilina
0%
Argentina 18349 Saladas
0%
Colombia 10076 Saladoblanco
0%
Ghana 25472 Salaga
0%
India 40000 Salaiya
0%
India 11377 Sālamedu
0%
Colombia 18704 Salamina
0%
Greece 30235 Salamína
0%
India 19406 Salangaippālaiyam
0%
Burkina Faso 24783 Salanso
0%
Latvia 17826 Salaspils
0%
Indonesia 175288 Salatiga
0%
Laos 100900 Salavan
0%
Russia 146633 Salavat
0%
Peru 13892 Salaverry
0%
Philippines 29998 Salay
0%
Thailand 11180 Salaya
0%
India 33246 Salāya
0%
Guatemala 21577 Salcajá
0%
Romania 9513 Salcea
0%
Dominican Republic 39557 Salcedo
0%
Philippines 22136 Salcedo
0%
Philippines 11110 Salcedo
0%
Lithuania 6841 Šalčininkai
0%
Colombia 14329 Saldaña
0%
South Africa 28142 Saldanha
0%
Latvia 9553 Saldus
0%
India 9546 Sālehpur
0%
Russia 51188 Salekhard
0%
Senegal 22111 Salémata
0%
Italy 9986 Salemi
0%
United States 14521 Salem Lakes
0%
India 12818 Salempur
0%
India 10340 Salempur
0%
Brazil 11411 Sales Oliveira
0%
Brazil 15202 Salesópolis
0%
Brazil 20279 Salgado
0%
Brazil 12131 Salgado de São Félix
0%
Colombia 17804 Salgar
0%
Hungary 30910 Salgótarján
0%
Brazil 61249 Salgueiro
0%
India 15549 Sāligrāma
0%
Turkey 165182 Salihli
0%
Malawi 36789 Salima
0%
India 604483 Salīmpur
0%
India 14314 Salīmpur
0%
Mexico 81063 Salina Cruz
0%
Brazil 14987 Salinas da Margarida
0%
Mexico 16821 Salinas de Hidalgo
0%
Mexico 86766 Salinas Victoria
0%
United States 8976 Saline
0%
Brazil 40922 Salinópolis
0%
Brazil 16633 Salitre
0%
Syria 35000 Şalkhad
0%
India 9757 Salkhua
0%
France 17041 Sallanches
0%
France 9633 Sallaumines
0%
India 30319 Sallimedu
0%
United States 8553 Sallisaw
0%
Iraq 117500 Salmān Bāk
0%
Iran 9656 Salmānshahr
0%
Iran 127864 Salmās
0%
Canada 19432 Salmon Arm
0%
United States 19594 Salmon Creek
0%
Brazil 13836 Saloá
0%
Madagascar 9000 Salobe
0%
Spain 12660 Salobreña
0%
France 44553 Salon-de-Provence
0%
Romania 15792 Salonta
0%
Uzbekistan 25521 Salor
0%
India 10664 Sālotgi
0%
Spain 30810 Salou
0%
Slovenia 392 Šalovci
0%
Turkey 10434 Şalpazarı
0%
Syria 23700 Salqīn
0%
Cabo Verde 6357 Sal Rei
0%
Germany 9169 Salsitz
0%
Russia 57937 Salsk
0%
Italy 19990 Salsomaggiore Terme
0%
Faroe Islands 150 Saltangará
0%
United Kingdom 16288 Saltash
0%
Paraguay 37600 Salto del Guairá
0%
Brazil 43748 Salto de Pirapora
0%
Brazil 9050 Salto Grande
0%
Ghana 24689 Saltpond
0%
Sweden 9491 Saltsjöbaden
0%
India 15171 Salua
0%
Philippines 32134 Salug
0%
India 248337 Salūmbar
0%
Italy 17470 Saluzzo
0%
Brazil 24129 Salvaterra
0%
Portugal 22159 Salvaterra de Magos
0%
Mexico 37203 Salvatierra
0%
Spain 10471 Salvatierra de Miño
0%
Azerbaijan 30396 Salyan
0%
Nepal 15000 Salyan
0%
Italy 12799 Salzano
0%
Germany 9279 Salzhemmendorf
0%
Germany 25283 Salzkotten
0%
Germany 23394 Salzwedel
0%
Mali 9808 Samabouro
0%
Colombia 20767 Samacá
0%
India 12149 Samādh Bhai
0%
India 78354 Samadiāla
0%
India 11266 Samahuta
0%
India 12697 Samāi
0%
Oman 80538 Samā’il
0%
Bolivia 4398 Samaipata
0%
India 10500 Sāmākhiāli
0%
Philippines 116771 Samal
0%
Philippines 38302 Samal
0%
India 19410 Sāmalāpuram
0%
India 40000 Samālkha
0%
India 56864 Sāmalkot
0%
India 11750 Sāmalpatti
0%
India 9250 Samalpur
0%
India 13161 Samālsar
0%
Egypt 91475 Samālūţ
0%
Samoa 45 Samamea
0%
Dominican Republic 58156 Samaná
0%
Colombia 25798 Samaná
0%
India 54072 Samāna
0%
Turkey 165494 Samandağ
0%
Colombia 49178 Samaniego
0%
Egypt 57177 Samannūd
0%
Italy 16026 Samarate
0%
Indonesia 831460 Samarinda
0%
Russia 9185 Samashki
0%
India 253136 Samāstipur
0%
Azerbaijan 39600 Şamaxı
0%
Guatemala 26665 Samayac
0%
India 11381 Samayanallūr
0%
Angola 21918 Samba Cango
0%
India 10542 Sambalhera
0%
India 335761 Sambalpur
0%
India 220813 Sambhal
0%
India 22327 Sāmbhar
0%
India 8948 Sambhu Chak
0%
Ukraine 34152 Sambir
0%
Philippines 20373 Samboan
0%
Ecuador 72425 Samborondón
0%
India 10755 Sāmbre
0%
Pakistan 71766 Sambrial
0%
Korea, South 69509 Samch’ŏk
0%
India 31479 Samdhin
0%
Bhutan 9325 Samdrup Jongkhar
0%
India 11646 Samesi
0%
Burma 32082 Sami
0%
India 12591 Sami
0%
Thailand 10696 Sam Ko
0%
Croatia 37435 Samobor
0%
Bulgaria 35384 Samokov
0%
Slovakia 13566 Šamorín
0%
Philippines 388305 Sampaloc
0%
Philippines 13629 Sampaloc
0%
India 9159 Sampgaon
0%
Thailand 17611 Sam Phran
0%
Indonesia 166773 Sampit
0%
Madagascar 11000 Sampona
0%
Colombia 37925 Sampués
0%
India 23218 Samrāla
0%
Cambodia 70944 Samraong
0%
Thailand 30382 Samrong
0%
India 15379 Samsikāpuram
0%
India 20227 Samthar
0%
Georgia 22201 Samtredia
0%
Bhutan 4981 Samtse
0%
Pakistan 73911 Samundri
0%
Azerbaijan 10228 Samux
0%
Spain 38490 San Adrián de Besós
0%
Guatemala 55508 San Agustín Acasaguastlán
0%
Guatemala 29590 San Agustín Chahal
0%
Spain 13762 San Agustín de Guadalix
0%
Mexico 9342 San Agustín de las Juntas
0%
Mexico 24467 San Agustín Loxicha
0%
Mexico 27118 San Agustín Tlaxiaca
0%
Egypt 43157 Şān al Ḩajar al Qiblīyah
0%
Colombia 26551 San Alberto
0%
El Salvador 17990 San Alejo
0%
India 9570 Sānampūdi
0%
Iran 412767 Sanandaj
0%
Mali 24033 Sanando
0%
Mexico 80118 San Andrés Cholula
0%
Argentina 26510 San Andrés de Giles
0%
Spain 27062 San Andrés de la Barca
0%
Spain 11933 San Andrés de Llevaneras
0%
Spain 29884 San Andrés del Rabanedo
0%
Colombia 47282 San Andrés de Sotavento
0%
Guatemala 35579 San Andrés Itzapa
0%
Guatemala 27962 San Andrés Sajcabajá
0%
Mexico 14335 San Andrés Timilpan
0%
Mexico 162428 San Andrés Tuxtla
0%
Guatemala 56060 San Andrés Villa Seca
0%
Guatemala 29849 San Andrés Xecul
0%
Brazil 16328 Sananduva
0%
Mali 37294 Sanankoroba
0%
Mali 13382 Sanankoro Djitoumou
0%
Colombia 33662 San Antero
0%
Spain 45335 San Antonio Abad
0%
Guatemala 12716 San Antonio Aguas Calientes
0%
Argentina 26897 San Antonio de Areco
0%
Ecuador 17500 San Antonio de Ibarra
0%
Cuba 13805 San Antonio de las Vueltas
0%
Venezuela 18144 San Antonio del Golfo
0%
El Salvador 41439 San Antonio del Monte
0%
Venezuela 74422 San Antonio de Los Altos
0%
Cuba 33811 San Antonio de los Baños
0%
Argentina 5482 San Antonio de los Cobres
0%
Cuba 25752 San Antonio del Sur
0%
Venezuela 61630 San Antonio del Táchira
0%
Colombia 13084 San Antonio del Tequendama
0%
Argentina 37775 San Antonio de Padua
0%
Mexico 110560 San Antonio Enchisi
0%
Guatemala 19311 San Antonio Huista
0%
Guatemala 30864 San Antonio Ilotenango
0%
Mexico 110560 San Antonio la Isla
0%
Guatemala 22493 San Antonio La Paz
0%
Argentina 16265 San Antonio Oeste
0%
Guatemala 15752 San Antonio Palopó
0%
Guatemala 20994 San Antonio Sacatepéquez
0%
Guatemala 65501 San Antonio Suchitepéquez
0%
Guatemala 42422 Sanarate
0%
Venezuela 48764 Sanare
0%
France 17938 Sanary-sur-Mer
0%
India 15536 Sānātikri
0%
United States 9048 Sanatoga
0%
India 23674 Sanaur
0%
Syria 13993 Şaḩnāyā
0%
Guatemala 12459 San Bartolo
0%
Spain 54116 San Bartolomé
0%
Spain 19443 San Bartolomé
0%
Guatemala 15777 San Bartolomé Jocotenango
0%
Guatemala 8642 San Bartolomé Milpas Altas
0%
El Salvador 9909 San Bartolomé Perulapía
0%
Mexico 17837 San Bartolo Tutotepec
0%
Mexico 12101 San Bartolo Yautepec
0%
Spain 84831 San Baudilio de Llobregat
0%
Italy 46957 San Benedetto del Tronto
0%
Colombia 26595 San Benito Abad
0%
Chile 301313 San Bernardo
0%
Colombia 21492 San Bernardo
0%
Argentina 11101 San Bernardo
0%
Colombia 34782 San Bernardo del Viento
0%
Italy 12652 San Biagio di Callalta
0%
Mexico 10187 San Blas
0%
Mexico 18406 San Blas Atempa
0%
Italy 21418 San Bonifacio
0%
Bolivia 24610 San Borja
0%
United States 109900 San Buenaventura
0%
Mexico 23413 San Buenaventura
0%
El Salvador 21901 San Buenaventura
0%
Colombia 9961 San Calixto
0%
Guatemala 31938 San Carlos Alzatate
0%
Argentina 11055 San Carlos Centro
0%
Philippines 205424 San Carlos City
0%
Colombia 11512 San Carlos de Guaroa
0%
Venezuela 56500 San Carlos del Zulia
0%
United States 18252 San Carlos Park
0%
Guatemala 36001 San Carlos Sija
0%
Mexico 9857 San Carlos Yautepec
0%
Italy 16456 San Casciano in Val di Pesa
0%
Italy 20939 San Cataldo
0%
Spain 18761 San Celoni
0%
Italy 15988 San Cesareo
0%
China 37675 Sanchahe
0%
Dominican Republic 24509 Sánchez
0%
Philippines 26164 Sanchez-Mira
0%
India 8954 Sānchi
0%
India 32875 Sānchor
0%
India 21000 Sancoale
0%
Guatemala 17987 San Cristóbal Cucho
0%
Guatemala 42937 San Cristóbal Totonicapán
0%
Guatemala 80613 San Cristóbal Verapaz
0%
Spain 98621 San Cugat del Vallés
0%
Japan 109243 Sandachō
0%
Malaysia 396290 Sandakan
0%
India 9232 Sandalpur
0%
Bulgaria 26914 Sandanski
0%
Mali 18328 Sandaré
0%
Faroe Islands 900 Sandavágur
0%
United Kingdom 21923 Sandbach
0%
Norway 66231 Sandefjord
0%
India 18057 Sānderao
0%
United Kingdom 12777 Sanderstead
0%
Germany 15421 Sandhausen
0%
United Kingdom 20373 Sandhurst
0%
United Kingdom 9123 Sandiacre
0%
United States 10142 San Diego Country Estates
0%
India 58346 Sandīla
0%
Cuba 37293 Sandino
0%
Philippines 72522 San Dionisio
0%
Philippines 39048 San Dionisio
0%
Nicaragua 16273 San Dionisio
0%
Norway 58694 Sandnes
0%
Poland 22189 Sandomierz
0%
Colombia 25220 Sandoná
0%
Italy 41535 San Donà di Piave
0%
Italy 32014 San Donato Milanese
0%
United States 9244 Sandpoint
0%
Madagascar 13000 Sandrakatsy
0%
Madagascar 28000 Sandrandahy
0%
Madagascar 10000 Sandravinany
0%
United Kingdom 11877 Sandridge
0%
United States 19973 Sand Springs
0%
South Africa 222415 Sandton
0%
Faroe Islands 600 Sandur
0%
India 37431 Sandūr
0%
Norway 115543 Sandvika
0%
Sweden 22965 Sandviken
0%
India 23348 Sāndwa
0%
United States 9718 Sandy Hook
0%
Iran 35508 Şaḩneh
0%
Philippines 36911 San Enrique
0%
Philippines 24177 San Enrique
0%
Paraguay 52983 San Estanislao
0%
Colombia 16518 San Estanislao
0%
Chile 17090 San Esteban
0%
Philippines 87428 San Fabian
0%
Spain 9227 San Fausto de Campcentellas
0%
Italy 10137 San Felice Circeo
0%
Italy 10697 San Felice sul Panaro
0%
Venezuela 220786 San Felipe
0%
Chile 64120 San Felipe
0%
Mexico 32831 San Felipe
0%
Guatemala 26640 San Felipe
0%
Philippines 25033 San Felipe
0%
Mexico 17143 San Felipe
0%
Mexico 100201 San Felipe del Progreso
0%
Mexico 27979 San Felipe Jalapa de Díaz
0%
Mexico 38472 San Felipe Orizatlán
0%
Spain 22934 San Felíu de Guixols
0%
Spain 46554 San Felíu de Llobregat
0%
Italy 13667 San Ferdinando di Puglia
0%
Spain 38980 San Fernando de Henares
0%
Mexico 8953 San Francisco Chimalpa
0%
Mexico 108697 San Francisco de la Piedad
0%
Mexico 61992 San Francisco de los Romo
0%
Mexico 71139 San Francisco del Rincón
0%
Dominican Republic 188118 San Francisco de Macorís
0%
Chile 12719 San Francisco de Mostazal
0%
Guatemala 65521 San Francisco El Alto
0%
Mexico 8980 San Francisco Ixhuatan
0%
Guatemala 9665 San Francisco la Unión
0%
Nicaragua 9416 San Francisco Libre
0%
El Salvador 53692 San Francisco Menéndez
0%
Argentina 91322 San Francisco Solano
0%
Guatemala 24763 San Francisco Zapotitlán
0%
Spain 9248 San Fructuoso de Bagés
0%
Mexico 13687 San Gabriel Chilac
0%
India 10693 Sangalbahīta
0%
India 10698 Sangam
0%
India 65804 Sangamner
0%
Iran 12443 Sangān
0%
India 8978 Sanganakallu
0%
Brazil 12882 Sangão
0%
Iran 12583 Sangar
0%
Russia 4633 Sangar
0%
Mali 45518 Sangarébougou
0%
India 72344 Sangāreddi
0%
United States 8517 Sangaree
0%
Guatemala 10581 San Gaspar Ixchil
0%
Mali 19496 Sangasso
0%
Spain 17914 Sangenjo
0%
Italy 12003 San Gennaro Vesuviano
0%
Romania 9149 Sângeorgiu de Mureş
0%
Romania 10931 Sângeorz-Băi
0%
United States 26515 Sanger
0%
United States 9302 Sanger
0%
Indonesia 1404785 Sangereng
0%
Germany 25300 Sangerhausen
0%
Puerto Rico 95622 San Germán
0%
Cuba 38097 San Germán
0%
Pakistan 434087 Sanghar
0%
India 17890 Sanghera
0%
India 9547 Sāngi
0%
Colombia 51874 San Gil
0%
Malta 13792 San Ġiljan
0%
Italy 42485 San Giorgio a Cremano
0%
Italy 9727 San Giorgio del Sannio
0%
Italy 9376 San Giorgio di Piano
0%
Italy 14231 San Giorgio Ionico
0%
Italy 15906 San Giovanni in Fiore
0%
Italy 9408 San Giovanni in Marignano
0%
Italy 27720 San Giovanni in Persiceto
0%
Italy 23725 San Giovanni la Punta
0%
Italy 25341 San Giovanni Lupatoto
0%
Italy 26235 San Giovanni Rotondo
0%
Italy 16571 San Giovanni Valdarno
0%
Italy 39444 San Giuliano Milanese
0%
Italy 30652 San Giuliano Terme
0%
Italy 30120 San Giuseppe Vesuviano
0%
Italy 11060 San Giustino
0%
Korea, South 102892 Sangju
0%
India 436639 Sāngli
0%
Cameroon 64227 Sangmélima
0%
India 28116 Sāngola
0%
Ecuador 96647 Sangolquí
0%
Spain 9648 Sangonera la Verde
0%
Pakistan 14587 Sangota
0%
India 10899 Sangrām
0%
India 24064 Sangrāmpur
0%
India 10379 Sangrāmpur
0%
Mexico 9671 San Gregorio Atzompa
0%
Dominican Republic 30268 San Gregorio de Nigua
0%
Italy 11485 San Gregorio di Catania
0%
Trinidad and Tobago 18127 Sangre Grande
0%
India 88043 Sangrūr
0%
Tajikistan 12686 Sangtŭda
0%
Philippines 20915 San Guillermo
0%
Malta 14720 San Ġwann
0%
China 9605 Sangyuan
0%
China 64700 Sangzishi
0%
India 31394 Sanha
0%
Brazil 18624 Sanharó
0%
China 760107 Sanhe
0%
China 22400 Sanhe
0%
China 20844 Sanhe
0%
Mexico 18952 San Ignacio Cerro Gordo
0%
Mexico 10606 San Ignacio Cohuirimpo
0%
Bolivia 10054 San Ignacio de Moxo
0%
Bolivia 23569 San Ignacio de Velasco
0%
Philippines 115713 San Ildefonso
0%
El Salvador 10015 San Ildefonso
0%
Philippines 79372 San Isidro
0%
Philippines 54372 San Isidro
0%
Costa Rica 45327 San Isidro
0%
Argentina 43595 San Isidro
0%
Philippines 30722 San Isidro
0%
Philippines 27867 San Isidro
0%
Philippines 27044 San Isidro
0%
Costa Rica 20633 San Isidro
0%
Nicaragua 17412 San Isidro
0%
Costa Rica 16625 San Isidro
0%
El Salvador 10533 San Isidro
0%
Philippines 9909 San Isidro
0%
Philippines 8519 San Isidro
0%
Argentina 21088 San Isidro de Lules
0%
Mexico 15720 San Jacinto Amilpas
0%
Ecuador 46779 San Jacinto de Buena Fe
0%
Colombia 13426 San Jacinto del Cauca
0%
India 8739 Sanjāt
0%
Spain 35872 San Javier
0%
Chile 29017 San Javier
0%
Argentina 13604 San Javier
0%
Bolivia 6048 San Javier
0%
Guatemala 28321 San Jerónimo
0%
Colombia 15361 San Jerónimo
0%
China 39398 Sanjiang
0%
China 38425 Sanjiang
0%
China 10860 Sanjiangkou
0%
China 14147 Sanjiang Nongchang
0%
China 20000 Sanjianxiang
0%
China 121812 Sanjiao
0%
China 43113 Sanjiao
0%
China 11196 Sanjiaocheng
0%
Argentina 19521 San Jorge
0%
Philippines 17579 San Jorge
0%
Guatemala 13525 San Jorge
0%
El Salvador 9115 San Jorge
0%
El Salvador 9115 San Jorge
0%
Guatemala 13938 San José Acatempa
0%
Costa Rica 11579 San Josecito
0%
Costa Rica 10506 San Josecito
0%
Venezuela 11162 San José de Aerocuar
0%
Nicaragua 42029 San José de Bocay
0%
Bolivia 16942 San José de Chiquitos
0%
Argentina 10282 San José de Feliciano
0%
Mexico 8896 San José de Gracia
0%
Venezuela 11426 San José de Guaribe
0%
Argentina 21018 San José de Jáchal
0%
Cuba 81261 San José de las Lajas
0%
Dominican Republic 38628 San José de Las Matas
0%
Mexico 136285 San José del Cabo
0%
Colombia 11364 San José del Fragua
0%
Colombia 68878 San José del Guaviare
0%
Philippines 651813 San Jose del Monte
0%
Mexico 91345 San José del Rincón Centro
0%
Chile 13376 San José de Maipo
0%
Dominican Republic 39451 San José de Ocoa
0%
Philippines 41182 San Jose de Urquico
0%
Guatemala 12017 San José El Ídolo
0%
El Salvador 9300 San José Guayabal
0%
Guatemala 9249 San José La Arada
0%
Guatemala 22768 San José Ojetenam
0%
Guatemala 89639 San José Pinula
0%
Guatemala 33932 San José Poaquil
0%
Mexico 18316 San José Tenango
0%
Mexico 52641 San José Villa de Allende
0%
El Salvador 9896 San José Villanueva
0%
Guatemala 26031 San Juan Atitán
0%
Mexico 37948 San Juan Cancuc
0%
United States 34998 San Juan Capistrano
0%
Guatemala 61634 San Juan Chamelco
0%
Guatemala 36298 San Juan Cotzal
0%
Mexico 22478 San Juan Cotzocón
0%
Spain 25918 San Juan de Alicante
0%
Colombia 8728 San Juan de Arama
0%
Spain 23090 San Juan de Aznalfarache
0%
Colombia 13437 San Juan de Betulia
0%
Costa Rica 19481 San Juan de Dios
0%
Chile 8831 San Juan de la Costa
0%
Colombia 39472 San Juan del Cesar
0%
Nicaragua 13455 San Juan de Limay
0%
Mexico 69725 San Juan de los Lagos
0%
Venezuela 87739 San Juan de los Morros
0%
Spain 9811 San Juan del Puerto
0%
Mexico 301237 San Juan del Río
0%
Mexico 11855 San Juan del Rio del Centauro del Norte
0%
Nicaragua 14741 San Juan del Sur
0%
Spain 8603 San Juan de Palamós
0%
Nicaragua 21114 San Juan de Río Coco
0%
Spain 35083 San Juan Despí
0%
Colombia 27149 San Juan de Urabá
0%
Spain 21162 San Juan de Vilasar
0%
Guatemala 18751 San Juan Ermita
0%
Mexico 33929 San Juan Evangelista
0%
Mexico 27646 San Juan Guichicovi
0%
Mexico 10535 San Juanito
0%
Mexico 9433 San Juanito de Escobedo
0%
Mexico 8752 San Juan Ixcaquixtla
0%
Guatemala 31081 San Juan Ixcoy
0%
Guatemala 13400 San Juan La Laguna
0%
Mexico 16972 San Juan Lalana
0%
Colombia 34012 San Juan Nepomuceno
0%
Paraguay 24243 San Juan Nepomuceno
0%
El Salvador 74280 San Juan Opico
0%
Mexico 23686 San Juan Otzolotepec
0%
Guatemala 284798 San Juan Sacatepéquez
0%
Guatemala 12825 San Juan Tecuaco
0%
Cuba 44344 San Juan y Martínez
0%
Mexico 19600 San Juan Zitlaltepec
0%
Philippines 14800 San Julian
0%
Bolivia 20687 San Julián
0%
El Salvador 18648 San Julián
0%
Mexico 15890 San Julián
0%
Argentina 7894 San Julián
0%
Argentina 136604 San Justo
0%
Argentina 47061 San Justo
0%
Thailand 17857 San Kamphaeng
0%
India 30502 Sankaramangalam
0%
India 70574 Sankaranayinār Kovil
0%
India 29467 Sankaridrug
0%
India 89627 Sankeshwar
0%
India 11039 Sankhavaram
0%
India 10924 Sankhavaram
0%
India 29114 Sānkrāil
0%
Austria 9957 Sankt Andrä
0%
Germany 56692 Sankt Augustin
0%
Germany 13203 Sankt Georgen im Schwarzwald
0%
Germany 35059 Sankt Ingbert
0%
Austria 11235 Sankt Johann im Pongau
0%
Austria 9750 Sankt Johann in Tirol
0%
Germany 13948 Sankt Leon-Rot
0%
Austria 55514 Sankt Pölten
0%
Austria 9340 Sankt Valentin
0%
Austria 12547 Sankt Veit an der Glan
0%
Germany 25503 Sankt Wendel
0%
Malta 748 San Lawrenz
0%
Paraguay 11509 San Lázaro
0%
Italy 32614 San Lazzaro di Savena
0%
Philippines 68536 San Leonardo
0%
Turkey 596637 Şanlıurfa
0%
Spain 9331 San Lorenzo de Descardazar
0%
Spain 18735 San Lorenzo de El Escorial
0%
Ecuador 28491 San Lorenzo de Esmeraldas
0%
Dominican Republic 35923 San Lorenzo de Guayubín
0%
Italy 9639 San Lorenzo della Costa
0%
Spain 69876 Sanlúcar de Barrameda
0%
Spain 14375 Sanlúcar la Mayor
0%
Guatemala 28819 San Lucas Sacatepéquez
0%
Guatemala 31805 San Lucas Tolimán
0%
Mexico 41884 San Luis Acatlán
0%
Mexico 11090 San Luis de La Loma
0%
Mexico 51894 San Luis de la Paz
0%
Argentina 15347 San Luis del Palmar
0%
Colombia 35022 San Luis de Sincé
0%
Guatemala 26874 San Luis Jilotepeque
0%
Mexico 176685 San Luis Río Colorado
0%
El Salvador 21675 San Luis Talpa
0%
Philippines 54271 San Manuel
0%
Honduras 53083 San Manuel
0%
Philippines 34085 San Manuel
0%
Philippines 28387 San Manuel
0%
Guatemala 9126 San Manuel Chaparrón
0%
Philippines 37719 San Marcelino
0%
Italy 12633 San Marco in Lamis
0%
Philippines 60124 San Mariano
0%
El Salvador 112065 San Martín
0%
Argentina 79476 San Martín
0%
Colombia 25902 San Martín
0%
Argentina 22046 San Martín
0%
Colombia 20452 San Martín
0%
Mexico 21511 San Martín de las Pirámides
0%
Spain 19927 San Martín de la Vega
0%
Colombia 14504 San Martín de Loba
0%
Argentina 36913 San Martín de los Andes
0%
Philippines 20283 San Martin De Porres
0%
Spain 8812 San Martín de Valdeiglesias
0%
Guatemala 94901 San Martín Jilotepeque
0%
Italy 16233 San Martino Buon Albergo
0%
Italy 13209 San Martino di Lupari
0%
Guatemala 33826 San Martín Sacatepéquez
0%
Mexico 163922 San Martin Texmelucan de Labastida
0%
Mexico 23573 San Martín Totolán
0%
Guatemala 13094 San Martín Zapotitlán
0%
Italy 8892 San Marzano di San Giuseppe
0%
Italy 10244 San Marzano sul Sarno
0%
Mexico 66740 San Mateo Atenco
0%
Mexico 14835 San Mateo del Mar
0%
Guatemala 60203 San Mateo Ixtatán
0%
Bolivia 5370 San Matías
0%
Italy 10278 San Maurizio Canavese
0%
Italy 12186 San Mauro Pascoli
0%
Italy 18581 San Mauro Torinese
0%
China 2034872 Sanmenxia
0%
Italy 11393 San Michele al Tagliamento
0%
Guatemala 36245 San Miguel Acatán
0%
Guatemala 36845 San Miguel Chicaj
0%
Mexico 69811 San Miguel de Allende
0%
Cuba 161072 San Miguel del Padrón
0%
Mexico 22750 San Miguel de Papasquiaro
0%
Ecuador 16751 San Miguel de Salcedo
0%
Guatemala 15562 San Miguel Dueñas
0%
Panama 315019 San Miguelito
0%
Nicaragua 17031 San Miguelito
0%
Guatemala 52452 San Miguel Ixtahuacán
0%
Mexico 23824 San Miguel Ocotenco
0%
Guatemala 12475 San Miguel Panán
0%
Guatemala 9869 San Miguel Sigüilá
0%
Mexico 12341 San Miguel Xoxtla
0%
China 2486450 Sanming
0%
Italy 27703 San Miniato
0%
Japan 48196 Sanmu
0%
Sudan 143059 Sannār
0%
Philippines 51058 San Narciso
0%
Philippines 30759 San Narciso
0%
Italy 9604 Sannicandro di Bari
0%
Italy 13779 Sannicandro Garganico
0%
Philippines 39778 San Nicolas
0%
Philippines 38895 San Nicolas
0%
Philippines 23908 San Nicolas
0%
Cuba 21563 San Nicolás
0%
Chile 10631 San Nicolás
0%
Mexico 9972 San Nicolas Buenos Aires
0%
Argentina 160000 San Nicolás de los Arroyos
0%
Mexico 443273 San Nicolás de los Garza
0%
Mexico 11734 San Nicolás de los Ranchos
0%
Romania 10627 Sânnicolau Mare
0%
South Africa 11016 Sannieshof
0%
Liberia 11415 Sanniquellie
0%
France 26772 Sannois
0%
Poland 35546 Sanok
0%
Colombia 51991 San Onofre
0%
Mexico 11236 San Pablo Atlazalpan
0%
Mexico 9313 San Pablo Huixtepec
0%
Guatemala 22490 San Pablo Jocopilas
0%
El Salvador 20366 San Pablo Tacachico
0%
Mexico 7547 San Pablo Villa de Mitla
0%
China 18381 Sanpaicun
0%
Italy 9281 San Pancrazio Salentino
0%
Philippines 69009 San Pascual
0%
Philippines 44449 San Pascual
0%
Mexico 8997 San Pedro Atocpan
0%
Guatemala 67946 San Pedro Ayampuc
0%
Guatemala 255006 San Pedro Carchá
0%
Venezuela 8756 San Pedro de Coche
0%
Peru 16198 San Pedro de Lloc
0%
Spain 28706 San Pedro del Pinatar
0%
Dominican Republic 195307 San Pedro de Macorís
0%
Spain 32121 San Pedro de Ribas
0%
Colombia 32328 San Pedro de Urabá
0%
Paraguay 35021 San Pedro de Ycuamandiyú
0%
Mexico 122659 San Pedro Garza García
0%
Mexico 10014 San Pedro Huamelula
0%
Mexico 11653 San Pedro Ixcatlán
0%
Mexico 8561 San Pedro Ixtlahuaca
0%
Mexico 12387 San Pedro Jicayán
0%
Guatemala 37990 San Pédro Jocopilas
0%
Guatemala 11828 San Pedro La Laguna
0%
El Salvador 25446 San Pedro Masahuat
0%
Mexico 48336 San Pedro Mixtepec
0%
Guatemala 41562 San Pedro Necta
0%
El Salvador 12000 San Pedro Nonualco
0%
El Salvador 44730 San Pedro Perulapán
0%
Guatemala 78244 San Pedro Pinula
0%
Mexico 13685 San Pedro Pochutla
0%
El Salvador 8588 San Pedro Puxtla
0%
Guatemala 85671 San Pedro Sacatepéquez
0%
Guatemala 56545 San Pedro Sacatepéquez
0%
Mexico 15152 San Pedro Tapanatepec
0%
Colombia 45396 San Pelayo
0%
Romania 11794 Sânpetru
0%
Italy 12834 San Pietro in Casale
0%
Italy 13022 San Pietro Vernotico
0%
Philippines 15365 San Policarpo
0%
Italy 12110 San Prisco
0%
India 14776 Sanquelim
0%
Philippines 33980 San Quintin
0%
Mexico 5433 San Quintín
0%
Costa Rica 23283 San Rafael Abajo
0%
Costa Rica 15262 San Rafael Arriba
0%
El Salvador 17069 San Rafael Cedros
0%
Nicaragua 17789 San Rafael del Norte
0%
Nicaragua 42417 San Rafael del Sur
0%
Dominican Republic 21967 San Rafael del Yuma
0%
Guatemala 18733 San Rafael La Independencia
0%
Guatemala 13850 San Rafael Las Flores
0%
El Salvador 11403 San Rafael Obrajuelo
0%
El Salvador 13290 San Rafael Oriente
0%
Guatemala 13786 San Rafael Petzal
0%
Guatemala 18352 San Rafael Pie de la Cuesta
0%
Guatemala 38891 San Raimundo
0%
Argentina 76070 San Ramón de la Nueva Orán
0%
Philippines 65744 San Remigio
0%
Philippines 34045 San Remigio
0%
India 19984 Sanrh Majhgawan
0%
Philippines 10500 San Ricardo
0%
Spain 34190 San Roque
0%
Philippines 29882 San Roque
0%
Philippines 19335 San Roque
0%
Colombia 16789 San Roque
0%
Argentina 10885 San Roque
0%
Guinea 11919 Sansalé
0%
Argentina 321789 San Salvador de Jujuy
0%
Mexico 30303 San Salvador El Seco
0%
Italy 19688 San Salvo
0%
Mali 23109 Sansanding
0%
Togo 41464 Sansanné-Mango
0%
Guatemala 13674 Sansare
0%
Guatemala 25935 San Sebastián Coatán
0%
Colombia 18865 San Sebastián de Buenavista
0%
Spain 9562 San Sebastián de la Gomera
0%
Colombia 32642 San Sebastián de Mariquita
0%
Nicaragua 26979 San Sebastián de Yalí
0%
Guatemala 43261 San Sebastián Huehuetenango
0%
Italy 8664 San Sebastiano al Vesuvio
0%
El Salvador 18566 San Sebastián Salitrillo
0%
Mexico 16241 San Sebastián Tutla
0%
Italy 15125 Sansepolcro
0%
Italy 11881 San Severino Marche
0%
Italy 49328 San Severo
0%
Philippines 59182 San Simon
0%
El Salvador 10102 San Simón
0%
Bosnia and Herzegovina 16913 Sanski Most
0%
Brazil 14018 Santa Adélia
0%
Mexico 46776 Santa Ana Chiautempan
0%
Bolivia 12783 Santa Ana de Yacuma
0%
Guatemala 10687 Santa Ana Huista
0%
Mexico 19013 Santa Ana Jilotzingo
0%
Mexico 12466 Santa Ana Maya
0%
Mexico 34374 Santa Ana Nextlalpan
0%
Guatemala 23751 Santa Apolonia
0%
Colombia 12610 Santa Bárbara de Pinto
0%
Brazil 183347 Santa Bárbara d’Oeste
0%
Brazil 13975 Santa Branca
0%
Spain 18551 Santa Brígida
0%
Brazil 14965 Santa Brígida
0%
Philippines 77501 Santa Catalina
0%
Philippines 14493 Santa Catalina
0%
Colombia 14039 Santa Catalina
0%
Mexico 10702 Santa Catarina Ayotzingo
0%
Guatemala 61274 Santa Catarina Ixtahuacán
0%
Mexico 15987 Santa Catarina Juquila
0%
El Salvador 10076 Santa Catarina Masahuat
0%
Guatemala 31709 Santa Catarina Mita
0%
Mexico 67611 Santa Catarina Otzolotepec
0%
Guatemala 87362 Santa Catarina Pinula
0%
Brazil 15546 Santa Cecília
0%
Mexico 38502 Santa Clara del Cobre
0%
Guatemala 10390 Santa Clara La Laguna
0%
Spain 13657 Santa Coloma de Farnés
0%
Spain 9319 Santa Comba
0%
Portugal 11597 Santa Comba Dão
0%
Italy 10979 Santa Croce Camerina
0%
Italy 14702 Santa Croce sull’ Arno
0%
Mexico 12814 Santa Cruz Amilpas
0%
Mexico 12984 Santa Cruz Atizapán
0%
Guatemala 10981 Santa Cruz Balanyá
0%
Brazil 29185 Santa Cruz Cabrália
0%
Brazil 11567 Santa Cruz da Baixa Verde
0%
Brazil 28864 Santa Cruz das Palmeiras
0%
Spain 13832 Santa Cruz de Bezana
0%
Spain 15565 Santa Cruz de la Palma
0%
Cuba 34907 Santa Cruz del Norte
0%
Venezuela 41579 Santa Cruz de Los Taques
0%
Guatemala 99479 Santa Cruz del Quiché
0%
Cuba 39919 Santa Cruz del Sur
0%
Brazil 98254 Santa Cruz do Capibaribe
0%
Brazil 8613 Santa Cruz do Monte Castelo
0%
Brazil 46442 Santa Cruz do Rio Pardo
0%
Brazil 133230 Santa Cruz do Sul
0%
El Salvador 12225 Santa Cruz Michapa
0%
Guatemala 16138 Santa Cruz Muluá
0%
Guatemala 17875 Santa Cruz Naranjo
0%
Guatemala 35878 Santa Cruz Verapaz
0%
Mexico 93188 Santa Cruz Xoxocotlán
0%
Mexico 18512 Santa Cruz Zenzontepec
0%
Ecuador 54565 Santa Elena
0%
Philippines 43582 Santa Elena
0%
Argentina 20538 Santa Elena
0%
Honduras 12162 Santa Elena
0%
Venezuela 29795 Santa Elena de Uairén
0%
Spain 27111 Santa Eugenia
0%
Guatemala 51910 Santa Eulalia
0%
Spain 41706 Santa Eulalia del Río
0%
Colombia 22613 Santa Fe de Antioquia
0%
Brazil 34794 Santa Fé do Sul
0%
Italy 11000 Santa Flavia
0%
Italy 10282 Sant’Agata de’ Goti
0%
Italy 11866 Sant’Agata di Militello
0%
Colombia 11579 Santa Genoveva de Docordó
0%
Brazil 23611 Santa Gertrudes
0%
Italy 8640 Sant’Agnello
0%
Brazil 41561 Santa Helena
0%
Brazil 25492 Santa Helena
0%
Brazil 38808 Santa Helena de Goiás
0%
Philippines 51626 Santa Ignacia
0%
Brazil 85014 Santa Inês
0%
Brazil 10300 Santa Inês
0%
Portugal 18240 Santa Iria da Azóia
0%
Brazil 57966 Santa Isabel
0%
Mexico 11498 Santa Isabel Cholula
0%
Brazil 8912 Santa Isabel do Ivaí
0%
Brazil 73019 Santa Isabel do Pará
0%
Brazil 25865 Santa Isabel do Rio Negro
0%
El Salvador 10241 Santa Isabel Ishuatán
0%
Philippines 26432 Santa Josefa
0%
Chile 13228 Santa Juana
0%
Brazil 15734 Santa Juliana
0%
Brazil 12197 Santa Leopoldina
0%
Guatemala 127683 Santa Lucía Cotzumalguapa
0%
Mexico 49459 Santa Lucía del Camino
0%
Italy 9143 Santa Lucia di Piave
0%
Guatemala 25668 Santa Lucia La Reforma
0%
Guatemala 17422 Santa Lucía Milpas Altas
0%
Guatemala 21790 Santa Lucía Utatlán
0%
Malta 3000 Santa Luċija
0%
Brazil 37834 Santaluz
0%
Brazil 220444 Santa Luzia
0%
Brazil 14959 Santa Luzia
0%
Brazil 12308 Santa Luzia
0%
Brazil 13616 Santa Luzia do Itanhy
0%
Philippines 17096 Santa Magdalena
0%
India 9687 Santamāgulūru
0%
Philippines 13317 Santa Marcela
0%
Brazil 16395 Santa Margarida
0%
Philippines 26816 Santa Margarita
0%
Spain 13757 Santa Margarita
0%
Spain 10549 Santa Margarita de Mombúy
0%
Italy 8515 Santa Margherita Ligure
0%
Mexico 9185 Santa María Ajoloapan
0%
Italy 13326 Santa Maria a Monte
0%
Mexico 41921 Santa María Atzompa
0%
Italy 14277 Santa Maria a Vico
0%
Italy 31906 Santa Maria Capua Vetere
0%
Mexico 20328 Santa María Chilchotla
0%
Guatemala 58918 Santa María Chiquimula
0%
Mexico 24076 Santa María Colotepec
0%
Brazil 40578 Santa Maria da Boa Vista
0%
Brazil 16548 Santa Maria das Barreiras
0%
Brazil 38604 Santa Maria da Vitória
0%
Spain 9367 Santa María de Cayón
0%
Venezuela 13161 Santa María de Ipire
0%
Brazil 10346 Santa Maria de Itabira
0%
Guatemala 26769 Santa María de Jesús
0%
Mexico 8918 Santa María del Tule
0%
Spain 10008 Santa María de Palautordera
0%
Italy 17378 Santa Maria di Sala
0%
Brazil 24624 Santa Maria do Pará
0%
Brazil 12788 Santa Maria do Suaçuí
0%
Mexico 45680 Santa María Huatulco
0%
Guatemala 26721 Santa María Ixhuatán
0%
Mexico 9474 Santa María Jacatepec
0%
Mexico 13148 Santa María Jalapa del Marqués
0%
Guatemala 70321 Santa María La Pila
0%
Brazil 10232 Santa Maria Madalena
0%
Brazil 11066 Santa Mariana
0%
Mexico 15387 Santa María Petapa
0%
Mexico 175518 Santa María Texmelucan
0%
Mexico 25130 Santa María Tonameca
0%
Mexico 8795 Santa María Xadani
0%
Italy 18397 Santa Marinella
0%
Spain 14661 Santa Marta de Tormes
0%
Italy 11846 Sant’Ambrogio di Valpolicella
0%
Philippines 111292 Santamesa
0%
Brazil 154105 Santana de Parnaíba
0%
Brazil 30628 Santana do Acaraú
0%
Brazil 16954 Santana do Cariri
0%
Brazil 46220 Santana do Ipanema
0%
Brazil 84421 Santana do Livramento
0%
Brazil 8987 Santana do Manhuaçu
0%
Brazil 12456 Santana do Matos
0%
Brazil 44800 Santana do Paraíso
0%
Italy 26170 Sant’Anastasia
0%
Colombia 180000 Santander de Quilichao
0%
Italy 8749 Sant’Angelo in Lizzola
0%
Italy 13331 Sant’Angelo Lodigiano
0%
China 48000 Santangpai
0%
Brazil 8716 Santanópolis
0%
Italy 32309 Sant’Antimo
0%
Italy 10645 Sant’Antìoco
0%
Italy 19065 Sant’Antonio Abate
0%
Spain 12887 Santañy
0%
United States 31202 Santa Paula
0%
Spain 25960 Santa Perpetua de Moguda
0%
Spain 38556 Santa Pola
0%
United States 15391 Santaquin
0%
Brazil 40183 Santa Quitéria
0%
Brazil 23957 Santa Quitéria do Maranhão
0%
Italy 22148 Sant’Arcangelo di Romagna
0%
Brazil 149910 Santa Rita
0%
Venezuela 134233 Santa Rita
0%
Philippines 48209 Santa Rita
0%
Philippines 42384 Santa Rita
0%
Venezuela 31810 Santa Rita
0%
Honduras 29927 Santa Rita
0%
Honduras 20301 Santa Rita
0%
Brazil 24833 Santa Rita do Passa Quatro
0%
Brazil 40635 Santa Rita do Sapucaí
0%
Colombia 73028 Santa Rosa de Cabal
0%
Argentina 19012 Santa Rosa de Calamuchita
0%
Honduras 61083 Santa Rosa de Copán
0%
El Salvador 34279 Santa Rosa de Lima
0%
Guatemala 21415 Santa Rosa de Lima
0%
Nicaragua 9529 Santa Rosa del Peñón
0%
Colombia 42003 Santa Rosa del Sur
0%
Colombia 37435 Santa Rosa de Osos
0%
Argentina 10873 Santa Rosa de Río Primero
0%
Brazil 23411 Santa Rosa de Viterbo
0%
Colombia 11329 Santa Rosa de Viterbo
0%
Mexico 86376 Santa Rosa Jauregui
0%
Mexico 14357 Santa Rosalía
0%
Italy 14986 Sant’Arpino
0%
Argentina 9040 Santa Sylvina
0%
El Salvador 139908 Santa Tecla
0%
Venezuela 260899 Santa Teresa del Tuy
0%
Italy 9335 Santa Teresa di Riva
0%
Brazil 10441 Santa Teresinha
0%
Brazil 10244 Santa Teresinha (2)
0%
Philippines 21559 Santa Teresita
0%
Philippines 19573 Santa Teresita
0%
Brazil 10645 Santa Terezinha de Goiás
0%
Spain 15386 Santa Úrsula
0%
Malta 6932 Santa Venera
0%
Brazil 20973 Santa Vitória
0%
Brazil 30983 Santa Vitória do Palmar
0%
India 12695 Sante Bennūr
0%
Italy 9751 Sant’Egidio alla Vibrata
0%
Italy 16503 Sant’Elpidio a Mare
0%
Philippines 19121 San Teodoro
0%
Italy 25713 Santeramo in Colle
0%
Italy 67713 Sant’Eufemia Lamezia
0%
Mexico 12683 Santiago Amoltepec
0%
Guatemala 44854 Santiago Atitlán
0%
Guatemala 10507 Santiago Chimaltenango
0%
Mexico 14066 Santiago de Anaya
0%
Equatorial Guinea 29366 Santiago de Baney
0%
Peru 25000 Santiago de Chuco
0%
El Salvador 9150 Santiago de La Frontera
0%
Spain 12373 Santiago del Teide
0%
El Salvador 18201 Santiago de María
0%
Colombia 35670 Santiago de Tolú
0%
Portugal 29749 Santiago do Cacém
0%
Mexico 18365 Santiago Ixcuintla
0%
Mexico 14135 Santiago Jocotepec
0%
Mexico 33401 Santiago Juxtlahuaca
0%
El Salvador 37399 Santiago Nonualco
0%
Mexico 26121 Santiago Papasquiaro
0%
Guatemala 36982 Santiago Sacatepéquez
0%
Mexico 10397 Santiago Suchilquitongo
0%
Mexico 10463 Santiago Tangamandapio
0%
El Salvador 19428 Santiago Texacuangos
0%
Mexico 64365 Santiago Tianguistenco
0%
Mexico 16078 Santiago Tulantepec
0%
Mexico 57466 Santiago Tuxtla
0%
Italy 11258 Sant’Ilario d’Enza
0%
Spain 8625 Santiponce
0%
Spain 11017 Sant Joan de Vilatorrada
0%
Andorra 9915 Sant Julià de Lòria
0%
Spain 20881 Sant Just Desvern
0%
Brazil 208944 Santo Agostinho
0%
Brazil 61702 Santo Amaro
0%
Brazil 27272 Santo Amaro da Imperatriz
0%
Brazil 17963 Santo Anastácio
0%
Brazil 748919 Santo André
0%
Portugal 10647 Santo André
0%
Brazil 76917 Santo Ângelo
0%
Sao Tome and Principe 2620 Santo António
0%
Brazil 37035 Santo Antônio
0%
Brazil 22177 Santo Antônio
0%
Brazil 44369 Santo Antônio da Platina
0%
Brazil 103055 Santo Antônio de Jesus
0%
Brazil 41325 Santo Antônio de Pádua
0%
Brazil 23244 Santo Antônio de Posse
0%
Brazil 17285 Santo Antônio do Amparo
0%
Brazil 51897 Santo Antônio do Descoberto
0%
Brazil 28211 Santo Antônio do Içá
0%
Brazil 10327 Santo Antônio do Jacinto
0%
Brazil 16999 Santo Antônio do Leverger
0%
Brazil 27295 Santo Antônio do Monte
0%
Brazil 14304 Santo Antônio dos Lopes
0%
Brazil 23673 Santo Antônio do Sudoeste
0%
Brazil 31918 Santo Antônio do Tauá
0%
Brazil 13902 Santo Augusto
0%
Philippines 25783 Santo Cristo
0%
Ecuador 334826 Santo Domingo de los Colorados
0%
Dominican Republic 948855 Santo Domingo Este
0%
Guatemala 48825 Santo Domingo Suchitepéquez
0%
Mexico 64639 Santo Domingo Tehuantepec
0%
Guatemala 14455 Santo Domingo Xenacoj
0%
Brazil 41145 Santo Estêvão
0%
Philippines 14878 San Tomas
0%
Spain 16320 Santomera
0%
Spain 10916 Santoña
0%
Philippines 39796 Santo Niño
0%
Philippines 28925 Santo Niño
0%
Philippines 28537 Santo Niño
0%
Philippines 12519 Santo Niño
0%
Brazil 42406 Santos Dumont
0%
Mexico 17583 Santos Reyes Nopala
0%
Italy 9849 Santo Stefano di Magra
0%
Italy 12655 Santo Stino di Livenza
0%
Portugal 71530 Santo Tirso
0%
Philippines 218500 Santo Tomas
0%
Philippines 128667 Santo Tomas
0%
Philippines 42846 Santo Tomas
0%
Philippines 40846 Santo Tomas
0%
Philippines 24528 Santo Tomas
0%
Colombia 32000 Santo Tomás
0%
El Salvador 25344 Santo Tomás
0%
Peru 25087 Santo Tomás
0%
Dominican Republic 16993 Santo Tomás de Jánico
0%
Mexico 9682 Santo Tomás de los Plátanos
0%
Guatemala 12800 Santo Tomás La Unión
0%
Argentina 65684 Santo Tomé
0%
Argentina 23299 Santo Tomé
0%
Andorra 22256 Sant Pere
0%
Spain 12915 Sant Sadurní d’Anoia
0%
Colombia 35422 Santuario
0%
Colombia 12826 Santuario
0%
Hong Kong 116022 San Tung Chung Hang
0%
Spain 46247 Santurce-Antiguo
0%
Japan 46723 Sanuki
0%
Italy 10814 San Valentino Torio
0%
Italy 9804 San Vendemiano
0%
Spain 101984 San Vicente de Baracaldo
0%
Peru 25829 San Vicente de Cañete
0%
Spain 10131 San Vicente de Castellet
0%
Colombia 28084 San Vicente de Chucurí
0%
Colombia 72949 San Vicente del Caguán
0%
Spain 60269 San Vicente del Raspeig
0%
Spain 28406 San Vicente dels Horts
0%
Chile 44046 San Vicente de Tagua Tagua
0%
Guatemala 18417 San Vicente Pacaya
0%
Dominican Republic 21009 San Víctor Abajo
0%
Costa Rica 14834 San Vito
0%
Italy 15187 San Vito al Tagliamento
0%
Italy 18103 San Vito dei Normanni
0%
Nepal 72621 Sanwal
0%
India 8833 Sānwas
0%
India 17365 Sānwer
0%
China 119517 Sanxi
0%
Taiwan 21239 Sanxing
0%
China 1031396 Sanya
0%
Taiwan 14995 Sanyi
0%
Japan 59648 Sanyō-Onoda
0%
Mali 11214 Sanzana
0%
Angola 68391 Sanza Pombo
0%
Colombia 9107 San Zenón
0%
China 1680000 Sanzhou
0%
Brazil 11410 Sào Amaro das Brotas
0%
Brazil 47640 São Benedito
0%
Brazil 18364 São Benedito do Rio Preto
0%
Brazil 32235 São Bento
0%
Brazil 31819 São Bento
0%
Brazil 10355 São Bento do Sapucaí
0%
Brazil 65437 São Bento do Sul
0%
Brazil 45360 São Bento do Una
0%
Brazil 26943 São Bernardo
0%
Brazil 810729 São Bernardo do Campo
0%
Brazil 60019 São Borja
0%
Portugal 10662 São Brás de Alportel
0%
Brazil 16666 São Caetano de Odivelas
0%
Brazil 165655 São Caetano do Sul
0%
Brazil 37126 São Caitano
0%
Brazil 254484 São Carlos
0%
Brazil 10282 São Carlos
0%
Brazil 95612 São Cristóvão
0%
Brazil 34266 São Desidério
0%
Brazil 13103 São Domingos
0%
Brazil 10327 São Domingos
0%
Brazil 9226 São Domingos
0%
Cabo Verde 2818 São Domingos
0%
Brazil 34034 São Domingos do Maranhão
0%
Brazil 17392 São Domingos do Prata
0%
Brazil 20283 São Felipe
0%
Portugal 12706 São Félix da Marinha
0%
Brazil 10625 São Félix do Araguaia
0%
Brazil 65418 São Félix do Xingu
0%
Brazil 36789 São Fidélis
0%
Cabo Verde 22227 São Filipe
0%
Brazil 52762 São Francisco
0%
Brazil 9051 São Francisco
0%
Brazil 17618 São Francisco de Assis
0%
Brazil 21893 São Francisco de Paula
0%
Brazil 38733 São Francisco do Conde
0%
Brazil 16286 São Francisco do Guaporé
0%
Brazil 12064 São Francisco do Maranhão
0%
Brazil 53746 São Francisco do Sul
0%
Brazil 58487 São Gabriel
0%
Brazil 26588 São Gabriel
0%
Brazil 18600 São Gabriel
0%
Brazil 51795 São Gabriel da Cachoeira
0%
Brazil 10282 São Geraldo
0%
Brazil 24255 São Geraldo do Araguaia
0%
Brazil 896744 São Gonçalo
0%
Brazil 115838 São Gonçalo do Amarante
0%
Brazil 35608 São Gonçalo do Amarante
0%
Brazil 11770 São Gonçalo do Pará
0%
Brazil 11850 São Gonçalo do Rio Abaixo
0%
Brazil 23959 São Gonçalo do Sapucaí
0%
Brazil 39513 São Gonçalo dos Campos
0%
Brazil 31819 São Gotardo
0%
Brazil 21028 São Jerônimo
0%
Brazil 10830 São Jerônimo da Serra
0%
Brazil 32687 São João Batista
0%
Brazil 20701 São João Batista
0%
Brazil 36573 São João da Barra
0%
Brazil 77387 São João da Boa Vista
0%
Portugal 21713 São João da Madeira
0%
Brazil 10667 São João da Ocalina
0%
Brazil 23930 São João da Ponte
0%
Portugal 11392 São João das Lampas
0%
Brazil 90225 São João del Rei
0%
Brazil 20689 São João de Pirabas
0%
Portugal 10579 São João de Ver
0%
Brazil 12247 São João do Araguaia
0%
Brazil 11246 São João do Manhuaçu
0%
Brazil 23910 São João do Paraíso
0%
Brazil 21421 São João do Piauí
0%
Sao Tome and Principe 3605 São João dos Angolares
0%
Brazil 25020 São João dos Patos
0%
Brazil 16889 São João dos Poleiros
0%
Brazil 13726 São João do Triunfo
0%
Brazil 15315 São João Evangelista
0%
Brazil 25565 São João Nepomuceno
0%
Brazil 25939 São Joaquim
0%
Brazil 48558 São Joaquim da Barra
0%
Brazil 34348 São Joaquim de Bicas
0%
Brazil 20037 São Joaquim do Monte
0%
Brazil 9378 São Jorge d’Oeste
0%
Brazil 18825 São José da Coroa Grande
0%
Brazil 20813 São José da Laje
0%
Brazil 30604 São José da Tapera
0%
Brazil 47286 São José de Mipibu
0%
Brazil 19067 São José de Piranhas
0%
Brazil 244579 São José de Ribamar
0%
Brazil 34843 São José do Belmonte
0%
Brazil 10546 São José do Calçado
0%
Brazil 11121 São José do Campestre
0%
Brazil 14167 São José do Cedro
0%
Brazil 8708 São José do Cerrito
0%
Brazil 31004 São José do Egito
0%
Brazil 10187 São José do Jacuípe
0%
Brazil 10187 São José do Jacuípe
0%
Brazil 25443 São José do Norte
0%
Brazil 50077 São José do Rio Pardo
0%
Brazil 22080 São José do Rio Preto
0%
Brazil 358523 São José do Rio Prêto
0%
Brazil 539313 São José dos Campos
0%
Brazil 204316 São José dos Pinhais
0%
Brazil 193547 São Leopoldo
0%
Brazil 44798 São Lourenço
0%
Brazil 90402 São Lourenço da Mata
0%
Brazil 12199 São Lourenço da Serra
0%
Brazil 19647 São Lourenço d’Oeste
0%
Brazil 41989 São Lourenço do Sul
0%
Brazil 13509 São Ludgero
0%
Brazil 33852 São Luís de Montes Belos
0%
Brazil 10822 São Luís do Curu
0%
Brazil 10337 São Luís do Paraitinga
0%
Brazil 30873 São Luís do Quitunde
0%
Brazil 34752 São Luís Gonzaga
0%
Brazil 17818 São Luís Gonzaga do Maranhão
0%
Portugal 23122 São Mamede de Infesta
0%
Brazil 37289 São Manuel
0%
Brazil 21084 São Marcos
0%
Portugal 14147 São Martinho do Bispo
0%
Brazil 132642 São Mateus
0%
Brazil 38829 São Mateus do Maranhão
0%
Brazil 36569 São Mateus do Sul
0%
Brazil 23537 São Miguel
0%
Brazil 32039 São Miguel Arcanjo
0%
Brazil 10334 São Miguel das Matas
0%
Brazil 10221 São Miguel de Touros
0%
Brazil 21900 São Miguel do Araguaia
0%
Brazil 44330 São Miguel d’Oeste
0%
Brazil 41366 São Miguel do Guamá
0%
Brazil 21635 São Miguel do Guaporé
0%
Brazil 29122 São Miguel do Iguaçu
0%
Brazil 61797 São Miguel dos Campos
0%
Brazil 17639 São Miguel do Tapuio
0%
India 22000 Saoner
0%
Brazil 32967 São Paulo de Olivença
0%
Brazil 16786 São Paulo do Potengi
0%
Brazil 34284 São Pedro
0%
Brazil 10927 São Pedro da Água Branca
0%
Brazil 106049 São Pedro da Aldeia
0%
Brazil 8690 São Pedro do Ivaí
0%
Brazil 13755 São Pedro do Piauí
0%
Portugal 16851 São Pedro do Sul
0%
Brazil 15577 São Pedro do Sul
0%
Brazil 18672 São Raimundo das Mangabeiras
0%
Brazil 38934 São Raimundo Nonato
0%
Brazil 10315 São Romão
0%
Brazil 79484 São Roque
0%
Brazil 58038 São Sebastião
0%
Brazil 34211 São Sebastião
0%
Brazil 25643 São Sebastião da Boa Vista
0%
Brazil 10441 São Sebastião da Grama
0%
Brazil 11040 São Sebastião de Lagoa de Roça
0%
Brazil 24428 São Sebastião do Caí
0%
Brazil 8815 São Sebastião do Curral
0%
Brazil 10079 São Sebastião do Maranhão
0%
Brazil 71796 São Sebastião do Paraíso
0%
Brazil 44430 São Sebastião do Passé
0%
Brazil 11670 São Sebastião do Uatumã
0%
Brazil 21219 São Sepé
0%
Brazil 17020 São Simão
0%
Brazil 17020 São Simão
0%
Brazil 13442 São Simão
0%
Brazil 10245 São Tiago
0%
Portugal 18065 São Tiago de Custoias
0%
Algeria 50000 Saoula
0%
Brazil 303551 São Vicente
0%
Brazil 19498 São Vicente Ferrer
0%
Brazil 16677 São Vicente Férrer
0%
Vietnam 9412 Sa Pa
0%
India 10721 Sapahi
0%
Turkey 46080 Sapanca
0%
Philippines 20490 Sapang Dalaga
0%
Indonesia 34460 Saparua
0%
Philippines 33580 Sapa Sapa
0%
India 16006 Sapatgrām
0%
Brazil 51306 Sapé
0%
Brazil 17963 Sapeaçu
0%
Nigeria 242652 Sapele
0%
Philippines 26697 Sapian
0%
Brazil 75648 Sapiranga
0%
Korea, South 10075 Sapkyo
0%
Bosnia and Herzegovina 12136 Sapna
0%
Burkina Faso 21148 Saponé
0%
Peru 12951 Saposoa
0%
Burkina Faso 26345 Sapouy
0%
Brazil 17729 Sapucaia
0%
United States 22268 Sapulpa
0%
Iran 165258 Saqqez
0%
Brazil 89559 Saquarema
0%
Egypt 227719 Sāqultah
0%
Iran 11195 Sarāb-e Tāveh-ye ‘Olyā
0%
Iran 12393 Sarābleh
0%
Thailand 60809 Saraburi
0%
Lebanon 10965 Sarafand
0%
Madagascar 12758 Sarahandrano
0%
Pakistan 73967 Sarai Alamgir
0%
India 15466 Sarai Jattān
0%
India 16196 Saraikela
0%
India 21747 Sarai Ranjan
0%
India 12186 Saraiya
0%
India 9060 Saraiya
0%
Iran 42179 Sarakhs
0%
India 9378 Sarakkayhalli
0%
India 17298 Sāram
0%
France 16866 Saran
0%
Madagascar 47000 Saranambana
0%
Albania 41000 Sarandë
0%
Brazil 22851 Sarandi
0%
Argentina 60752 Sarandí
0%
India 25200 Saranga
0%
Philippines 22515 Sarangani
0%
India 122368 Sarangāpuram
0%
India 37435 Sārangpur
0%
India 18993 Sārangpur
0%
Russia 2575 Saranpaul
0%
Russia 310898 Saransk
0%
India 22149 Sarapāka
0%
Costa Rica 57147 Sarapiquí
0%
Brazil 10369 Sarapuí
0%
Russia 89442 Sarapul
0%
Syria 39901 Sarāqib
0%
Venezuela 12535 Sarare
0%
India 21168 Sarāri
0%
Madagascar 9000 Sarasambo
0%
United States 12669 Sarasota Springs
0%
Vanuatu 1000 Saratamata
0%
India 19021 Sarauli
0%
India 9061 Sarauni
0%
India 11011 Sarauni Kalān
0%
India 9217 Saraunja
0%
Iran 60014 Sarāvān
0%
Colombia 55554 Saravena
0%
Philippines 64290 Saravia
0%
Iran 13795 Sarāyān
0%
Turkey 30834 Sarayköy
0%
Turkey 27771 Sarayönü
0%
Iran 8715 Sarbīsheh
0%
Hungary 11518 Sárbogárd
0%
France 58576 Sarcelles
0%
India 95911 Sardārshahr
0%
Iran 46412 Sardasht
0%
India 58490 Sardhana
0%
Costa Rica 14912 Sardinal
0%
Colombia 22583 Sardinata
0%
Uzbekistan 16000 Sardoba
0%
Iran 29739 Sardrūd
0%
India 40000 Sardulgarh
0%
India 22428 Sarea Khās
0%
Gambia, The 36134 Sareh Mowndeh
0%
India 14238 Saren
0%
India 8957 Sarenja
0%
Afghanistan 51075 Sar-e Pul
0%
Mali 19357 Saré-Yamou
0%
Italy 13129 Sarezzo
0%
Pakistan 659862 Sargodha
0%
India 13108 Sargūr
0%
Chad 103269 Sarh
0%
Pakistan 128958 Sarhari
0%
Philippines 161868 Sariaya
0%
Turkey 221733 Sarıçam
0%
Turkey 35537 Sarıgöl
0%
Turkey 15260 Sarıkamış
0%
Turkey 18457 Sarıkaya
0%
Malaysia 56228 Sarikei
0%
Tajikistan 38474 Sarikishty
0%
Turkey 13396 Sarıoğlan
0%
Uzbekistan 14300 Sariosiyo
0%
Uzbekistan 13700 Sariq
0%
Korea, North 307764 Sariwŏn
0%
Turkey 350454 Sarıyer
0%
Turkey 9282 Sarız
0%
India 11378 Sarjāpur
0%
Hungary 9093 Sarkad
0%
Nepal 9868 Sarkeghāṭ
0%
Turkey 10128 Şarkîkaraağaç
0%
Turkey 23707 Şarkışla
0%
Turkey 33466 Şarköy
0%
France 8786 Sarlat-la-Canéda
0%
Syria 15000 Sarmadā
0%
India 12043 Sarmastpur
0%
India 9571 Sarmera
0%
Argentina 10858 Sarmiento
0%
Syria 14530 Sarmīn
0%
Switzerland 10368 Sarnen
0%
India 86141 Sārni
0%
Canada 73944 Sarnia
0%
Italy 30559 Sarno
0%
Ukraine 28626 Sarny
0%
Italy 38442 Saronno
0%
Hungary 10583 Sárospatak
0%
India 17079 Sarotar
0%
India 9415 Sarpamāri
0%
Bhutan 4000 Sarpang
0%
India 30000 Sarpavaram
0%
Iran 34632 Sarpol-e Z̄ahāb
0%
Norway 54678 Sarpsborg
0%
Kazakhstan 14305 Sarqan
0%
France 12274 Sarrebourg
0%
France 20324 Sarreguemines
0%
Spain 13459 Sarria
0%
India 10762 Sarsai Nāwar
0%
India 18956 Sarsāwa
0%
India 18969 Sarso
0%
Germany 19896 Sarstedt
0%
Costa Rica 20349 Sartalillo
0%
Ukraine 10070 Sartana
0%
United States 19620 Sartell
0%
France 51570 Sartrouville
0%
Turkey 56523 Saruhanlı
0%
Kyrgyzstan 8501 Saruu
0%
Hungary 14200 Sárvár
0%
Iran 18187 Sarvestān
0%
Kazakhstan 38848 Saryaghash
0%
Kazakhstan 24314 Sarykemer
0%
Kazakhstan 4365 Saryshaghan
0%
Italy 21650 Sarzana
0%
France 9068 Sarzeau
0%
Brazil 36844 Sarzedo
0%
Japan 74778 Sasagawa
0%
Japan 31092 Sasaguri
0%
Colombia 9807 Sasaima
0%
India 358283 Sasarām
0%
Japan 242664 Sasebo
0%
Russia 2345 Saskylakh
0%
South Africa 76349 Sasolburg
0%
Turkey 12696 Sason
0%
Russia 21220 Sasovo
0%
Côte d’Ivoire 87945 Sassandra
0%
France 11579 Sassenage
0%
Germany 14566 Sassenberg
0%
Germany 12055 Sassenburg
0%
Netherlands 14886 Sassenheim
0%
Italy 14747 Sasso Marconi
0%
Finland 23515 Sastamala
0%
India 32330 Sāsthānkotta
0%
Mali 706 Satadougou
0%
India 10949 Satai
0%
India 37701 Satānā
0%
Portugal 12444 Sátão
0%
India 179147 Sātāra
0%
Kazakhstan 61883 Sätbayev
0%
United States 11250 Satellite Beach
0%
Sweden 11161 Säter
0%
India 8733 Sātgāchia
0%
India 9108 Satghara
0%
India 15000 Sathamba
0%
India 11486 Sathiāla
0%
India 11559 Sathmalpur
0%
Peru 10052 Satipo
0%
Brazil 16008 Sátiro Dias
0%
Russia 42062 Satka
0%
Bangladesh 113322 Sātkhira
0%
India 283004 Satna
0%
Hungary 12973 Sátoraljaújhely
0%
Japan 10969 Satoshō
0%
India 9303 Satravāda
0%
Azerbaijan 87400 Şatrovka
0%
Japan 20093 Satsuma
0%
Japan 91875 Satsumasendai
0%
Thailand 23418 Sattahip
0%
India 12827 Sattar
0%
Japan 49961 Satte
0%
India 12503 Sattēgālam
0%
India 56721 Sattenapalle
0%
India 38866 Sāttivayal
0%
Brazil 24278 Satuba
0%
Thailand 11444 Satuek
0%
India 9749 Sātulūru
0%
Romania 91520 Satu Mare
0%
Samoa 8000 Satupa‘itea
0%
India 8824 Satwār
0%
India 14428 Satwās
0%
India 15032 Satyāmangala
0%
India 70000 Satyamangalam
0%
India 11474 Satyavedu
0%
India 14590 Sātyūn
0%
Brazil 11438 Saubara
0%
Argentina 9115 Sauce
0%
Mexico 11004 Saucillo
0%
Brazil 10265 Saudade
0%
Iceland 2614 Sauðárkrókur
0%
Brazil 10478 Saúde
0%
Canada 13715 Saugeen Shores
0%
United States 19133 Saugerties
0%
India 274556 Saugor
0%
United States 28599 Saugus
0%
United States 13851 Sauk Rapids
0%
United States 9724 Sauk Village
0%
Latvia 3149 Saulkrasti
0%
Kazakhstan 9288 Saūmalköl
0%
Indonesia 149790 Saumlaki
0%
France 26074 Saumur
0%
India 81915 Saunda
0%
India 41215 Saundatti
0%
India 29999 Saundhonwāli
0%
India 12848 Saunshi
0%
India 21134 Saurh
0%
Angola 393000 Saurimo
0%
India 67459 Sausar
0%
France 8534 Sautron
0%
Spain 9278 Sauzal
0%
United States 32706 Savage
0%
India 12506 Sāvalgi
0%
Benin 35433 Savalou
0%
Haiti 29717 Savanette
0%
Laos 124000 Savannakhet
0%
Jamaica 22600 Savanna-la-Mar
0%
India 35563 Savanūr
0%
Bangladesh 384093 Savar
0%
Turkey 16765 Savaştepe
0%
India 20584 Sāvda
0%
Iran 220762 Sāveh
0%
Ghana 38074 Savelugu
0%
France 9465 Savenay
0%
France 11323 Saverne
0%
Italy 15810 Saviano
0%
Italy 21609 Savigliano
0%
Italy 9563 Savignano sul Panaro
0%
Italy 17842 Savignano sul Rubicone
0%
France 30630 Savigny-le-Temple
0%
France 37775 Savigny-sur-Orge
0%
Greenland 55 Savissivik
0%
Sweden 9684 Sävja
0%
Montenegro 364 Šavnik
0%
Italy 58194 Savona
0%
United States 8807 Savoy
0%
Turkey 24821 Savur
0%
Egypt 10571 Sawādah
0%
Indonesia 61427 Sawahlunto
0%
India 165000 Sawāi Mādhopur
0%
Sudan 43337 Sawākin
0%
Indonesia 197170 Sawangan
0%
Thailand 17148 Sawankhalok
0%
United Kingdom 8742 Sawbridgeworth
0%
Ghana 10555 Sawla
0%
Iraq 350000 Sawrān
0%
Algeria 21900 Sayada
0%
India 15908 Sāyalkudi
0%
Japan 148474 Sayama
0%
Japan 58593 Sayama
0%
Russia 4600 Sayanogorsk
0%
India 16857 Sāyarpuram
0%
Guatemala 99787 Sayaxché
0%
Syria 11215 Şaydā
0%
Syria 25194 Şaydnāyā
0%
Saudi Arabia 84818 Sayhāt
0%
Somalia 18600 Saylac
0%
Iraq 71557 Saymayl
0%
Mongolia 19891 Saynshand
0%
Japan 15508 Sayō
0%
Kazakhstan 32757 Sayram
0%
United States 45237 Sayreville
0%
Mexico 36778 Sayula
0%
Mexico 32721 Sayula de Alemán
0%
Yemen 68747 Say’ūn
0%
United States 15593 Sayville
0%
Iraq 61600 Sayyid Şādiq
0%
Tunisia 38895 Sbeitla
0%
Italy 48045 Scafati
0%
United States 10441 Scaggsville
0%
Italy 11246 Scalea
0%
Italy 25686 Scandiano
0%
Italy 49390 Scandicci
0%
United States 18005 Scarsdale
0%
United Kingdom 10408 Scartho
0%
France 20740 Sceaux
0%
United States 10727 Scenic Oaks
0%
Germany 9306 Schaafheim
0%
Belgium 132799 Schaarbeek
0%
Netherlands 15900 Schaesberg
0%
Switzerland 36587 Schaffhausen
0%
Netherlands 46553 Schagen
0%
Germany 10219 Schalksmühle
0%
Germany 11704 Scharbeutz
0%
Germany 13019 Scheeßel
0%
Liechtenstein 1091 Schellenberg
0%
Germany 19817 Schenefeld
0%
United States 29627 Schererville
0%
Germany 13565 Schermbeck
0%
Belgium 22952 Scherpenheuvel
0%
Netherlands 10128 Scherpenzeel
0%
Netherlands 61053 Scheveningen
0%
Netherlands 79279 Schiedam
0%
Germany 8532 Schierling
0%
Germany 15007 Schiffdorf
0%
Germany 20682 Schifferstadt
0%
Germany 15537 Schiffweiler
0%
Belgium 19585 Schilde
0%
United States 11454 Schiller Park
0%
France 34382 Schiltigheim
0%
Netherlands 12911 Schinnen
0%
Germany 19234 Schkeuditz
0%
Germany 10929 Schkopau
0%
Germany 9391 Schlangen
0%
Germany 13233 Schleiden
0%
Germany 8788 Schleiz
0%
Germany 10449 Schleusingen
0%
Switzerland 18731 Schlieren
0%
Germany 9987 Schlitz
0%
Germany 27520 Schloß Holte-Stukenbrock
0%
Germany 16126 Schlüchtern
0%
Germany 19984 Schmalkalden
0%
Germany 24970 Schmallenberg
0%
Germany 16343 Schmelz
0%
Germany 13607 Schmölln
0%
Germany 8659 Schnaittach
0%
Germany 14028 Schneeberg
0%
Germany 19169 Schneverdingen
0%
United States 12916 Schodack
0%
Germany 11010 Schönaich
0%
Germany 30402 Schönebeck
0%
Germany 19529 Schönefeld
0%
Germany 12769 Schongau
0%
Germany 11167 Schöningen
0%
Germany 10700 Schönwalde-Siedlung
0%
Netherlands 11922 Schoonhoven
0%
Germany 20238 Schopfheim
0%
Germany 40614 Schorndorf
0%
Germany 20932 Schortens
0%
Belgium 34462 Schoten
0%
Germany 10053 Schotten
0%
Germany 21231 Schramberg
0%
Germany 15309 Schriesheim
0%
Germany 18199 Schrobenhausen
0%
Brazil 20061 Schroeder
0%
Switzerland 9249 Schübelbach
0%
Germany 9665 Schulzendorf
0%
Germany 13387 Schüttorf
0%
United States 8811 Schuylkill
0%
Germany 62726 Schwäbisch Gmünd
0%
Germany 42743 Schwäbisch Hall
0%
Germany 14926 Schwabmünchen
0%
Germany 11726 Schwaigern
0%
Germany 9855 Schwaikheim
0%
Germany 17208 Schwalbach
0%
Germany 18661 Schwalmstadt
0%
Germany 19248 Schwalmtal
0%
Germany 20599 Schwanewede
0%
Germany 17370 Schwarzenbek
0%
Germany 15740 Schwarzenberg
0%
Germany 8572 Schwarzenbruck
0%
Austria 13810 Schwaz
0%
Austria 18026 Schwechat
0%
Germany 33635 Schwedt (Oder)
0%
South Africa 41226 Schweizer-Reineke
0%
Germany 28711 Schwelm
0%
Germany 46571 Schwerte
0%
Germany 21609 Schwetzingen
0%
Germany 11658 Schwieberdingen
0%
Italy 38967 Sciacca
0%
Italy 26854 Scicli
0%
Philippines 84308 Science City of Muñoz
0%
France 9074 Scionzier
0%
United States 19145 Scituate
0%
United States 10417 Scituate
0%
Australia 5013 Scone
0%
Italy 16042 Scordia
0%
Greenland 345 Scoresbysund
0%
Romania 10795 Scorniceşti
0%
Italy 18981 Scorzè
0%
United States 24667 Scotch Plains
0%
United States 10544 Scotchtown
0%
South Africa 11403 Scottburgh
0%
United States 10398 Scottdale
0%
United States 14406 Scottsbluff
0%
United States 15641 Scottsboro
0%
United States 12138 Scotts Valley
0%
Canada 21617 Scugog
0%
Brazil 46160 Seabra
0%
United States 18495 Seabrook
0%
United States 13617 Seabrook
0%
United Kingdom 15387 Seacombe
0%
United Kingdom 14246 Seacroft
0%
United States 18968 Seagoville
0%
United Kingdom 19971 Seaham
0%
United States 31143 SeaTac
0%
Nicaragua 32221 Sébaco
0%
Philippines 18816 Sebaste
0%
Brazil 9360 Sebastião Laranjeiras
0%
Algeria 39800 Sebdou
0%
Mali 39030 Sébékoro
0%
Mali 13445 Sébékoro
0%
Malaysia 946092 Seberang Jaya
0%
Brazil 11950 Seberi
0%
Romania 26490 Sebeş
0%
Ethiopia 49331 Sebeta
0%
Senegal 18582 Sébikhotane
0%
Turkey 10695 Şebin Karahisar
0%
Tajikistan 12736 Sebiston
0%
Germany 9537 Sebnitz
0%
United States 65138 Sebring
0%
Morocco 10676 Sebt Ait Ikkou
0%
Morocco 16362 Sebt Aït Saghiouchen
0%
Morocco 11311 Sebt Bni Garfett
0%
Morocco 15577 Sebt Bni Smith
0%
Morocco 24600 Sebt Gzoula
0%
Morocco 13225 Sebt Labrikiyne
0%
Serbia 10544 Sečanj
0%
Canada 10200 Sechelt
0%
Peru 50000 Sechura
0%
France 13011 Seclin
0%
Slovakia 8526 Sečovce
0%
India 213698 Secunderābād
0%
United States 38659 Security-Widefield
0%
United States 21869 Sedalia
0%
Spain 10908 Sedaví
0%
Algeria 8931 Seddouk Oufella
0%
Iran 17335 Sedeh Lanjān
0%
Azerbaijan 9306 Sədərək
0%
Israel 23090 Sederot
0%
United Kingdom 12087 Sedgley
0%
Senegal 26000 Sédhiou
0%
Italy 10116 Sedico
0%
Italy 12760 Sedriano
0%
United States 12633 Sedro-Woolley
0%
Poland 12313 Sędziszów Małopolski
0%
Germany 16685 Seeheim-Jugenheim
0%
Austria 10764 Seekirchen am Wallersee
0%
United States 15573 Seekonk
0%
Germany 34798 Seelze
0%
Germany 19185 Seesen
0%
Germany 42880 Seevetal
0%
Turkey 8769 Şefaatlı
0%
Turkey 60914 Seferhisar
0%
Lesotho 9720 Seforong
0%
Morocco 54163 Sefrou
0%
Ghana 35000 Sefwi Wiawso
0%
Mali 30305 Ségala Mba
0%
Malaysia 197762 Segamat
0%
India 8620 Segaon
0%
India 8908 Segarai
0%
Benin 89268 Ségbana
0%
Sierra Leone 16532 Segbwema
0%
Russia 4845 Segezha
0%
Italy 8959 Segni
0%
Spain 9640 Segorbe
0%
Mali 133501 Ségou
0%
Benin 16124 Ségou
0%
Mali 16175 Ségoubougou
0%
Spain 51525 Segovia
0%
Colombia 41000 Segovia
0%
Italy 36911 Segrate
0%
Mali 17868 Segué
0%
Côte d’Ivoire 103980 Séguéla
0%
Germany 24167 Sehnde
0%
India 109118 Sehore
0%
Pakistan 75167 Sehwan
0%
Portugal 21755 Seia
0%
Tunisia 13711 Seïada
0%
Japan 35951 Seika
0%
Japan 13823 Seirō
0%
Portugal 184269 Seixal
0%
Japan 34898 Seiyo
0%
Korea, North 31471 Sejiyŏn
0%
Azerbaijan 68360 Şəki
0%
Japan 85636 Sekimachi
0%
Japan 8821 Sekimachi
0%
Japan 30710 Sekiyado
0%
Ghana 138000 Sekondi
0%
Ethiopia 22346 Sek’ot’a
0%
Italy 28447 Selargius
0%
Turkey 38151 Selçuk
0%
Turkey 690667 Selçuklu
0%
United States 21707 Selden
0%
Turkey 19203 Selendi
0%
France 19523 Sélestat
0%
Iceland 9812 Selfoss
0%
Mauritania 26420 Sélibaby
0%
Botswana 49724 Selibe Phikwe
0%
Germany 21752 Seligenstadt
0%
Turkey 23378 Selimpaşa
0%
India 36983 Seliyamedur
0%
Canada 10278 Selkirk
0%
United States 10215 Sellersburg
0%
Algeria 14008 Selmana
0%
Algeria 33851 Selmane
0%
Slovenia 1348 Selnica ob Dravi
0%
Morocco 29628 Selouane
0%
United Kingdom 10923 Selsey
0%
United Kingdom 12240 Selston
0%
Russia 15906 Seltso
0%
India 46915 Selu
0%
Italy 22832 Selvazzano Dentro
0%
Canada 18653 Selwyn
0%
Ukraine 21521 Selydove
0%
Morocco 57035 Semara
0%
Indonesia 1621384 Semarang
0%
India 105686 Semāri
0%
Uganda 7800 Sembabule
0%
Congo (Brazzaville) 4957 Sémbé
0%
India 14922 Sembedu
0%
Turkey 18220 Şemdinli
0%
Ethiopia 50000 Semera
0%
Benin 8566 Sèmèrè
0%
Kazakhstan 350201 Semey
0%
Slovenia 2017 Semič
0%
Russia 21719 Semikarakorsk
0%
Russia 27938 Semiluki
0%
United States 19336 Seminole
0%
Iran 26260 Semīrom
0%
Azerbaijan 40600 Şəmkir
0%
India 9733 Semmarikulan
0%
Iran 185129 Semnān
0%
Slovenia 3694 Šempeter pri Gorici
0%
India 15338 Semra
0%
India 11703 Semri
0%
India 9773 Semri
0%
India 9557 Semri
0%
Uganda 10935 Semuto
0%
Brazil 118451 Senador Canedo
0%
Brazil 19761 Senador Guiomard
0%
Brazil 22576 Senador José Porfírio
0%
Brazil 24266 Senador Pompeu
0%
Italy 21372 Senago
0%
Guatemala 98703 Senahú
0%
Brazil 29420 Sena Madureira
0%
Zambia 10005 Senanga
0%
India 19909 Senapparetti
0%
Japan 24045 Senboku
0%
Slovenia 3121 Šenčur
0%
Ethiopia 12298 Sendafa
0%
India 23913 Sendamangalam
0%
India 9513 Sendamangalam
0%
India 18729 Sendamaram
0%
India 18342 Sendārappatti
0%
Indonesia 32438 Sendawar
0%
Germany 23143 Senden
0%
Germany 20991 Senden
0%
Germany 13760 Sendenhorst
0%
India 56485 Sendhwa
0%
Algeria 29043 Sendjas
0%
Madagascar 12000 Sendrisoa
0%
India 16728 Sendurai
0%
India 10978 Sendurai
0%
India 11411 Senduriā
0%
United States 8997 Seneca Falls
0%
Belgium 11272 Seneffe
0%
Lesotho 22262 Senekane
0%
Germany 23282 Senftenberg
0%
Brazil 17270 Sengés
0%
Malta 2784 Senglea
0%
Mexico 19146 Senguio
0%
India 11697 Sengurichchi
0%
Portugal 29000 Senhora da Hora
0%
Brazil 10384 Senhora dos Remédios
0%
Brazil 79424 Senhor do Bonfim
0%
Slovakia 19430 Senica
0%
Italy 44019 Senigallia
0%
Argentina 11229 Senillosa
0%
Iran 12249 Senjān
0%
Turkey 16035 Şenkaya
0%
France 15238 Senlis
0%
Spain 9553 Senmanat
0%
Japan 12969 Senmayachō-senmaya
0%
Cambodia 7500 Sen Monorom
0%
Japan 59634 Sennan
0%
El Salvador 41216 Sensuntepeque
0%
Indonesia 84648 Sentani
0%
Slovenia 4500 Šentilj
0%
Slovenia 1441 Šentjernej
0%
Slovenia 4940 Šentjur
0%
Slovenia 310 Šentrupert
0%
Korea, South 153861 Seogwipo
0%
India 43985 Seohāra
0%
India 10788 Seonār
0%
India 25773 Seondha
0%
India 102343 Seoni
0%
India 17429 Seoni Chhapāra
0%
India 45125 Seoni Mālwa
0%
Korea, South 14000 Seonsan
0%
Korea, South 8650 Seosaeng
0%
Indonesia 112289 Sepatan
0%
Iran 14633 Sepīdān
0%
Poland 8914 Sępólno Krajeńskie
0%
France 12018 Septèmes-les-Vallons
0%
Canada 24569 Sept-Îles
0%
Russia 8633 Serafimovich
0%
Russia 9813 Serafimovskiy
0%
Brazil 16961 Serafina Corêa
0%
Belgium 64270 Seraing
0%
Indonesia 613356 Serang
0%
Benin 16060 Sérarou
0%
Italy 12364 Seravezza
0%
Turkmenistan 89582 Serdar
0%
Russia 30220 Serdobsk
0%
Kazakhstan 10129 Serebryansk
0%
Turkey 33140 Şereflikoçhisar
0%
Italy 44917 Seregno
0%
Benin 10818 Sérékali
0%
Malaysia 419536 Seremban
0%
Uganda 12700 Serere
0%
Philippines 31942 Sergio Osmeña Sr
0%
Russia 98251 Sergiyev Posad
0%
Russia 9070 Sergiyevsk
0%
Brunei 21082 Seria
0%
Italy 25264 Seriate
0%
Brazil 10291 Seridó
0%
Turkey 139545 Serik
0%
Brazil 11171 Seringueiras
0%
Turkey 14355 Serinhisar
0%
Turkey 15804 Serinyol
0%
India 21523 Sermādevi
0%
Italy 10037 Sermoneta
0%
Brazil 80596 Seropédica
0%
Russia 93192 Serov
0%
Botswana 47447 Serowe
0%
Portugal 15623 Serpa
0%
Russia 133756 Serpukhov
0%
Brazil 12746 Serra Azul
0%
Brazil 13614 Serra Branca
0%
Brazil 10125 Serra Caiada
0%
Brazil 11801 Serra do Salitre
0%
Italy 8596 Serramanna
0%
Italy 8645 Serramazzoni
0%
Brazil 43909 Serrana
0%
Brazil 29894 Serra Negra
0%
Brazil 17996 Serra Preta
0%
Brazil 92228 Serra Talhada
0%
San Marino 10878 Serravalle
0%
Italy 11740 Serravalle Pistoiese
0%
Brazil 83275 Serrinha
0%
France 9988 Serris
0%
Brazil 18207 Serrita
0%
Brazil 21952 Sêrro
0%
Brazil 13335 Serrolândia
0%
Portugal 15880 Sertã
0%
Brazil 32811 Sertânia
0%
Brazil 15930 Sertanópolis
0%
Brazil 126887 Sertãozinho
0%
Russia 71614 Sertolovo
0%
Indonesia 13568 Serui
0%
Azerbaijan 7000 Şərur
0%
Spain 28102 Seseña
0%
Tajikistan 15197 Seshambe
0%
Zambia 20149 Sesheke
0%
Portugal 49500 Sesimbra
0%
El Salvador 10705 Sesori
0%
Colombia 13936 Sesquilé
0%
Italy 20209 Sessa Aurunca
0%
Spain 28228 Sestao
0%
Italy 10975 Sesto Calende
0%
Italy 48742 Sesto Fiorentino
0%
Italy 78884 Sesto San Giovanni
0%
Italy 17349 Sestri Levante
0%
Italy 20773 Sestu
0%
Croatia 70800 Sesvete
0%
Japan 940071 Setagaya
0%
Japan 8501 Setana
0%
France 45090 Sète
0%
Brazil 12730 Sete Barras
0%
Brazil 241835 Sete Lagoas
0%
Algeria 288461 Sétif
0%
South Africa 19452 Setlagode
0%
Japan 127327 Seto
0%
Japan 35624 Setouchi
0%
Algeria 13748 Settara
0%
Morocco 171556 Settat
0%
Morocco 24159 Setti Fatma
0%
Italy 45840 Settimo Torinese
0%
India 8993 Settivāripalle
0%
India 17150 Settiyārpatti
0%
Japan 86168 Settsu
0%
Brazil 9917 Setubinha
0%
Armenia 23200 Sevan
0%
Sri Lanka 42894 Sevanagala
0%
United States 9171 Seven Corners
0%
United States 11628 Seven Hills
0%
United States 15990 Seven Oaks
0%
United Kingdom 21167 Sevenoaks
0%
India 15172 Seven Pagodas
0%
United States 9302 Severance
0%
Portugal 12356 Sever do Vouga
0%
Brazil 14576 Severínia
0%
United States 39499 Severna Park
0%
Russia 11562 Severnyy
0%
Russia 12882 Severobaykalsk
0%
Russia 155647 Severodvinsk
0%
Russia 2439 Severo-Kuril’sk
0%
Russia 43394 Severomorsk
0%
Russia 24029 Severouralsk
0%
Russia 105304 Seversk
0%
Italy 23882 Seveso
0%
United States 18105 Sevierville
0%
India 21285 Sevilimedu
0%
Equatorial Guinea 41084 Sevilla de Niefang
0%
Spain 9657 Sevilla La Nueva
0%
Bulgaria 22035 Sevlievo
0%
Slovenia 4533 Sevnica
0%
France 51640 Sevran
0%
France 22782 Sèvres
0%
India 12273 Sevūr
0%
India 9185 Sewa
0%
India 11601 Sewāi
0%
India 8844 Sewāri
0%
Philippines 29076 Sexmoan
0%
Iran 17804 Seyah Cheshmeh
0%
Mexico 9515 Seybaplaya
0%
Turkmenistan 21160 Seydi
0%
Turkey 65465 Seydişehir
0%
India 8983 Seydunganallūr
0%
Turkey 795012 Seyhan
0%
Turkey 12587 Seyitgazi
0%
France 21595 Seynod
0%
France 10167 Seysses
0%
Iran 8574 Seyyedān
0%
Slovenia 6037 Sežana
0%
Italy 23697 Sezze
0%
Romania 50080 Sfântu-Gheorghe
0%
Algeria 27914 Sfizef
0%
Morocco 9427 Sgamna
0%
Libya 45000 Shaḩḩāt
0%
Iran 22181 Shabestar
0%
Pakistan 91851 Shabqadar
0%
China 851374 Shache
0%
China 114569 Shacheng
0%
Iran 41733 Shādegān
0%
Russia 817 Shadrinsk
0%
United States 12012 Shady Hills
0%
India 15000 Shafinagar
0%
United States 20618 Shafter
0%
Nigeria 1132270 Shagamu
0%
Russia 11772 Shagonar
0%
Malaysia 584340 Shah Alam
0%
India 10298 Shahar Telpa
0%
Syria 16745 Shahbā
0%
Bangladesh 21429 Shāhbāzpur
0%
Pakistan 113342 Shahdadpur
0%
India 86681 Shahdol
0%
China 431746 Shahe
0%
Iran 25544 Shāhedshahr
0%
China 46356 Shahezhai
0%
India 26556 Shāhganj
0%
India 9749 Shāhganj
0%
India 19121 Shāhgarh
0%
Iran 34204 Shāhīn Dezh
0%
Iran 173329 Shāhīn Shahr
0%
India 346103 Shāhjānpur
0%
India 16844 Shāhkot
0%
Pakistan 447993 Shah Latif Town
0%
India 10255 Shahmīrpet
0%
Iran 11191 Shahmīrzād
0%
India 53366 Shāhpur
0%
India 23964 Shāhpur
0%
India 19099 Shāhpur
0%
India 16077 Shāhpur
0%
India 11429 Shāhpur
0%
India 30320 Shāhpura
0%
India 28170 Shāhpura
0%
India 15784 Shāhpura
0%
India 12471 Shāhpura
0%
India 11520 Shāhpur Baghauni
0%
India 10098 Shāhpur Chaumukhi
0%
India 10059 Shāhpur Undi
0%
Iran 32476 Shahrābād
0%
Iran 10344 Shahrak-e Enqelāb
0%
Iran 9452 Shahrak-e Ja‘farīyeh
0%
Iran 8625 Shahrak-e Pārs
0%
Iran 134952 Shahreẕā
0%
Iran 43916 Shahr-e Bābak
0%
Iran 13032 Shahr-e Herāt
0%
Iran 190441 Shahr-e Kord
0%
Iran 9363 Shahr-e Majlesī
0%
Iran 8927 Shahr-e Pīr
0%
Iran 309605 Shahr-e Qods
0%
Iran 309607 Shahrīār
0%
Tajikistan 11123 Shahrinav
0%
Uzbekistan 142700 Shahrisabz
0%
Tajikistan 22903 Shahriston
0%
Tajikistan 17200 Shahritus
0%
Uzbekistan 71400 Shahrixon
0%
Iran 165000 Shāhrūd
0%
India 9839 Shāhzādpur
0%
India 76319 Shājāpur
0%
Pakistan 73160 Shakargarh
0%
United States 29004 Shaker Heights
0%
Ukraine 48208 Shakhtarsk
0%
Kazakhstan 37899 Shakhtīnsk
0%
Russia 220802 Shakhty
0%
Russia 10200 Shakhunya
0%
Ethiopia 28260 Shakīso
0%
Hong Kong 14522 Sha Kok Mei
0%
Russia 10 Shalaurova
0%
United States 27734 Shaler
0%
Russia 57060 Shali
0%
China 32960 Shalingzicun
0%
Kazakhstan 27957 Shalqar
0%
Ghana 23699 Shama
0%
Kyrgyzstan 12308 Shamaldy-Say
0%
Kazakhstan 28644 Shamalgan
0%
Nepal 38018 Shambhunāth
0%
Ethiopia 14995 Shambu
0%
India 24637 Shamgarh
0%
India 20273 Shāmgarh
0%
India 107233 Shāmli
0%
India 10571 Shāmpur
0%
India 15015 Shamsa
0%
India 33144 Shamsābād
0%
India 32583 Shamsābād
0%
India 23584 Shamsābād
0%
India 12372 Shamsābād
0%
Iran 10858 Shamsābād
0%
India 11890 Shamshernagar
0%
Hong Kong 405869 Sham Shui Po
0%
India 11065 Shamunpet
0%
Zimbabwe 908 Shamva
0%
Egypt 33285 Shanawān
0%
China 74459 Shancheng
0%
Iran 13987 Shāndīz
0%
China 34727 Shangcaiyuan
0%
China 69252 Shangchuankou
0%
China 17534 Shangjing
0%
China 17534 Shanglingcun
0%
China 28581 Shangluhu
0%
China 29494 Shangmuping
0%
China 45658 Shangpa
0%
China 13529 Shangping
0%
China 7325300 Shangqiu
0%
China 6435300 Shangrao
0%
China 44871 Shangshan
0%
China 62287 Shangtangcun
0%
China 15210 Shangtianba
0%
China 26686 Shangxiao
0%
China 34481 Shangzhen
0%
China 463358 Shangzhi
0%
China 35570 Shangzhuangcun
0%
China 40728 Shanhe
0%
China 675226 Shanhu
0%
Egypt 9314 Shanhūr
0%
India 9897 Shankarampet
0%
India 11055 Shankarpalli
0%
India 8849 Shankarpur
0%
India 38092 Shankarpur Khawās
0%
India 16983 Shankar Saraiyā
0%
China 49896 Shankou
0%
China 14147 Shanliang
0%
India 11469 Shanmukhasundarapuram
0%
China 43200 Shanshan
0%
India 151777 Shāntipur
0%
China 2672819 Shanwei
0%
China 65497 Shanxia
0%
China 12957 Shanyincun
0%
Burma 21735 Shanywathit
0%
China 18548 Shaogang
0%
China 2855131 Shaoguan
0%
China 22688 Shaomi
0%
China 86036 Shaoshanzhan
0%
China 273721 Shaowu
0%
China 2521964 Shaoxing
0%
China 6563520 Shaoyang
0%
China 1542600 Shaoyang
0%
China 18327 Shaoyu
0%
Iraq 25000 Shaqlāwah
0%
Saudi Arabia 35000 Shaqrā’
0%
Afghanistan 22000 Sharan
0%
Kazakhstan 7915 Sharbaqty
0%
Uzbekistan 11400 Sharg‘un
0%
Philippines 33982 Shariff Aguak
0%
Kyrgyzstan 21120 Shark
0%
Egypt 73000 Sharm ash Shaykh
0%
United States 18478 Sharon
0%
United States 13019 Sharon
0%
United States 13989 Sharonville
0%
Egypt 22221 Shārūnah
0%
Saudi Arabia 85977 Sharūrah
0%
Russia 33961 Sharypovo
0%
Ethiopia 407000 Shashemenē
0%
China 67700 Shashijie
0%
United States 10334 Shasta Lake
0%
China 27625 Shatiancun
0%
Hong Kong 640000 Sha Tin
0%
India 14452 Shatrāna
0%
Russia 36714 Shatura
0%
United States 13361 Shawangunk
0%
United States 9236 Shawano
0%
Canada 49620 Shawinigan
0%
China 36957 Shaxi
0%
China 18203 Shaying
0%
Iran 21181 Shāzand
0%
China 44870 Shazhou
0%
Ukraine 11411 Shchastia
0%
Russia 86088 Shchëkino
0%
Russia 135918 Shchelkovo
0%
Russia 14386 Shchigry
0%
Kazakhstan 45004 Shchūchīnsk
0%
Belarus 15371 Shchuchyn
0%
Russia 39680 Shebekino
0%
India 15278 Shedbal
0%
Canada 8563 Shediac
0%
United Kingdom 13252 Sheerness
0%
Israel 41600 Shefar‘am
0%
United States 8946 Sheffield Lake
0%
India 112539 Shegaon
0%
Afghanistan 24000 Sheghnān
0%
India 62927 Sheikhpura
0%
India 44475 Shekhupur
0%
Pakistan 473129 Shekhupura
0%
Hong Kong 17170 Shek Tong Tsui
0%
Hong Kong 16605 Shek Wai Kok
0%
Canada 8989 Shelburne
0%
United States 24125 Shelbyville
0%
United States 19866 Shelbyville
0%
United States 17436 Shelbyville
0%
Kazakhstan 26688 Shelek
0%
Russia 41998 Shelekhov
0%
United States 41402 Shelton
0%
United States 10619 Shelton
0%
Kazakhstan 19127 Shemonaīkha
0%
India 26823 Shencottah
0%
China 34963 Shendang Tingzi
0%
Ethiopia 9293 Shendē
0%
Sudan 55516 Shendi
0%
India 21748 Shendurjana
0%
Taiwan 38088 Shengang
0%
China 41000 Shengaocun
0%
Taiwan 37602 Shenghu
0%
China 2035338 Shengli
0%
China 36937 Shengli
0%
China 10001 Shengping
0%
China 10413 Shenjiaba
0%
China 34963 Shenjiabang
0%
China 42338 Shenjiatun
0%
United Kingdom 25828 Shenley Brook End
0%
United Kingdom 12961 Shenley Church End
0%
China 237846 Shenmu
0%
China 31392 Shentang
0%
China 38872 Shenwan
0%
India 28116 Sheohar
0%
India 105026 Sheopur
0%
India 12651 Sheopuria
0%
Ukraine 40299 Shepetivka
0%
United Kingdom 9753 Shepperton
0%
United Kingdom 14867 Shepshed
0%
United Kingdom 10592 Shepton Mallet
0%
United Kingdom 9350 Sherborne
0%
Canada 172950 Sherbrooke
0%
India 13713 Sher Chakla
0%
Pakistan 14152 Shergarh
0%
India 40666 Sherghāti
0%
India 62226 Sherkot
0%
Russia 411 Sherlovaya Gora
0%
India 11756 Sher Muhammadpuram
0%
Uzbekistan 29100 Sherobod
0%
India 11132 Sheron
0%
Bangladesh 51750 Sherpur
0%
India 31833 Sherpur
0%
India 31322 Sherpur Khurd
0%
United States 19368 Sherrelwood
0%
India 45827 Shertallai
0%
China 29811 Shetang
0%
Taiwan 41571 Shetou
0%
Kazakhstan 13346 Shetpe
0%
India 38375 Shevgaon
0%
United Kingdom 9517 Shevington
0%
Iran 23211 Sheybān
0%
China 29812 Shibancun
0%
Japan 94258 Shibata
0%
Japan 38638 Shibata
0%
Egypt 267945 Shibīn al Kawm
0%
Egypt 570868 Shibīn al Qanāţir
0%
Afghanistan 175599 Shibirghān
0%
Japan 73064 Shibukawa
0%
Japan 29267 Shibushi
0%
Japan 102056 Shibuya
0%
Japan 235193 Shibuya-ku
0%
Japan 17793 Shichigahama
0%
Japan 14217 Shichinohe
0%
China 12436 Shichuanxiang
0%
India 8570 Shiddāpūr
0%
China 54347 Shidong
0%
China 54347 Shidongcun
0%
United Kingdom 9725 Shifnal
0%
India 35678 Shiggaon
0%
China 60724 Shihe
0%
China 717000 Shihezi
0%
China 108753 Shihuajie
0%
China 38403 Shijiazhuangnan
0%
China 246960 Shijing
0%
Japan 55094 Shijōnawate
0%
Japan 18579 Shika
0%
India 31508 Shikārpur
0%
India 33130 Shikārpūr
0%
Nepal 29318 Shikharpur
0%
India 107404 Shikohābād
0%
Japan 82320 Shikokuchūō
0%
India 19374 Shikrapur
0%
China 27625 Shilan
0%
India 701489 Shiliguri
0%
China 23023 Shiling
0%
Russia 12663 Shilka
0%
India 143229 Shillong
0%
United States 14109 Shiloh
0%
United States 11022 Shiloh
0%
United States 10785 Shiloh
0%
China 32131 Shilou
0%
China 61258 Shilu
0%
Japan 42858 Shimabara
0%
Japan 95198 Shimada
0%
Japan 14282 Shimada
0%
Russia 16178 Shimanovsk
0%
Japan 32551 Shimanto
0%
Japan 15540 Shimanto
0%
China 51021 Shimencun
0%
Japan 46207 Shimeo
0%
Japan 9305 Shimizu
0%
Japan 31652 Shimizuchō
0%
India 206575 Shimla
0%
India 322650 Shimoga
0%
Japan 20499 Shimogamo
0%
Japan 15256 Shimohata
0%
Japan 19123 Shimokizukuri
0%
Japan 18446 Shimokodanaka
0%
Japan 18801 Shimomura
0%
Japan 31292 Shimotoba
0%
Japan 48811 Shimotsuchō-kominami
0%
Japan 59404 Shimotsuke
0%
Japan 41499 Shimotsuma
0%
China 14702 Shimubi
0%
Japan 415729 Shinagawa-ku
0%
Oman 43312 Shināş
0%
United Kingdom 17560 Shinfield
0%
Tajikistan 10873 Shing
0%
Burma 11453 Shingbwiyang
0%
Japan 33017 Shingū
0%
Japan 27491 Shingū
0%
Japan 16918 Shingūchō-shingū
0%
Japan 21873 Shinhidaka
0%
Ethiopia 13132 Shīnīlē
0%
Japan 34284 Shinjō
0%
Japan 19717 Shinjō
0%
Japan 349385 Shinjuku
0%
Japan 76445 Shinkai
0%
Japan 17479 Shin-Kamigotō
0%
Japan 13213 Shin'onsen
0%
Japan 252844 Shinozaki
0%
Japan 43620 Shinshiro
0%
Japan 14193 Shintō
0%
Japan 16495 Shintomi
0%
Tanzania 139727 Shinyanga
0%
Japan 51999 Shiogama
0%
Japan 67240 Shiojiri
0%
Japan 11987 Shiotachō-matsusaki
0%
Japan 10152 Shioya
0%
United Kingdom 14259 Shipley
0%
China 29050 Shiqiao
0%
Japan 19976 Shirahama
0%
Japan 59393 Shirakawa
0%
Japan 33330 Shirakawa-tsuda
0%
Japan 10280 Shirako
0%
India 17850 Shirāli
0%
Japan 16638 Shiraoi
0%
Japan 52103 Shiraoka
0%
Japan 12663 Shirataka
0%
Japan 110135 Shirayamamachi
0%
India 10176 Shirbadgi
0%
India 36004 Shirdi
0%
United Kingdom 10744 Shirebrook
0%
United Kingdom 13300 Shiremoor
0%
India 9189 Shirguppi
0%
India 21394 Shirhatti
0%
Uzbekistan 18900 Shirin
0%
United States 27807 Shirley
0%
United Kingdom 14296 Shirley
0%
Japan 61673 Shiroi
0%
Japan 33330 Shiroishi
0%
Japan 21902 Shiroishi
0%
Japan 39737 Shirone
0%
Japan 17916 Shirosato
0%
India 19972 Shīrūru
0%
India 753815 Shīshgarh
0%
China 685930 Shishi
0%
Japan 34116 Shisō
0%
Japan 20278 Shisui
0%
India 13108 Shitāb Diāra
0%
China 24667 Shitan
0%
India 50000 Shiv
0%
United States 15556 Shively
0%
India 24785 Shivganj
0%
India 179977 Shivpuri
0%
China 12942 Shiwan
0%
India 34927 Shīyāli
0%
China 3209004 Shiyan
0%
China 122802 Shiyan
0%
Kazakhstan 32480 Shiyeli
0%
China 9583 Shiyuan
0%
China 140493 Shizhaobi
0%
China 1000000 Shizuishan
0%
Japan 15589 Shizukuishi
0%
Japan 685589 Shizuoka
0%
Belarus 14870 Shklow
0%
Albania 76000 Shkodër
0%
Russia 13850 Shlisselburg
0%
Japan 32343 Shōbara
0%
Japan 13646 Shōdoshima
0%
United Kingdom 22275 Shoeburyness
0%
Uzbekistan 14000 Shofirkon Shahri
0%
Uzbekistan 10100 Shohimardon
0%
Kazakhstan 9213 Sholaqqorghan
0%
India 30856 Sholinghur
0%
Japan 19977 Shōnai
0%
Kazakhstan 17263 Shongzhy
0%
Japan 10900 Shōō
0%
Kyrgyzstan 8749 Shopokov
0%
India 43533 Shōranūr
0%
India 412291 Shorāpur
0%
Uzbekistan 25000 Sho‘rchi
0%
United Kingdom 20547 Shoreham-by-Sea
0%
United States 26724 Shoreview
0%
United States 18218 Shorewood
0%
United States 13682 Shorewood
0%
United States 14398 Short Hills
0%
United States 28177 Short Pump
0%
Botswana 8887 Shoshong
0%
Ukraine 71966 Shostka
0%
United Kingdom 27394 Shotley Bridge
0%
Taiwan 17106 Shoufeng
0%
China 1039205 Shouguang
0%
Uzbekistan 19000 Shovot
0%
Japan 20857 Shōwa
0%
Iran 25381 Showţ
0%
Russia 300 Shoyna
0%
Ukraine 16323 Shpola
0%
India 31134 Shrīgonda
0%
India 20000 Shri Mahāvīrji
0%
India 181842 Shrīrāmpur
0%
India 25061 Shrīrangapattana
0%
Kosovo 13858 Shtërpcë
0%
Kosovo 27324 Shtime
0%
China 130710 Shuangcheng
0%
China 360000 Shuanghe
0%
China 26171 Shuanghe
0%
China 18250 Shuangluan
0%
China 727265 Shuangqiao
0%
China 87295 Shuangshuicun
0%
China 29276 Shuangtian
0%
China 12322 Shuangxianxiang
0%
China 1208803 Shuangyashan
0%
Egypt 1025569 Shubrā al Khaymah
0%
Egypt 295777 Shubrākhīt
0%
China 81413 Shuibian
0%
China 14792 Shuichecun
0%
China 27702 Shuiding
0%
Taiwan 16297 Shuili
0%
Taiwan 23134 Shuilin
0%
China 42578 Shuilou
0%
China 11598 Shuinancun
0%
Taiwan 48164 Shuishang
0%
China 119517 Shuixi
0%
China 973197 Shuizhai
0%
Pakistan 70595 Shujaabad
0%
India 112000 Shujālpur
0%
China 406744 Shulan
0%
Uzbekistan 10513 Shumanay
0%
Bulgaria 81207 Shumen
0%
Russia 26873 Shumerlya
0%
Japan 137899 Shūnan
0%
China 1593444 Shuozhou
0%
Tajikistan 10700 Shŭrobod
0%
Zimbabwe 22900 Shurugwi
0%
Iran 77148 Shūsh
0%
Iran 101878 Shūshtar
0%
India 41201 Shutayil
0%
Russia 62400 Shuya
0%
China 1770000 Shuyangzha
0%
Japan 16328 Shuzenji
0%
Burma 88914 Shwebo
0%
India 8601 Shyamnagar
0%
Kazakhstan 1184113 Shymkent
0%
Rwanda 43744 Shyorongi
0%
Ukraine 9623 Shyroke
0%
Colombia 8964 Siachoque
0%
Iran 19924 Sīāhkal
0%
Pakistan 591668 Sialkot City
0%
Italy 9407 Siano
0%
Philippines 83082 Siaton
0%
Philippines 40585 Siay
0%
Kenya 50000 Siaya
0%
Philippines 36236 Siayan
0%
Philippines 33957 Sibagat
0%
Philippines 63833 Sibalom
0%
Cuba 28930 Sibanicú
0%
Colombia 38412 Sibaté
0%
Russia 56514 Sibay
0%
Mali 19185 Sibila
0%
Guatemala 9071 Sibilia
0%
Guatemala 17069 Sibinal
0%
Mali 14012 Sibirila
0%
Congo (Brazzaville) 32296 Sibiti
0%
India 9141 Sibkund
0%
Indonesia 94971 Sibolga
0%
Philippines 53424 Sibonga
0%
India 150781 Sibsāgar
0%
Malaysia 247995 Sibu
0%
Philippines 36049 Sibuco
0%
Philippines 64343 Sibulan
0%
Colombia 14104 Sibundoy
0%
Central African Republic 22419 Sibut
0%
Philippines 17453 Sibutao
0%
Philippines 34243 Sibutu
0%
Bolivia 3831 Sicasica
0%
United States 44500 Sicklerville
0%
Peru 57551 Sicuani
0%
United Kingdom 15400 Sidcup
0%
India 14204 Siddāpur
0%
India 10000 Siddarāmpuram
0%
India 61867 Siddhapur
0%
Bangladesh 256760 Siddhirganj
0%
India 66737 Siddipet
0%
Burkina Faso 11443 Sidéradougou
0%
Italy 17601 Siderno Marina
0%
Brazil 14092 Siderópolis
0%
Egypt 200977 Şidfā
0%
India 20075 Sidhapa
0%
India 10706 Sidhap Kalān
0%
India 24976 Sidhaulī
0%
India 54331 Sidhi
0%
India 13006 Sidhwān
0%
Morocco 9447 Sidi Abdallah
0%
Morocco 25935 Sidi Abdel Aziz
0%
Algeria 10153 Sidi Abdelaziz
0%
Morocco 20854 Sidi Abdelkader
0%
Morocco 13759 Sidi Abdelkarim
0%
Morocco 10014 Sidi Abdellah Ben Taazizt
0%
Algeria 13306 Sidi Abd el Moumene
0%
Morocco 9731 Sidi Ahmed El Khadir
0%
Algeria 215000 Sidi Aïssa
0%
Algeria 26595 Sidi Akkacha
0%
Algeria 37230 Sidi Ali
0%
Morocco 29147 Sidi Allal el Bahraoui
0%
Morocco 22266 Sidi Allal Tazi
0%
Morocco 11491 Sidi Amer El Hadi
0%
Algeria 21772 Sidi Amrane
0%
Algeria 12235 Sidi Aoun
0%
Morocco 16001 Sidi Azzouz
0%
Morocco 14356 Sidi Azzouz
0%
Algeria 11360 Sidi Baizid
0%
Egypt 63098 Sīdī Barānī
0%
Algeria 212935 Sidi Bel Abbès
0%
Algeria 14086 Sidi Ben Adda
0%
Morocco 55847 Sidi Bennour
0%
Morocco 72929 Sidi Bibi
0%
Tunisia 10282 Sidi Bou Ali
0%
Morocco 9241 Sidi Bounaga
0%
Morocco 12490 Sidi Bou Othmane
0%
Morocco 9671 Sidi Bousber
0%
Morocco 10438 Sidi Boushab
0%
Tunisia 52339 Sidi Bouzid
0%
Algeria 10371 Sidi Brahim
0%
Morocco 20291 Sidi Chiker
0%
Morocco 8972 Sidi Dahbi
0%
Algeria 16900 Sidi Daoud
0%
Algeria 58857 Sidi ech Chahmi
0%
Morocco 9638 Sidi El Hattab
0%
Algeria 10281 Sidi Embarek
0%
Morocco 16649 Sidi Ettiji
0%
Algeria 15281 Sidi Ghiles
0%
Morocco 22696 Sidi Ifni
0%
Morocco 20455 Sidi Jaber
0%
Algeria 17843 Sidi Kada
0%
Morocco 12851 Sidi Kasem
0%
Algeria 38987 Sidi Khaled
0%
Algeria 11776 Sidi Ladjel
0%
Algeria 20999 Sidi Lahssen
0%
Algeria 34612 Sidi Lakhdar
0%
Algeria 28361 Sidi Lakhdar
0%
Morocco 16501 Sidi Lamine
0%
Morocco 27083 Sidi Lmokhtar
0%
Algeria 12292 Sidi Makhlouf
0%
Algeria 20018 Sidi Merouane
0%
Morocco 52679 Sidi Mohamed Lahmar
0%
Algeria 40750 Sidi Moussa
0%
Morocco 12973 Sidi Moussa Ben Ali
0%
Algeria 10688 Sidi Namane
0%
Algeria 33509 Sidi Okba
0%
Morocco 10050 Sidi Ouassay
0%
Morocco 75037 Sidi Qacem
0%
Morocco 20628 Sidi Rahal
0%
Morocco 10276 Sidi Rahhal
0%
Morocco 17903 Sidi Redouane
0%
Morocco 95114 Sidi Slimane
0%
Morocco 32694 Sidi Smai’il
0%
Tunisia 11385 Sidi Tabet
0%
Morocco 19979 Sidi Taibi
0%
Morocco 39946 Sidi Yahia El Gharb
0%
Morocco 116649 Sidi Yahya Zaer
0%
Morocco 18868 Sidi Yakoub
0%
Morocco 17130 Sidi Zouine
0%
India 51159 Sidlaghatta
0%
Poland 12842 Sidlice
0%
Egypt 13119 Sidmant al Jabal
0%
United Kingdom 13737 Sidmouth
0%
United States 20457 Sidney
0%
Canada 12318 Sidney
0%
Brazil 47118 Sidrolândia
0%
Poland 9957 Siechnice
0%
Poland 76357 Siedlce
0%
Germany 8529 Siegsdorf
0%
Poland 63657 Siemianowice Śląskie
0%
Poland 13782 Siemiatycze
0%
Cambodia 147866 Siem Reap
0%
Poland 40014 Sieradz
0%
Austria 9371 Sierning
0%
Poland 17308 Sierpc
0%
Philippines 26095 Sierra Bullones
0%
Argentina 1542 Sierra Colorada
0%
United States 11020 Sierra Madre
0%
United States 14213 Sierra Vista Southeast
0%
Switzerland 16790 Sierre
0%
Ukraine 9832 Sieverne
0%
Ukraine 99067 Sievierodonetsk
0%
Panama 500 Sieyik
0%
Algeria 70499 Sig
0%
Philippines 59891 Sigaboy
0%
Fiji 9622 Sigatoka
0%
Malta 8721 Siġġiewi
0%
Romania 32793 Sighetu Marmaţiei
0%
Romania 23927 Sighişoara
0%
Russia 10 Siglan
0%
India 13346 Sigli
0%
Philippines 31688 Sigma
0%
Germany 18127 Sigmaringen
0%
Italy 18874 Signa
0%
United States 11563 Signal Hill
0%
United States 8861 Signal Mountain
0%
Sweden 9689 Sigtuna
0%
Honduras 95121 Siguatepeque
0%
Guinea 183875 Siguiri
0%
Latvia 14632 Sigulda
0%
Algeria 17598 Sigus
0%
India 9115 Sihāli Jāgīr
0%
Madagascar 10000 Sihanamaro
0%
Cambodia 71082 Sihanoukville
0%
India 11143 Sihaul
0%
China 27191 Sihecun
0%
India 10548 Sihma
0%
India 52603 Sihor
0%
India 44048 Sihora
0%
India 49988 Sihorā
0%
Taiwan 21458 Sihu
0%
China 593400 Sihui
0%
Korea, South 425184 Sihŭng
0%
China 62000 Sihushan
0%
India 39372 Sijua
0%
India 294858 Sikandarābād
0%
India 23986 Sikandarpur
0%
India 9510 Sikandarpur
0%
India 16981 Sikandra
0%
India 46038 Sikandra Rao
0%
India 359293 Sīkar
0%
Mali 213977 Sikasso
0%
India 13491 Sikat
0%
United States 16231 Sikeston
0%
Thailand 18209 Sikhio
0%
Benin 12398 Siki
0%
India 20000 Sikka
0%
Hungary 8679 Siklós
0%
Tanzania 27113 Sikonge
0%
India 10352 Siktiāhi
0%
India 15400 Siladon
0%
Philippines 13116 Silago
0%
India 8602 Sīlaiyampatti
0%
Lithuania 4699 Šilalė
0%
India 10013 Sīlamalai
0%
Philippines 295644 Silang
0%
Mexico 74242 Silao
0%
India 26633 Silao
0%
India 23678 Sīlappādi
0%
Philippines 130478 Silay
0%
India 172830 Silchar
0%
Turkey 43464 Şile
0%
Italy 10343 Silea
0%
United Kingdom 8956 Sileby
0%
Tunisia 35951 Siliana
0%
China 55642 Siliancun
0%
Turkey 132665 Silifke
0%
Bulgaria 33480 Silistra
0%
Turkey 217163 Silivri
0%
Denmark 50866 Silkeborg
0%
Spain 20117 Silla
0%
Estonia 12439 Sillamäe
0%
Pakistan 37776 Sillanwali
0%
Spain 8870 Silleda
0%
Korea, North 20000 Sil-li
0%
India 58230 Sillod
0%
Lesotho 18261 Siloe
0%
Turkey 108880 Silopi
0%
United Kingdom 8708 Silsden
0%
Lithuania 16200 Šilutė
0%
Brazil 21352 Silva Jardim
0%
Turkey 86161 Silvan
0%
India 17892 Silvāni
0%
Colombia 22020 Silvania
0%
Brazil 22245 Silvânia
0%
India 9793 Silvārpatti
0%
India 8515 Silvārpatti
0%
India 21890 Silvassa
0%
United States 21046 Silverdale
0%
United States 21796 Silver Firs
0%
United States 27556 Silver Springs Shores
0%
Portugal 37126 Silves
0%
Brazil 11559 Silves
0%
Colombia 32692 Silvia
0%
Philippines 15100 Silvino Lobos
0%
Italy 15361 Silvi Paese
0%
Malaysia 102092 Simanggang
0%
China 500000 Simao
0%
Brazil 42578 Simão Dias
0%
India 9418 Simarbani
0%
India 24998 Simaria
0%
India 22194 Simaria
0%
India 16269 Simaria
0%
India 10288 Simarwāra Durgāpur
0%
Turkey 26872 Simav
0%
Germany 10521 Simbach am Inn
0%
Philippines 36374 Simbahan
0%
Canada 16121 Simcoe
0%
India 80129 Simdega
0%
Romania 11268 Simeria
0%
Indonesia 93762 Simeulu
0%
Tajikistan 35473 Simiganj
0%
Colombia 13077 Simijaca
0%
Iran 17205 Sīmīn Shahr
0%
Colombia 20271 Simití
0%
Germany 15955 Simmerath
0%
Brazil 14350 Simões
0%
Brazil 94066 Simões Filho
0%
Mexico 52935 Simojovel de Allende
0%
Ecuador 8696 Simón Bolívar
0%
Brazil 19750 Simonésia
0%
Malaysia 34701 Simpang Renggam
0%
Netherlands 10516 Simpelveld
0%
Brazil 13870 Simplício Mendes
0%
India 11388 Simrāhi
0%
Nepal 49939 Simraungaḍh
0%
India 19072 Simri
0%
India 13775 Simri
0%
India 12619 Simri
0%
India 9983 Simri
0%
India 25017 Simria
0%
India 28588 Simri Bakhriārpur
0%
India 9647 Simrol
0%
Philippines 34245 Simunul
0%
Algeria 12087 Si Mustapha
0%
Philippines 19671 Sinacaban
0%
Romania 9071 Sinaia
0%
Philippines 25998 Sinait
0%
Italy 12068 Sinalunga
0%
Turkey 572609 Sincan
0%
Colombia 286716 Sincelejo
0%
India 11707 Sindalakkundu
0%
Philippines 103952 Sindangan
0%
India 40000 Sindgi
0%
India 14906 Sindhnūr
0%
Turkey 32408 Sındırgı
0%
Benin 91672 Sinendé
0%
Portugal 14238 Sines
0%
Côte d’Ivoire 137210 Sinfra
0%
India 13757 Singalāndāpuram
0%
India 22252 Singampunari
0%
Indonesia 73965 Singaparna
0%
India 10669 Singapperumālkovil
0%
Indonesia 153930 Singaraja
0%
India 24324 Singarāyakonda
0%
Moldova 9966 Sîngera
0%
Moldova 12465 Sîngerei
0%
India 25000 Singhāna
0%
India 9394 Singhāna
0%
Thailand 42423 Singhanakhon
0%
India 15000 Singhānwāla
0%
India 23109 Singhāra Buzurg
0%
India 12003 Singhbāri
0%
India 16204 Singhwara
0%
India 31760 Singia
0%
Tanzania 232459 Singida
0%
Indonesia 230376 Singkawang
0%
Australia 5000 Singleton
0%
India 10977 Singoli
0%
Indonesia 180740 Singosari
0%
India 220257 Singrauliya
0%
Mexico 13143 Singuilucan
0%
India 21382 Singur
0%
India 11293 Singura
0%
India 14603 Sinha
0%
India 8700 Sini
0%
Philippines 39460 Siniloan
0%
Brazil 8578 Sinimbu
0%
Ecuador 12650 Sinincay
0%
Italy 11189 Siniscola
0%
Croatia 23452 Sinj
0%
Iraq 22549 Sinjār
0%
Mali 11470 Sinkolo
0%
France 15916 Sin-le-Noble
0%
Benin 14748 Sinmpérékou
0%
French Guiana 3180 Sinnamary
0%
India 65299 Sinnar
0%
Egypt 692701 Sinnūris
0%
India 11267 Sinor
0%
Korea, North 152759 Sinpo
0%
Germany 36978 Sinsheim
0%
Mali 17025 Sinsina
0%
Belgium 32151 Sint-Amandsberg
0%
Belgium 19818 Sint-Andries
0%
Netherlands 11606 Sint Anthonis
0%
Belgium 18296 Sint-Genesius-Rode
0%
Belgium 12920 Sint-Gillis-bij-Dendermonde
0%
Belgium 19273 Sint-Gillis-Waas
0%
Belgium 8647 Sint-Job-in-’t-Goor
0%
Belgium 27497 Sint-Joost-ten-Node
0%
Belgium 20870 Sint-Katelijne-Waver
0%
Belgium 15892 Sint-Kruis
0%
Belgium 10255 Sint-Lievens-Houtem
0%
Belgium 9024 Sint-Martens-Lennik
0%
Belgium 12427 Sint-Michiels
0%
Netherlands 29498 Sint-Michielsgestel
0%
Belgium 80167 Sint-Niklaas
0%
Netherlands 17893 Sint-Oedenrode
0%
Belgium 34038 Sint-Pieters-Leeuw
0%
Portugal 385606 Sintra
0%
Netherlands 9390 Sint Willebrord
0%
Korea, North 352000 Sinŭiju
0%
Iraq 16798 Sinūnī
0%
Germany 11610 Sinzheim
0%
Germany 17399 Sinzig
0%
Philippines 48524 Siocon
0%
Hungary 24021 Siófok
0%
Guatemala 27270 Sipacapa
0%
Guatemala 18212 Sipacate
0%
India 11767 Sīpālakottai
0%
Philippines 72448 Sipalay
0%
Trinidad and Tobago 14535 Siparia
0%
Bolivia 41571 Sipe Sipe
0%
Côte d’Ivoire 22417 Sipilou
0%
China 1814733 Siping
0%
Philippines 68169 Sipocot
0%
Syria 25654 Siqbā
0%
Brazil 22811 Siqueira Campos
0%
Philippines 28915 Siquijor
0%
Guatemala 26317 Siquinalá
0%
Costa Rica 31637 Siquirres
0%
Thailand 327172 Si Racha
0%
Nepal 28442 Siraha
0%
Bangladesh 450000 Sirājganj
0%
Mali 10325 Sirakoro
0%
Mali 27859 Sirakorola
0%
India 15507 Sirāli
0%
India 19141 Sirālkoppa
0%
Turkey 11539 Şiran
0%
Tanzania 17564 Sirari
0%
Algeria 21677 Sirat
0%
Philippines 31163 Siraway
0%
India 9741 Sirdala
0%
India 11194 Sirgora
0%
India 13295 Sirhāli Kalān
0%
India 13500 Siriāri
0%
Mali 37065 Siribala
0%
India 10122 Sirigeri
0%
India 8861 Sirikonda
0%
Brazil 37596 Sirinhaém
0%
India 18975 Siripur
0%
India 33417 Sirīpur
0%
Iran 175000 Sīrjān
0%
Togo 9700 Sirka
0%
India 24525 Sirkhandi Bhitha
0%
India 24830 Sirmatpur
0%
India 14435 Sirmaur
0%
Turkey 75932 Şırnak
0%
India 19240 Sirnia
0%
India 14112 Siroda
0%
India 35531 Sirohi
0%
Bosnia and Herzegovina 28929 Široki Brijeg
0%
India 52460 Sironj
0%
Uganda 18900 Sironko
0%
India 11263 Sīrpanandal
0%
India 19183 Sirpur
0%
India 182534 Sirsa
0%
India 9548 Sirsa
0%
India 28212 Sirsāganj
0%
India 64345 Sirsi
0%
India 62882 Sirsi
0%
India 11835 Sirsia Hanumānganj
0%
India 83186 Sirsilla
0%
India 10031 Sirugamani
0%
India 10635 Sirugudi
0%
India 72503 Siruguppa
0%
Philippines 19419 Siruma
0%
India 25585 Sirumugai
0%
India 385414 Sirūr
0%
India 12623 Sirūr
0%
India 10577 Sirūr Tājband
0%
India 11976 Siruvāchchūr
0%
India 9890 Siruvalūr
0%
Azerbaijan 70684 Şirvan
0%
India 19295 Sirvār
0%
India 18478 Sirvel
0%
Lithuania 5802 Širvintos
0%
India 13596 Sisai
0%
India 10437 Sisai
0%
Croatia 40121 Sisak
0%
Thailand 40117 Si Sa Ket
0%
Thailand 15691 Si Satchanalai
0%
India 12897 Sisauna
0%
India 10925 Sisia
0%
Armenia 14894 Sisian
0%
Greenland 5582 Sisimiut
0%
Philippines 52320 Sison
0%
Philippines 14290 Sison
0%
Cambodia 99019 Sisophon
0%
India 24039 Siswa
0%
India 14535 Siswa
0%
India 10132 Siswār
0%
Mali 27501 Sitakili
0%
Bangladesh 36650 Sītākund
0%
India 37052 Sitalkuchi
0%
India 12971 Sitalpur
0%
India 10780 Sītalpur
0%
India 106093 Sītāmarhi
0%
India 17013 Sītāmau
0%
Madagascar 21000 Sitampiky
0%
India 9246 Sītānagaram
0%
Philippines 37319 Sitangkai
0%
India 177351 Sītāpur
0%
India 148266 Sitārganj
0%
South Africa 9564 Sitebe
0%
Greece 7453 Siteía
0%
Eswatini 6381 Siteki
0%
Brazil 13408 Sítio do Mato
0%
Brazil 14773 Sítio do Quinto
0%
Brazil 10830 Sítio Novo de Goiás
0%
Colombia 31706 Sitionuevo
0%
Bahrain 20000 Sitrah
0%
Burma 100748 Sittwe
0%
Nicaragua 64092 Siuna
0%
India 11634 Siur
0%
India 67864 Siuri
0%
India 90803 Sivaganga
0%
India 20160 Sivagiri
0%
India 17979 Sivagiri
0%
India 260047 Sivakāsi
0%
India 12705 Sivalārkulam
0%
India 9418 Sivamalai
0%
India 18241 Sivandipuram
0%
India 16047 Sivapuram
0%
Turkey 267942 Siverek
0%
Turkey 20087 Sivrihisar
0%
Egypt 23080 Sīwah
0%
India 135066 Siwān
0%
Thailand 11090 Si Wilai
0%
Costa Rica 1096 Sixaola
0%
France 36843 Six-Fours-les-Plages
0%
South Africa 36882 Siyabuswa
0%
India 44415 Siyāna
0%
India 11004 Siyāna
0%
China 38261 Siyang
0%
Azerbaijan 18655 Siyəzən
0%
China 730400 Sizhan
0%
Serbia 14060 Sjenica
0%
Sweden 19497 Sjöbo
0%
Ukraine 16969 Skadovsk
0%
Faroe Islands 150 Skálavík
0%
Slovakia 15471 Skalica
0%
Denmark 20079 Skanderborg
0%
Sweden 18580 Skara
0%
Pakistan 260000 Skardu
0%
Poland 78636 Skarżysko-Kamienna
0%
Poland 24177 Skawina
0%
Sweden 74402 Skellefteå
0%
Kosovo 50858 Skenderaj
0%
Tunisia 11912 Skhira
0%
Morocco 122705 Skhirate
0%
Morocco 15565 Skhour Rehamna
0%
United States 8553 Skiatook
0%
Belarus 9707 Skidal’
0%
United States 8907 Skidaway Island
0%
Norway 50607 Skien
0%
Poland 46437 Skierniewice
0%
Algeria 163318 Skikda
0%
Greece 10525 Skilloúnta
0%
United States 14443 Skippack
0%
Denmark 20176 Skive
0%
Slovenia 233 Škocjan
0%
Poland 13814 Skoczów
0%
Slovenia 11797 Škofja Loka
0%
Slovenia 3029 Škofljica
0%
Sweden 13265 Skoghall
0%
Russia 25708 Skopin
0%
Faroe Islands 446 Skopun
0%
Morocco 24053 Skoura
0%
Sweden 40422 Skövde
0%
Russia 6687 Skovorodino
0%
United States 8639 Skowhegan
0%
Lithuania 5346 Skuodas
0%
Faroe Islands 40 Skúvoy
0%
Ukraine 15165 Skvyra
0%
Poland 9272 Skwierzyna
0%
Greece 18325 Skýdra
0%
Denmark 34648 Slagelse
0%
Russia 33514 Slantsy
0%
Indonesia 8630 Slateng Dua
0%
Romania 63487 Slatina
0%
Croatia 11503 Slatina
0%
Russia 8958 Slavgorod
0%
Croatia 16681 Slavonski Brod
0%
Ukraine 34918 Slavuta
0%
Ukraine 24464 Slavutych
0%
Russia 52000 Slavyansk-na-Kubani
0%
Poland 12028 Sławno
0%
United Kingdom 19815 Sleaford
0%
United States 10592 Sleepy Hollow
0%
Netherlands 25597 Sliedrecht
0%
Malta 22591 Sliema
0%
Bulgaria 115241 Sliven
0%
Russia 29148 Slobodskoy
0%
Ukraine 14661 Slobozhanske
0%
Ukraine 13675 Slobozhanske
0%
Romania 41550 Slobozia
0%
Moldova 20000 Slobozia
0%
Belarus 48907 Slonim
0%
Slovenia 7249 Slovenj Gradec
0%
Slovenia 8219 Slovenska Bistrica
0%
Slovenia 5157 Slovenske Konjice
0%
Ukraine 105141 Sloviansk
0%
Netherlands 23386 Sluis
0%
Poland 13353 Słupca
0%
Belarus 60056 Slutsk
0%
Russia 18058 Slyudyanka
0%
United Kingdom 36898 Small Heath
0%
Belarus 35422 Smarhon
0%
Slovenia 1755 Šmarje
0%
Slovenia 492 Šmarješke Toplice
0%
Slovenia 1395 Šmartno
0%
Slovenia 636 Šmartno
0%
Serbia 97930 Smederevo
0%
Serbia 42192 Smederevska Palanka
0%
Ukraine 65675 Smila
0%
Latvia 5129 Smiltene
0%
Morocco 8883 Smimou
0%
Canada 9517 Smiths Falls
0%
Australia 3282 Smithton
0%
United States 10552 Smithville
0%
United States 9260 Smithville
0%
Slovakia 8838 Smižany
0%
Ukraine 9243 Smoline
0%
Bulgaria 34465 Smolyan
0%
Denmark 19780 Smørumnedre
0%
Vietnam 129801 Sầm Sơn
0%
United Kingdom 11868 Snaresbrook
0%
Netherlands 33855 Sneek
0%
United States 21203 Snellville
0%
Russia 50717 Snezhinsk
0%
Russia 10023 Snezhnogorsk
0%
Ukraine 9718 Sniatyn
0%
Ukraine 12045 Snihurivka
0%
Slovakia 18712 Snina
0%
Ukraine 49564 Snizhne
0%
United Kingdom 11830 Snodland
0%
United States 10177 Snohomish
0%
United States 13750 Snoqualmie
0%
Ukraine 10620 Snovsk
0%
United States 11310 Snyder
0%
Colombia 522442 Soacha
0%
Madagascar 10001 Soahany
0%
Madagascar 11719 Soalandy
0%
India 18655 Soalkuchi
0%
Madagascar 9000 Soamahamanina
0%
Madagascar 24003 Soamanandrariny
0%
Madagascar 9000 Soamanonga
0%
Madagascar 11000 Soamanova
0%
Madagascar 9000 Soanenga
0%
Madagascar 9000 Soanierana
0%
Madagascar 26990 Soanierana Ivongo
0%
Madagascar 21000 Soanindrariny
0%
India 9589 Soanpeta
0%
Madagascar 11000 Soaserana
0%
Indonesia 118613 Soasio
0%
Madagascar 10000 Soatanana
0%
Madagascar 10000 Soavimbahoaka
0%
Madagascar 15658 Soavina
0%
Madagascar 20000 Soavina Antanety
0%
Madagascar 40045 Soavinandriana
0%
Benin 76315 So-Awa
0%
India 8639 Sobhāpur
0%
Russia 17444 Sobinka
0%
Brazil 25475 Sobrado
0%
Portugal 16733 Sobrado de Paiva
0%
Brazil 210711 Sobral
0%
Portugal 10156 Sobral de Monte Agraço
0%
India 13720 Sobrāon
0%
Portugal 15166 Sobreda
0%
United States 24629 Socastee
0%
Poland 34439 Sochaczew
0%
El Salvador 11406 Sociedad
0%
Venezuela 110512 Socopó
0%
Colombia 9812 Socotá
0%
Vietnam 221430 Sóc Trăng
0%
Spain 12157 Socuéllamos
0%
India 15400 Sodāg
0%
United States 13117 Soddy-Daisy
0%
Japan 63975 Sodegaura
0%
Sweden 11761 Söderhamn
0%
Sweden 72704 Södertälje
0%
Ethiopia 254295 Sodo
0%
Slovenia 842 Sodražica
0%
Indonesia 41640 Soe
0%
Germany 48250 Soest
0%
Netherlands 46906 Soest
0%
Indonesia 2000 Sofifi
0%
Ukraine 25882 Sofiyivs’ka Borshchahivka
0%
India 9094 Sogām
0%
Colombia 116031 Sogamoso
0%
Norway 12198 Sogndal
0%
Philippines 47552 Sogod
0%
Philippines 39447 Sogod
0%
India 26205 Sogrāha
0%
Turkey 13566 Söğüt
0%
Turkey 14724 Söğütlü
0%
India 25040 Sohāgpur
0%
United Kingdom 10860 Soham
0%
India 20000 Sohāna
0%
Papua New Guinea 2338 Sohano
0%
India 53962 Sohna
0%
India 8709 Sohta
0%
India 16291 Sohtha
0%
India 25123 Sohwal
0%
India 10814 Sohwāl
0%
Belgium 27603 Soignies
0%
Angola 200920 Soio
0%
France 28667 Soissons
0%
France 18068 Soisy-sous-Montmorency
0%
India 100000 Sojat
0%
India 25000 Sojītra
0%
Ukraine 20373 Sokal
0%
Korea, South 79846 Sokcho
0%
Turkey 123301 Söke
0%
India 10599 Sokhodewara
0%
Georgia 64441 Sokhumi
0%
Benin 12278 Soklogbo
0%
Serbia 7982 Sokobanja
0%
Togo 189000 Sokodé
0%
Poland 17616 Sokółka
0%
Poland 18526 Sokołów Podlaski
0%
Senegal 14500 Sokone
0%
Benin 9493 Sokotindji
0%
Nigeria 427760 Sokoto
0%
Benin 11998 Sokouhoué
0%
Mali 42553 Sokoura
0%
Mali 26478 Sokoura
0%
Kyrgyzstan 30540 Sokuluk
0%
Ukraine 8547 Sokyriany
0%
Philippines 88445 Solana
0%
United States 12841 Solana Beach
0%
Brazil 26774 Solânea
0%
India 951558 Solāpur
0%
India 15620 Solapuram
0%
Italy 13854 Solaro
0%
Slovenia 208 Solčava
0%
Peru 10 Soldado Bartra
0%
United States 8675 Solebury
0%
Poland 15458 Solec Kujawski
0%
Mexico 23130 Soledad Atzompa
0%
Mexico 27770 Soledad de Doblado
0%
Mexico 332072 Soledad de Graciano Sánchez
0%
Brazil 29991 Soledade
0%
Brazil 13968 Soledade
0%
Ukraine 10490 Soledar
0%
Turkey 20217 Solhan
0%
Italy 15453 Soliera
0%
Russia 88789 Solikamsk
0%
Madagascar 14553 Solila
0%
Russia 11100 Sol’-Iletsk
0%
India 10311 Solim
0%
Tunisia 45053 Soliman
0%
India 10131 Solindābād
0%
Colombia 9139 Solita
0%
Sweden 8643 Sollefteå
0%
Spain 13744 Sóller
0%
France 12210 Solliès-Pont
0%
Russia 47514 Solnechnogorsk
0%
Italy 12053 Solofra
0%
Indonesia 68602 Solok
0%
Guatemala 99934 Sololá
0%
Guatemala 64772 Soloma
0%
Brazil 18179 Solonópole
0%
Ukraine 13254 Solonytsivka
0%
Switzerland 16777 Solothurn
0%
Denmark 17382 Solrød Strand
0%
Philippines 24851 Solsona
0%
Spain 9480 Solsona
0%
Germany 22040 Soltau
0%
Zambia 90856 Solwezi
0%
Hungary 11009 Solymár
0%
France 11902 Somain
0%
India 18895 Somandepalle
0%
Ghana 20596 Somanya
0%
India 8774 Somarasampettai
0%
Mali 69561 Somasso
0%
India 11275 Somavārappatti
0%
Serbia 51471 Sombor
0%
Mexico 21702 Sombrerete
0%
Brazil 29991 Sombrio
0%
Netherlands 19428 Someren
0%
South Africa 18825 Somerset East
0%
United States 10461 Somers Point
0%
United States 12060 Somersworth
0%
United States 14383 Somerton
0%
India 10268 Somireddipalle
0%
Italy 14460 Sommacampagna
0%
Italy 17767 Somma Lombardo
0%
Italy 33697 Somma Vesuviana
0%
Germany 19052 Sömmerda
0%
India 11147 Somnāha
0%
Nigeria 597400 Somolu
0%
Tajikistan 25200 Somoniyon
0%
Nicaragua 29030 Somotillo
0%
Nicaragua 33788 Somoto
0%
India 18778 Sompeta
0%
United Kingdom 8561 Sompting
0%
India 9530 Somvārpet
0%
India 58647 Sonabedha
0%
India 11635 Sonāda
0%
Bangladesh 20810 Sonāgāzi
0%
Honduras 43152 Sonaguera
0%
India 20000 Sonāimukh
0%
India 10582 Sonakhal
0%
India 29085 Sonāmukhi
0%
India 15746 Sonāpur
0%
India 11494 Sonāpur
0%
India 23102 Sonāri
0%
India 11143 Sonbāri
0%
India 20735 Sonbarsa
0%
India 12731 Sonbarsa
0%
Denmark 28137 Sønderborg
0%
India 11951 Sondho Dullāh
0%
India 19455 Sondiha
0%
Italy 21066 Sondrio
0%
Netherlands 17552 Son en Breugel
0%
India 23152 Sonepur
0%
India 229782 Songadh
0%
Vietnam 105780 Sông Cầu
0%
Vietnam 49000 Sông Đốc
0%
Tanzania 286285 Songea
0%
China 42000 Songhuajiangcun
0%
China 1909713 Songjiang
0%
China 54986 Songjiangcun
0%
Korea, South 918771 Sŏngnam
0%
Korea, North 128831 Songnim
0%
Mozambique 36523 Songo
0%
Angola 10579 Songo
0%
Thailand 12926 Song Phi Nong
0%
China 729332 Songyang
0%
China 654762 Songzi
0%
India 18671 Sonhauli
0%
India 402000 Sonīpat
0%
India 20529 Sonkach
0%
Mexico 11440 Sonoita
0%
United States 10726 Sonoma
0%
Indonesia 11807 Sonosari
0%
India 288102 Sonpur
0%
Iran 44256 Sonqor
0%
Germany 8819 Sonsbeck
0%
Spain 11328 Sonseca
0%
Spain 12261 Son Servera
0%
Colombia 36445 Sonsón
0%
El Salvador 71980 Sonsonate
0%
Benin 9501 Sonsoro
0%
Vietnam 230577 Sơn Tây
0%
United States 8576 Sonterra
0%
India 10917 Sontha
0%
Germany 22035 Sonthofen
0%
India 12105 Sonupur
0%
India 10338 Sonwān
0%
El Salvador 25005 Sonzacate
0%
Canada 15086 Sooke
0%
Spain 14940 Sopelana
0%
Colombia 14453 Sopetrán
0%
North Macedonia 690 Sopište
0%
Colombia 29120 Sopó
0%
Poland 35049 Sopot
0%
Hungary 98479 Sopron
0%
India 118608 Sopur
0%
United States 10691 Soquel
0%
India 9803 Sorab
0%
India 19335 Sorada
0%
India 8811 Sorala
0%
Kazakhstan 42058 Soran
0%
Bolivia 2217 Sorata
0%
Italy 9563 Sorbolo
0%
Indonesia 116780 Soreang
0%
Canada 36650 Sorel-Tracy
0%
Italy 8816 Soresina
0%
France 19030 Sorgues
0%
Turkey 55079 Sorgun
0%
Benin 21735 Sori
0%
Spain 40750 Soria
0%
Italy 8862 Sorisole
0%
India 36983 Soriyankuppam
0%
Iran 9951 Sorkheh
0%
Brazil 723574 Sorocaba
0%
Russia 17900 Sorochinsk
0%
Madagascar 12000 Sorombo
0%
Indonesia 295809 Sorong
0%
Mali 11107 Sorontona
0%
Uganda 60900 Soroti
0%
Brazil 110635 Sorriso
0%
Russia 10124 Sorsk
0%
Italy 14397 Sorso
0%
Philippines 182237 Sorsogon
0%
Russia 14787 Sortavala
0%
Kazakhstan 29000 Sortöbe
0%
Norway 12768 Sørum
0%
Faroe Islands 1100 Sørvágur
0%
India 9324 Sosale
0%
Korea, South 169221 Sŏsan
0%
Russia 11259 Sosenskiy
0%
Ukraine 10712 Sosnivka
0%
Russia 32411 Sosnogorsk
0%
Russia 12650 Sosnovoborsk
0%
Poland 193660 Sosnowiec
0%
Slovenia 2933 Šoštanj
0%
Dominican Republic 49593 Sosúa
0%
Mexico 35155 Soteapan
0%
India 11678 Sothgaon
0%
Kenya 10000 Sotik
0%
Kenya 5000 Sotik Post
0%
Colombia 20865 Sotomayor
0%
Togo 32464 Sotouboua
0%
India 28585 Sottaiyampālaiyam
0%
France 29039 Sotteville-lès-Rouen
0%
Algeria 17223 Souaflia
0%
Algeria 15536 Souagui
0%
Algeria 22245 Souahlia
0%
Morocco 12582 Souakene
0%
Algeria 9954 Souama
0%
Congo (Brazzaville) 10599 Souanké
0%
Mali 17961 Souba
0%
Burkina Faso 9423 Soubakaniédougou
0%
Mali 12332 Soubala
0%
Côte d’Ivoire 272773 Soubré
0%
Algeria 78956 Sougueur
0%
Algeria 155259 Souk Ahras
0%
Morocco 15205 Souk Et-Tleta des Oulad Hamdane
0%
Morocco 10187 Souk et Tnine Jorf el Mellah
0%
Morocco 24190 Souk Tlet El Gharb
0%
Mali 9885 Souleï
0%
Algeria 37461 Souma
0%
Belgium 16888 Soumagne
0%
Mali 16590 Soumpi
0%
Morocco 60293 Souq Sebt Oulad Nemma
0%
Morocco 11052 Souq Sebt Says
0%
Algeria 20625 Sour
0%
Brazil 24204 Soure
0%
Portugal 19245 Soure
0%
Algeria 50120 Sour el Ghozlane
0%
United States 9533 South Abington
0%
United Kingdom 78253 Southall
0%
United Kingdom 11967 Southborough
0%
United States 10441 Southborough
0%
United States 25585 South Bradenton
0%
United States 17806 Southbridge
0%
United States 46686 South Brunswick
0%
United States 13594 South Charleston
0%
United States 14149 Southchase
0%
Canada 10833 South Dundas
0%
United States 18131 Southeast
0%
United States 23984 South Elgin
0%
Australia 523 Southern Cross
0%
United States 16052 Southern Pines
0%
United States 21606 South Euclid
0%
United States 14953 South Farmingdale
0%
United States 18328 South Fayette
0%
Canada 20188 South Frontenac
0%
United States 109157 South Fulton
0%
Canada 13150 South Glengarry
0%
United States 17410 South Hadley
0%
United Kingdom 15948 South Hayling
0%
United States 21016 South Holland
0%
United States 10150 South Huntington
0%
Canada 10096 South Huron
0%
United States 32005 South Kingstown
0%
United States 27736 South Laurel
0%
United States 10464 South Lebanon
0%
United States 8660 South Lockport
0%
United States 8771 South Londonderry
0%
United States 151231 South Lyon
0%
United States 37525 South Miami Heights
0%
United States 16406 South Middleton
0%
United States 20547 South Milwaukee
0%
United Kingdom 10140 South Normanton
0%
United Kingdom 17670 South Ockendon
0%
United States 23801 Southold
0%
United States 18299 South Orange Village
0%
United States 13686 South Park
0%
United States 26297 South Pasadena
0%
United States 24231 South Plainfield
0%
United States 34200 South Riding
0%
United States 17451 South San Jose Hills
0%
Canada 13570 South Stormont
0%
United States 9631 South Strabane
0%
Philippines 29583 South Ubian
0%
United States 10693 South Union
0%
Philippines 43197 South Upi
0%
United States 36605 South Valley
0%
United States 17399 South Venice
0%
United Kingdom 11948 Southwater
0%
United States 21173 South Whitehall
0%
United States 55201 South Whittier
0%
United Kingdom 13195 Southwick
0%
United Kingdom 10535 Southwick
0%
United States 9222 Southwick
0%
United States 11642 South Yarmouth
0%
Brazil 14795 Souto Soares
0%
Romania 9703 Sovata
0%
Italy 8618 Soverato Marina
0%
Russia 38614 Sovetsk
0%
Russia 63 Sovetsk
0%
Russia 169 Sovetskaya Gavan’
0%
Russia 31138 Sovetskiy
0%
Kyrgyzstan 13178 Sovetskoe
0%
Italy 9853 Sovicille
0%
India 8785 Sowān
0%
Botswana 2914 Sowa Town
0%
United Kingdom 11703 Sowerby Bridge
0%
Iran 47083 Şowme‘eh Sarā
0%
India 48000 Soyāgaon
0%
Mexico 10890 Soyaló
0%
Mexico 13290 Soyaniquilpan
0%
El Salvador 284659 Soyapango
0%
France 10057 Soyaux
0%
Mali 20684 Soye
0%
Germany 13795 Spaichingen
0%
United Kingdom 30556 Spalding
0%
United States 10377 Spanish Fort
0%
United States 18183 Spanish Lake
0%
United States 17512 Spanish Springs
0%
Greece 7900 Spárti
0%
Russia 35096 Spassk-Dal’niy
0%
Greece 12991 Spáta
0%
United States 13622 Speedway
0%
Germany 10178 Spelle
0%
Germany 14389 Spenge
0%
United Kingdom 22428 Spennymoor
0%
Germany 12843 Spiesen-Elversberg
0%
Switzerland 12810 Spiez
0%
Netherlands 72740 Spijkenisse
0%
Italy 12825 Spilamberto
0%
Italy 11833 Spilimbergo
0%
Italy 27694 Spinea
0%
Slovakia 35431 Spišská Nová Ves
0%
Armenia 15000 Spitak
0%
United Kingdom 10286 Spitalfields
0%
Austria 15413 Spittal an der Drau
0%
Slovenia 2109 Spodnje Hoče
0%
Slovenia 1689 Spodnji Duplek
0%
Italy 36271 Spoleto
0%
Italy 19012 Spoltore
0%
United Kingdom 12377 Spondon
0%
United States 11073 Spout Springs
0%
Switzerland 11788 Spreitenbach
0%
Germany 21497 Spremberg
0%
Italy 12242 Spresiano
0%
Belgium 14645 Sprimont
0%
South Africa 12790 Springbok
0%
United States 19577 Springboro
0%
United States 14967 Spring Creek
0%
Germany 29258 Springe
0%
United States 27088 Springettsbury
0%
United States 13668 Spring Garden
0%
United States 11613 Spring Lake
0%
United States 10098 Spring Valley Lake
0%
Canada 21701 Springwater
0%
Germany 24956 Sprockhövel
0%
Canada 39348 Spruce Grove
0%
Canada 23819 Squamish
0%
Italy 13482 Squinzano
0%
Serbia 14357 Srbobran
0%
Bosnia and Herzegovina 13409 Srebrenica
0%
Bosnia and Herzegovina 39678 Srebrenik
0%
Bulgaria 8504 Sredets
0%
Slovenia 984 Središče ob Dravi
0%
Russia 3118 Srednekolymsk
0%
Russia 23651 Sredneuralsk
0%
Poland 28835 Śrem
0%
Serbia 21001 Sremčica
0%
Serbia 14205 Sremska Kamenica
0%
Serbia 72580 Sremska Mitrovica
0%
Serbia 8750 Sremski Karlovci
0%
Lebanon 10000 Srîfa
0%
India 18394 Srikhanda
0%
India 10345 Srikrishnapur
0%
India 16973 Srīkūrmam
0%
India 31366 Sri Mādhopur
0%
India 15829 Srīmushnam
0%
India 1180570 Srīnagar
0%
India 37911 Srīnagar
0%
India 14454 Srīnagar
0%
India 12167 Srīnagar
0%
India 26793 Srīnivāspur
0%
India 21325 Srīperumbūdūr
0%
Bangladesh 132948 Srīpur
0%
India 10995 Srīpur
0%
India 8766 Srīrāmapuram
0%
India 11791 Srīrāmpuram
0%
India 8589 Srīrangāpur
0%
India 10288 Srīsailain
0%
India 21411 Srīvaikuntam
0%
India 15123 Srīvardhan
0%
India 75396 Srīvilliputtūr
0%
Poland 9525 Środa Śląska
0%
Poland 24225 Środa Wielkopolska
0%
India 28304 Srungavarapukota
0%
India 23412 Srvanampatti
0%
Belgium 18529 Stabroek
0%
Belgium 11376 Staden
0%
Netherlands 31789 Stadskanaal
0%
Germany 21733 Stadtallendorf
0%
Germany 22924 Stadthagen
0%
Germany 20791 Stadtlohn
0%
Switzerland 14389 Stäfa
0%
Sweden 31718 Staffanstorp
0%
Germany 16266 Stahnsdorf
0%
United Kingdom 18484 Staines-upon-Thames
0%
France 40600 Stains
0%
Austria 8686 Stainz
0%
Ukraine 74546 Stakhanov
0%
Canada 68232 St. Albert
0%
United States 16495 Stallings
0%
Poland 57620 Stalowa Wola
0%
United Kingdom 26830 Stalybridge
0%
Bulgaria 11282 Stamboliyski
0%
South Africa 84383 Standerton
0%
United Kingdom 13278 Standish
0%
United States 10517 Standish
0%
United Kingdom 28765 Stanford le Hope
0%
Norway 21356 Stange
0%
United Kingdom 23700 Stanmore
0%
United Kingdom 18607 Stannington
0%
United States 11163 Stansbury Park
0%
United Kingdom 8691 Stansted Mountfitchet
0%
United Kingdom 11279 Stanwell
0%
Ukraine 12258 Stanytsia Luhanska
0%
Algeria 38915 Staoueli
0%
Netherlands 17261 Staphorst
0%
United Kingdom 15453 Stapleford
0%
Poland 46270 Starachowice
0%
Bosnia and Herzegovina 36976 Stara Gora
0%
Slovakia 15707 Stará Ľubovňa
0%
Serbia 71931 Stara Pazova
0%
Slovakia 8724 Stará Turá
0%
Russia 23553 Staraya Kupavna
0%
Russia 27487 Staraya Russa
0%
Bulgaria 142746 Stara Zagora
0%
North Macedonia 105 Star Dojran
0%
Poland 67348 Stargard Szczeciński
0%
Slovenia 838 Stari Trg
0%
Ukraine 15947 Starobilsk
0%
Russia 17687 Starodub
0%
Poland 46373 Starogard Gdański
0%
Ukraine 33921 Starokostiantyniv
0%
North Macedonia 493 Staro Nagoričane
0%
Russia 10 Starorybnoye
0%
Slovenia 757 Starše
0%
Poland 8746 Stary Sącz
0%
Belarus 10898 Staryya Darohi
0%
Kazakhstan 32452 Staryy Beyneu
0%
Russia 217107 Staryy Oskol
0%
Germany 23963 Staßfurt
0%
Poland 14158 Staszów
0%
United States 29161 Statesville
0%
Morocco 19013 Station des Essais M.V.A.
0%
Moldova 8694 Stăuceni
0%
Germany 8630 Staufenberg
0%
Germany 8553 Staufen im Breisgau
0%
United States 9921 St. Augustine Shores
0%
United States 25765 Staunton
0%
United Kingdom 18428 Staveley
0%
Greece 45891 Stavroúpoli
0%
Australia 5627 Stawell
0%
Canada 242460 St. Catharines
0%
Canada 14659 St. Clair
0%
United States 58287 St. Clair Shores
0%
Canada 11586 St. Clements
0%
Ukraine 20200 Stebnyk
0%
Netherlands 25054 Steenbergen
0%
Belgium 12090 Steenokkerzeel
0%
Switzerland 15709 Steffisburg
0%
Switzerland 17630 Stegen
0%
United States 9449 Steger
0%
Morocco 11452 Steha
0%
Germany 10381 Steinau an der Straße
0%
Germany 10869 Steinbach am Taunus
0%
Germany 14851 Stein bei Nürnberg
0%
United States 18683 Steiner Ranch
0%
Germany 10509 Steinfeld
0%
Germany 20885 Steinhagen
0%
Switzerland 10025 Steinhaus
0%
Germany 12643 Steinheim
0%
Germany 8946 Steinheim am Albuch
0%
Germany 12082 Steinheim am der Murr
0%
Norway 12985 Steinkjer
0%
Belgium 18352 Stekene
0%
Germany 38946 Stendal
0%
Sweden 9987 Stenungsund
0%
Armenia 23782 Stepanavan
0%
Germany 10872 Stephanskirchen
0%
United States 21345 Stephenville
0%
United Kingdom 16238 Stepney
0%
Kazakhstan 46712 Stepnogorsk
0%
Russia 277410 Sterlitamak
0%
United States 18144 Steubenville
0%
United States 21317 Stevenson Ranch
0%
United States 8693 Stevensville
0%
South Africa 9106 Steynsrus
0%
Italy 13484 Stezzano
0%
Algeria 11965 Stidia
0%
South Africa 17942 Stilfontein
0%
Ireland 18212 Stillorgan
0%
North Macedonia 42000 Štip
0%
France 11048 Stiring-Wendel
0%
Norway 24541 Stjørdal
0%
Norway 13032 Stjørdalshalsen
0%
United States 49541 St. Louis Park
0%
Germany 17402 Stockach
0%
Germany 17022 Stockelsdorf
0%
Austria 16916 Stockerau
0%
United Kingdom 13301 Stocksbridge
0%
United Kingdom 19781 Stoke Gifford
0%
Bosnia and Herzegovina 14889 Stolac
0%
Germany 56584 Stolberg
0%
Belarus 13785 Stolin
0%
Germany 11033 Stollberg
0%
United States 9164 Stonegate
0%
United States 22986 Stoneham
0%
Canada 9682 Stoneham-et-Tewkesbury
0%
United States 16340 Stone Ridge
0%
United States 12827 Stony Brook
0%
United States 9138 Stony Brook University
0%
Canada 17993 Stony Plain
0%
United States 14793 Stony Point
0%
Norway 19098 Stord
0%
Slovenia 2257 Štore
0%
Ukraine 14077 Storozhynets
0%
United States 13502 Storrs
0%
United Kingdom 9136 Stotfold
0%
Canada 49864 Stouffville
0%
United States 29074 Stoughton
0%
United States 13063 Stoughton
0%
United Kingdom 63298 Stourbridge
0%
Denmark 9190 Støvring
0%
United States 34317 Stow
0%
Belarus 17737 Stowbtsy
0%
United Kingdom 21406 Stowmarket
0%
United States 8832 St. Pete Beach
0%
Italy 13829 Strada
0%
Italy 11425 Stradella
0%
Germany 16544 Straelen
0%
Bulgaria 12781 Straldzha
0%
Norway 13474 Strand
0%
Sweden 38526 Strängnäs
0%
Austria 10009 Strasshof an der Nordbahn
0%
Canada 14339 Strathmore
0%
Canada 16056 Strathroy
0%
Canada 23871 Strathroy-Caradoc
0%
United Kingdom 21005 Stratton Saint Margaret
0%
Germany 27780 Strausberg
0%
Australia 967 Streaky Bay
0%
United States 39055 Streamwood
0%
United Kingdom 58055 Streatham
0%
United States 12274 Streator
0%
United Kingdom 12712 Street
0%
United Kingdom 13934 Streetly
0%
United States 17514 Streetsboro
0%
Romania 9059 Strehaia
0%
Russia 10 Strelka
0%
Faroe Islands 800 Strendur
0%
United Kingdom 46910 Stretford
0%
Russia 39169 Strezhevoy
0%
Italy 8860 Striano
0%
Netherlands 8793 Strijen
0%
Russia 23780 Stroitel
0%
Belgium 11500 Strombeek-Bever
0%
United States 46022 Strongsville
0%
United Kingdom 40000 Strood
0%
Slovakia 10067 Stropkov
0%
United States 19797 Stroud
0%
United Kingdom 13468 Stroud
0%
Denmark 10112 Struer
0%
North Macedonia 15009 Struga
0%
North Macedonia 33825 Strumica
0%
Russia 11774 Strunino
0%
United States 9995 Struthers
0%
Ukraine 59425 Stryi
0%
Ukraine 9000 Stryzhavka
0%
Poland 15371 Strzegom
0%
Poland 9912 Strzelce Krajeńskie
0%
Poland 17512 Strzelce Opolskie
0%
Poland 12131 Strzelin
0%
United States 16026 St. Simons
0%
United States 11920 Stuarts Draft
0%
North Macedonia 59 Studeničani
0%
Czechia 9309 Studénka
0%
Germany 34176 Stuhr
0%
Cambodia 29665 Stung Treng
0%
Slovakia 12685 Stupava
0%
Russia 63506 Stupino
0%
United States 9889 Sturbridge
0%
United States 9702 Sturgeon Bay
0%
Slovakia 9777 Štúrovo
0%
South Africa 24673 Stutterheim
0%
Timor-Leste 25000 Suai
0%
Colombia 10006 Suaita
0%
United States 13003 Suamico
0%
Colombia 9344 Suan
0%
Spain 9092 Suances
0%
Taiwan 37602 Su’ao
0%
Oman 221000 Şuḩār
0%
Colombia 21119 Suaza
0%
Colombia 16117 Subachoque
0%
Indonesia 141038 Subang
0%
Syria 23867 Subaykhān
0%
Philippines 111912 Subic
0%
Serbia 29919 Subotica
0%
Indonesia 78801 Subulussalam
0%
Philippines 56354 Sucat
0%
United States 9866 Succasunna
0%
Romania 119694 Suceava
0%
Poland 8951 Sucha Beskidzka
0%
Poland 10392 Suchanino
0%
Mexico 19571 Suchiapa
0%
India 15908 Suchindram
0%
El Salvador 24786 Suchitoto
0%
Germany 15941 Süchteln
0%
Ecuador 10846 Sucúa
0%
China 58300 Sucun
0%
Brazil 10238 Sucupira do Norte
0%
France 27593 Sucy-en-Brie
0%
Ukraine 16492 Sudak
0%
Philippines 17187 Sudipen
0%
United States 18420 Sudley
0%
Germany 9738 Südlohn
0%
Russia 10408 Sudogda
0%
Spain 28480 Sueca
0%
Colombia 17318 Suesca
0%
United States 11395 Suffern
0%
Iran 9963 Şūfīān
0%
India 9073 Suganwān
0%
India 18883 Sugaon
0%
United States 9233 Sugar Grove
0%
United States 12920 Sugarland Run
0%
United States 10871 Sugarmill Woods
0%
India 12842 Sugauna
0%
Philippines 9764 Sugbongkogon
0%
India 16001 Sughrāin
0%
Japan 583609 Suginami-ku
0%
Japan 43755 Sugito
0%
India 10751 Suhāgi
0%
Egypt 193931 Sūhāj
0%
Kosovo 59722 Suharekë
0%
Mongolia 19224 Sühbaatar
0%
India 9898 Suhiya
0%
Ghana 126403 Suhum
0%
Turkey 15054 Şuhut
0%
China 60000 Suifenhe
0%
China 3756167 Suihua
0%
China 57789 Suileng
0%
China 2814196 Suining
0%
United States 29205 Suisun City
0%
United States 24667 Suitland
0%
India 101528 Sūjāngarh
0%
India 50000 Sujānpur
0%
India 9325 Sujāpur
0%
Pakistan 38736 Sujawal
0%
Tajikistan 16543 Sujina
0%
India 20000 Sujnipur
0%
Indonesia 320970 Sukabumi
0%
India 8550 Sukand
0%
India 18982 Sukhāsan
0%
India 13477 Sukhāsan
0%
Pakistan 42626 Sukheke Mandi
0%
Russia 14407 Sukhinichi
0%
Ukraine 20390 Sukhodilsk
0%
Thailand 35713 Sukhothai
0%
Russia 32461 Sukhoy Log
0%
India 17978 Sukhsena
0%
India 9795 Sukhsena
0%
India 9183 Sukkāmpatti
0%
Pakistan 499900 Sukkur
0%
India 13926 Sukma
0%
India 14027 Suknadānga
0%
Libya 9887 Sūknah
0%
Tunisia 153307 Sukrah
0%
Albania 15966 Sukth
0%
Japan 19292 Sukumo
0%
India 11650 Sukurhutu
0%
Gambia, The 40675 Sukuta
0%
India 10121 Sūlagiri
0%
India 8853 Sulahpet
0%
Philippines 15758 Sulat
0%
Poland 16063 Sulechów
0%
Poland 9978 Sulęcin
0%
Poland 21248 Sulejówek
0%
India 24038 Sūleswaranpatti
0%
India 9587 Sūlibele
0%
Germany 13430 Sulingen
0%
Peru 162434 Sullana
0%
India 49500 Sulleru
0%
Italy 22175 Sulmona
0%
Philippines 35151 Sulop
0%
Turkey 358201 Sultanbeyli
0%
India 52892 Sultānganj
0%
Turkey 10958 Sultanhanı
0%
Turkey 20230 Sultanhisar
0%
Philippines 105121 Sultan Kudarat
0%
India 20553 Sultanpur
0%
India 107640 Sultānpur
0%
India 11507 Sultānpur
0%
India 11124 Sultānpur
0%
India 9881 Sultānpur
0%
India 163716 Sultānpur Mazra
0%
Pakistan 13413 Sultanpur Mor
0%
Mexico 24986 Sultepec
0%
Uzbekistan 20000 Sultonobod
0%
Tajikistan 16066 Sultonobod
0%
Kyrgyzstan 13378 Sülüktü
0%
Turkey 39286 Suluova
0%
India 27504 Sūlūru
0%
India 23796 Sulya
0%
Germany 12760 Sulz am Neckar
0%
Germany 19548 Sulzbach-Rosenberg
0%
Brazil 265955 Sumaré
0%
India 14064 Sumbal
0%
Czechia 15668 Šumbark
0%
Indonesia 63362 Sumbawa Besar
0%
Tanzania 303986 Sumbawanga
0%
Angola 279968 Sumbe
0%
Indonesia 102973 Sumber
0%
India 13246 Sumbha
0%
Indonesia 1240000 Sumedang
0%
Indonesia 84656 Sumenep
0%
Japan 272085 Sumida
0%
Brazil 15206 Sumidouro
0%
Philippines 29531 Sumilao
0%
Philippines 47345 Sumisip
0%
United States 15635 Summerfield
0%
United States 11031 Summerfield
0%
Canada 11615 Summerland
0%
United States 30075 Summerlin South
0%
Canada 16001 Summerside
0%
South Africa 12614 Summerstrand
0%
United States 8545 Summit Park
0%
United States 9014 Summit View
0%
Japan 41056 Sumoto
0%
Guatemala 46082 Sumpango
0%
Azerbaijan 341200 Sumqayıt
0%
India 10752 Sunadkuppi
0%
Japan 16513 Sunagawa
0%
India 124590 Sunām
0%
Bangladesh 50664 Sunāmganj
0%
Egypt 20599 Sunbāţ
0%
Australia 36084 Sunbury
0%
United Kingdom 18041 Sunbury
0%
United States 9643 Sunbury
0%
Argentina 20537 Sunchales
0%
Korea, South 265390 Suncheon
0%
Korea, North 437000 Sunch’ŏn
0%
United States 31801 Sun City Center
0%
United States 27003 Sun City West
0%
India 63724 Sundapālaiyam
0%
India 9709 Sundarapāndiyam
0%
India 24112 Sundararaopeta
0%
India 45036 Sundargarh
0%
India 24344 Sundarnagar
0%
India 15591 Sundarpur
0%
India 9471 Sundarsi
0%
India 9960 Sūndekuppam
0%
Germany 27783 Sundern
0%
Indonesia 14088 Sungai Guntung
0%
Thailand 38612 Su-ngai Kolok
0%
Indonesia 100750 Sungailiat
0%
Indonesia 101325 Sungai Penuh
0%
Malaysia 544851 Sungai Petani
0%
Indonesia 35495 Sungaiselam
0%
India 9156 Sungal
0%
China 38542 Sungandiancun
0%
Thailand 10061 Sung Noen
0%
Angola 61682 Sungo
0%
Bulgaria 12559 Sungurlare
0%
Turkey 30275 Sungurlu
0%
China 13408 Sunjiayan
0%
India 11528 Sunkarevu
0%
United States 14079 Sun Lakes
0%
Sweden 13000 Sunne
0%
United Kingdom 11603 Sunninghill
0%
United States 22125 Sunny Isles Beach
0%
United States 16329 Sunnyside
0%
United States 36455 Sun Prairie
0%
United States 13652 Sunset
0%
United States 9113 Sunset Hills
0%
Russia 10035 Suntar
0%
United States 11009 Sun Village
0%
Ghana 208496 Sunyani
0%
China 730135 Suohe
0%
China 23499 Suonan
0%
Cambodia 35054 Suong
0%
Japan 14605 Suō-Ōshima
0%
India 2229076 Supaul
0%
India 20747 Supaul
0%
Colombia 27489 Supía
0%
China 4719178 Suqian
0%
India 290998 Surajgarha
0%
India 14502 Surajpura
0%
Iran 9208 Sūrak
0%
Philippines 89340 Surallah
0%
India 100000 Suramāla
0%
India 41782 Sūrampatti
0%
Iran 13580 Sūrān
0%
Syria 29100 Şūrān
0%
India 35272 Sūrandai
0%
Slovakia 9562 Šurany
0%
India 16102 Sūrappalli
0%
India 70536 Sūratgarh
0%
Russia 11176 Surazh
0%
United Kingdom 45132 Surbiton
0%
Italy 14695 Surbo
0%
Serbia 45452 Surčin
0%
Serbia 22190 Surdulica
0%
India 75755 Surendranagar
0%
Iran 12308 Sūreshjān
0%
France 48932 Suresnes
0%
Russia 395900 Surgut
0%
India 106805 Suriāpet
0%
Philippines 171107 Surigao
0%
Thailand 39179 Surin
0%
Mauritius 10507 Surinam
0%
India 9845 Surīr
0%
India 10171 Surla
0%
Turkey 25950 Sürmene
0%
Pakistan 10000 Surmon Chogga Grong
0%
India 20000 Suroth
0%
Russia 18227 Surovikino
0%
India 21772 Surpur
0%
India 29688 Sursand
0%
Switzerland 9900 Sursee
0%
India 14134 Sur Singh
0%
Brazil 65647 Surubim
0%
Turkey 100961 Suruç
0%
Japan 20429 Susaki
0%
Iran 51431 Sūsangerd
0%
India 9196 Susāri
0%
Italy 11792 Susegana
0%
Turkey 15960 Suşehri
0%
India 17727 Susner
0%
Japan 50510 Susono
0%
United States 26870 Susquehanna
0%
Argentina 1093 Susques
0%
Russia 11057 Susuman
0%
Turkey 37724 Susurluk
0%
India 10032 Suthālia
0%
United States 8574 Sutherlin
0%
India 13977 Sutihār
0%
India 8679 Suttamalli
0%
United Kingdom 36404 Sutton in Ashfield
0%
United Kingdom 12649 Sutton on Hull
0%
Azerbaijan 14992 Şüvəlan
0%
Russia 17598 Suvorov
0%
United States 21811 Suwanee
0%
Thailand 9183 Suwannaphum
0%
India 14505 Suwāsra
0%
Korea, South 1234300 Suwon
0%
Philippines 10766 Suyo
0%
Kyrgyzstan 30534 Suzak
0%
Japan 49393 Suzaka
0%
Brazil 228690 Suzano
0%
Russia 9286 Suzdal
0%
Japan 48532 Suzukawa
0%
Italy 20979 Suzzara
0%
Ukraine 17068 Svalyava
0%
Ukraine 16145 Svatove
0%
Cambodia 19042 Svay Pak
0%
Cambodia 41424 Svay Rieng
0%
Sweden 10627 Svedala
0%
Lithuania 4480 Švenčionys
0%
Denmark 27594 Svendborg
0%
Slovenia 2285 Sveta Ana
0%
Croatia 18221 Sveta Nedjelja
0%
Slovenia 754 Sveta Trojica v Slovenskih Goricah
0%
Croatia 14602 Sveti Ivan Zelina
0%
Slovenia 209 Sveti Jurij
0%
North Macedonia 11728 Sveti Nikole
0%
Russia 16771 Svetlogorsk
0%
Russia 21054 Svetlyy
0%
Russia 13419 Svetogorsk
0%
Slovakia 10168 Svidník
0%
Serbia 23391 Svilajnac
0%
Bulgaria 18129 Svilengrad
0%
Russia 12750 Svirsk
0%
Bulgaria 22584 Svishtov
0%
Ukraine 11127 Svitlodarsk
0%
Ukraine 43130 Svitlovodsk
0%
Russia 48789 Svobodnyy
0%
Norway 4686 Svolvær
0%
Serbia 14249 Svrljig
0%
Belarus 62602 Svyetlahorsk
0%
Pakistan 115018 Swabi
0%
United Kingdom 34576 Swadlincote
0%
United Kingdom 8565 Swaffham
0%
Namibia 34300 Swakopmund
0%
United Kingdom 15022 Swallownest
0%
India 9216 Swāmimalai
0%
United States 15209 Swampscott
0%
United Kingdom 9426 Swanage
0%
Australia 9864 Swan Hill
0%
India 10928 Swarna
0%
Poland 29295 Swarzędz
0%
United States 27764 Swatara
0%
Ghana 68216 Swedru
0%
United States 9977 Sweet Home
0%
United States 19544 Sweetwater
0%
United States 10484 Sweetwater
0%
South Africa 4676 Swellendam
0%
Poland 54792 Świdnica
0%
Poland 37884 Świdnik
0%
Poland 14937 Świdwin
0%
Poland 22219 Świebodzice
0%
Poland 24796 Świecie
0%
Poland 21399 Świedbodzin
0%
Malta 10064 Swieqi
0%
Poland 46494 Świętochłowice
0%
Canada 16750 Swift Current
0%
Poland 39189 Świnoujście
0%
United Kingdom 22931 Swinton
0%
United Kingdom 15559 Swinton
0%
Russia 12283 Syasstroy
0%
United States 18243 Sycamore
0%
Poland 10102 Syców
0%
Canada 12353 Sydney Mines
0%
Germany 24956 Syke
0%
Greece 35545 Sykiés
0%
Russia 245083 Syktyvkar
0%
United States 19038 Sylvania
0%
Canada 16142 Sylvan Lake
0%
Ukraine 29651 Synelnykove
0%
United States 18274 Syosset
0%
Russia 20436 Sysert
0%
United Kingdom 13619 Syston
0%
Ukraine 9460 Syurte
0%
Russia 161609 Syzran
0%
Poland 18398 Szamotuły
0%
Hungary 14464 Szarvas
0%
Hungary 17971 Százhalombatta
0%
Poland 38446 Szczecinek
0%
Hungary 29707 Szekszárd
0%
Hungary 28444 Szentendre
0%
Hungary 24905 Szentes
0%
Hungary 18331 Szigethalom
0%
Hungary 40069 Szigetszentmiklós
0%
Hungary 9496 Szigetvár
0%
Hungary 66426 Szolnok
0%
Poland 11068 Szprotawa
0%
Poland 9515 Sztum
0%
Poland 9563 Szubin
0%
Poland 10959 Szydłowiec
0%
No matching quizzes found
Score Distribution
Percent of People with Each Score
Percentile by Number Answered
Your Score History
You have not taken this quiz